{"text_format":"3","workbook":"xlsx","n_sheets":4,"sheets":["List1","List1 (2)","List1 (3)","export pro SCS"],"read":"whole","date_system":"1900"}

{"sheet":"List1","index":0,"n_rows":134,"n_cols":65,"rows_kept":134,"merged":[[1,1,1,9],[1,11,1,21],[6,4,6,7],[8,4,8,7],[17,4,17,7],[26,4,26,7],[47,4,47,7],[49,4,49,7],[73,4,73,7],[75,4,75,7]]}
[]
[null,"Příloha č.1 Změnového listu č.1 - Rozdílový rozpočet",{"$nulls":9},">>  skryté sloupce  <<",{"$nulls":33},"{8f0ec156-bcd2-4a7d-94f7-4455f5464583}"]
[{"$nulls":45},"2"]
[{"$nulls":3},"KRYCÍ LIST SOUPISU PRACÍ",{"$nulls":8},"v ---  níže se nacházejí doplnkové a pomocné údaje k sestavám  --- v",{"$nulls":32},"False"]
[]
[{"$nulls":3},"Stavba:"]
[{"$nulls":4},"Kladská stezka, úsek Jaroměř - Rychnovek"]
[{"$nulls":3},"Objekt:"]
[{"$nulls":4},"SO 201 - Lávka přes Úpu"]
[]
[{"$nulls":3},"KSO:",null,"",null,null,"CC-CZ:",""]
[{"$nulls":3},"Místo:",null," ",null,null,"Datum:","2023-12-04"]
[]
[{"$nulls":3},"Zadavatel:",{"$nulls":4},"IČ:",""]
[{"$nulls":4},"Dobrovolný spolek Kladská stezka",{"$nulls":3},"DIČ:",""]
[]
[{"$nulls":3},"Uchazeč:",{"$nulls":4},"IČ:","48035599"]
[{"$nulls":4},"SWIETELSKY stavební s.r.o.",{"$nulls":3},"DIČ:","CZ48035599"]
[]
[{"$nulls":3},"Projektant:",{"$nulls":4},"IČ:",""]
[{"$nulls":4},"Hronovský – dopravní projekce s.r.o.",{"$nulls":3},"DIČ:",""]
[]
[{"$nulls":3},"Zpracovatel:",{"$nulls":4},"IČ:",""]
[{"$nulls":4},"Kamil Hronovský ",{"$nulls":3},"DIČ:",""]
[]
[{"$nulls":3},"Poznámka:"]
[{"$nulls":4},""]
[]
[]
[{"$nulls":3},"Cena bez DPH",{"$nulls":5},{"$f":"J59","v":{"v":3671577.9498,"d":"3,671,577.95"}}]
[]
[{"$nulls":5},"Základ daně",null,null,"Sazba daně","Výše daně"]
[{"$nulls":3},"DPH","základní",{"$f":"ROUND((SUM(BE84:BE134)),  2)","v":{"v":3652454.14,"d":"3,652,454.14"}},null,null,{"v":0.21,"d":"21.00%"},{"$f":"ROUND(((SUM(BE84:BE134))*I33),  2)","v":{"v":767015.37,"d":"767,015.37"}}]
[{"$nulls":4},"snížená",{"$f":"ROUND((SUM(BF84:BF134)),  2)","v":{"v":0,"d":"0.00"}},null,null,{"v":0.15,"d":"15.00%"},{"$f":"ROUND(((SUM(BF84:BF134))*I34),  2)","v":{"v":0,"d":"0.00"}}]
[{"$nulls":4},"zákl. přenesená",{"$f":"ROUND((SUM(BG84:BG134)),  2)","v":{"v":0,"d":"0.00"}},null,null,{"v":0.21,"d":"21.00%"},{"$f":"0","v":{"v":0,"d":"0.00"}}]
[{"$nulls":4},"sníž. přenesená",{"$f":"ROUND((SUM(BH84:BH134)),  2)","v":{"v":0,"d":"0.00"}},null,null,{"v":0.15,"d":"15.00%"},{"$f":"0","v":{"v":0,"d":"0.00"}}]
[{"$nulls":4},"nulová",{"$f":"ROUND((SUM(BI84:BI134)),  2)","v":{"v":0,"d":"0.00"}},null,null,{"v":0,"d":"0.00%"},{"$f":"0","v":{"v":0,"d":"0.00"}}]
[]
[{"$nulls":3},"Cena s DPH",null,null,"v","CZK",null,{"$f":"SUM(J30:J37)","v":{"v":4438593.3198,"d":"4,438,593.32"}}]
[]
[]
[]
[]
[]
[null,null,"REKAPITULACE ČLENĚNÍ SOUPISU PRACÍ"]
[]
[null,null,"Stavba:"]
[{"$nulls":4},{"$f":"E7","v":"Kladská stezka, úsek Jaroměř - Rychnovek"}]
[null,null,"Objekt:"]
[{"$nulls":4},{"$f":"E9","v":"SO 201 - Lávka přes Úpu"}]
[]
[null,null,"Místo:",null,null,{"$f":"F12","v":" "},null,null,"Datum:","2024-07-16"]
[]
[null,null,"Zadavatel:",null,null,{"$f":"E15","v":"Dobrovolný spolek Kladská stezka"},null,null,"Projektant:",{"$f":"E21","v":"Hronovský – dopravní projekce s.r.o."}]
[null,null,"Uchazeč:",null,null,{"$f":"IF(E18=\"\",\"\",E18)","v":"SWIETELSKY stavební s.r.o."},null,null,"Zpracovatel:","Petr Škráček"]
[]
[null,null,"Kód dílu - Popis",{"$nulls":6},"Cena celkem po změně č.1 [CZK]"]
[]
[null,null,"Náklady stavby celkem",{"$nulls":6},{"$f":"AA84","v":{"v":3671577.9498,"d":"3,671,577.95"}},{"$nulls":36},"-1"]
[{"$nulls":3},"0 - Všeobecné konstrukce a práce",{"$nulls":5},{"$f":"AA85","v":{"v":350968.2,"d":"350,968.20"}}]
[{"$nulls":3},"1 - Zemní práce",{"$nulls":5},{"$f":"AA97","v":{"v":115397.64,"d":"115,397.64"}}]
[{"$nulls":3},"D1 - 2 Základy",{"$nulls":5},{"$f":"AA102","v":{"v":344821.98,"d":"344,821.98"}}]
[{"$nulls":3},"3 - Svislé konstrukce",{"$nulls":5},{"$f":"AA111","v":{"v":670847.3298000002,"d":"670,847.33"}}]
[{"$nulls":3},"4 - Vodorovné konstrukce",{"$nulls":5},{"$f":"AA119","v":{"v":2189542.8,"d":"2,189,542.80"}}]
[]
[]
[]
[]
[]
[]
[null,null,"SOUPIS PRACÍ"]
[]
[null,null,"Stavba:"]
[{"$nulls":4},{"$f":"E7","v":"Kladská stezka, úsek Jaroměř - Rychnovek"}]
[null,null,"Objekt:"]
[{"$nulls":4},{"$f":"E9","v":"SO 201 - Lávka přes Úpu"}]
[]
[null,null,"Místo:",null,null,{"$f":"F12","v":" "},null,null,"Datum:","2024-07-16"]
[]
[null,null,"Zadavatel:",null,null,{"$f":"E15","v":"Dobrovolný spolek Kladská stezka"},null,null,"Projektant:",{"$f":"E21","v":"Hronovský – dopravní projekce s.r.o."}]
[null,null,"Uchazeč:",null,null,{"$f":"IF(E18=\"\",\"\",E18)","v":"SWIETELSKY stavební s.r.o."},null,null,"Zpracovatel:","Petr Škráček"]
[]
[null,null,"PČ","Typ","Kód","Popis","MJ","Množství","J.cena [CZK]","Cena celkem [CZK]","Cenová soustava",null,"","DPH","J. Nh [h]","Nh celkem [h]","J. hmotnost [t]","Hmotnost celkem [t]","J. suť [t]","Suť Celkem [t]",null,null,"Množství navýšení","Cena celkem navýšení","Množství snížení","Cena celkem snížení","Celkem po změně č.1"]
[null,null,"Náklady soupisu celkem",{"$nulls":6},{"$f":"BK84","v":{"v":3652454.1399999997,"d":"3,652,454.14"}},{"$nulls":5},{"$f":"P85+P97+P102+P111+P119","v":{"v":0,"d":"0.00000"}},null,{"$f":"R85+R97+R102+R111+R119","v":{"v":0,"d":"0.00000"}},null,{"$f":"T85+T97+T102+T111+T119","v":{"v":0,"d":"0.00000"}},{"$nulls":3},{"$f":"X85+X97+X102+X111+X119","v":{"v":189237.75,"d":"189,237.75"}},null,{"$f":"Z85+Z97+Z102+Z111+Z119","v":{"v":-170113.9402,"d":"-170,113.94"}},{"$f":"AA85+AA97+AA102+AA111+AA119","v":{"v":3671577.9498,"d":"3,671,577.95"}},{"$nulls":18},"D","-1",{"$nulls":15},{"$f":"BK85+BK97+BK102+BK111+BK119","v":{"v":3652454.1399999997,"d":"3,652,454.14"}}]
[{"$nulls":3},"D","0","Všeobecné konstrukce a práce",{"$nulls":3},{"$f":"BK85","v":{"v":350968.2,"d":"350,968.20"}},{"$nulls":5},{"$f":"SUM(P86:P96)","v":{"v":0,"d":"0.00000"}},null,{"$f":"SUM(R86:R96)","v":{"v":0,"d":"0.00000"}},null,{"$f":"SUM(T86:T96)","v":{"v":0,"d":"0.00000"}},{"$nulls":3},{"$f":"SUM(X86:X96)","v":{"v":0,"d":"0.00"}},null,{"$f":"SUM(Z86:Z96)","v":{"v":0,"d":"0.00"}},{"$f":"SUM(AA86:AA96)","v":{"v":350968.2,"d":"350,968.20"}},{"$nulls":16},"1",null,"D","0",{"$nulls":3},"ROZPOCET",{"$nulls":11},{"$f":"SUM(BK86:BK96)","v":{"v":350968.2,"d":"350,968.20"}}]
[null,null,"1","K","14131","POPLATKY ZA SKLÁDKU TYP S-OO (OSTATNÍ ODPAD)","M3",{"v":210,"d":"210.000"},{"v":350.3,"d":"350.30"},{"$f":"ROUND(I86*H86,2)","v":{"v":73563,"d":"73,563.00"}},null,null,"","základní",null,{"$f":"O86*H86","v":{"v":0,"d":"0.00000"}},{"v":0,"d":"0.00000"},{"$f":"Q86*H86","v":{"v":0,"d":"0.00000"}},{"v":0,"d":"0.00000"},{"$f":"S86*H86","v":{"v":0,"d":"0.00000"}},null,null,{"v":0,"d":"0.000"},{"$f":"W86*I86","v":{"v":0,"d":"0.000"}},{"v":0,"d":"0.000"},{"$f":"Y86*I86","v":{"v":0,"d":"0.000"}},{"$f":"J86+X86+Z86","v":{"v":73563,"d":"73,563.00"}},{"$nulls":16},"4",null,"K","1",{"$nulls":3},"ROZPOCET",{"$nulls":5},{"$f":"IF(N86=\"základní\",J86,0)","v":{"v":73563,"d":"73,563.00"}},{"$f":"IF(N86=\"snížená\",J86,0)","v":{"v":0,"d":"0.00"}},{"$f":"IF(N86=\"zákl. přenesená\",J86,0)","v":{"v":0,"d":"0.00"}},{"$f":"IF(N86=\"sníž. přenesená\",J86,0)","v":{"v":0,"d":"0.00"}},{"$f":"IF(N86=\"nulová\",J86,0)","v":{"v":0,"d":"0.00"}},"1",{"$f":"ROUND(I86*H86,2)","v":{"v":73563,"d":"73,563.00"}},"4","2"]
[null,null,"2","K","02730","POMOC PRÁCE ZŘÍZ NEBO ZAJIŠŤ OCHRANU INŽENÝRSKÝCH SÍTÍ","SOUBOR",{"v":1,"d":"1.000"},{"v":32432.4,"d":"32,432.40"},{"v":32432.4,"d":"32,432.40"},null,null,"","základní",null,{"v":0,"d":"0.00000"},{"v":0,"d":"0.00000"},{"v":0,"d":"0.00000"},{"v":0,"d":"0.00000"},{"v":0,"d":"0.00000"},null,null,{"v":0,"d":"0.000"},{"v":0,"d":"0.000"},{"v":0,"d":"0.000"},{"v":0,"d":"0.000"},{"$f":"J87+X87+Z87","v":{"v":32432.4,"d":"32,432.40"}},{"$nulls":16},"4",null,"K","1",{"$nulls":3},"ROZPOCET",{"$nulls":5},{"v":32432.4,"d":"32,432.40"},{"v":0,"d":"0.00"},{"v":0,"d":"0.00"},{"v":0,"d":"0.00"},{"v":0,"d":"0.00"},"1",{"v":32432.4,"d":"32,432.40"},"4","4"]
[null,null,"3","K","02911","OSTATNÍ POŽADAVKY - GEODETICKÉ VYTÝČENÍ MOSTNÍ KONSTRUKCE","SOUBOR",{"v":1,"d":"1.000"},{"v":51891.9,"d":"51,891.90"},{"v":51891.9,"d":"51,891.90"},null,null,"","základní",null,{"v":0,"d":"0.00000"},{"v":0,"d":"0.00000"},{"v":0,"d":"0.00000"},{"v":0,"d":"0.00000"},{"v":0,"d":"0.00000"},null,null,{"v":0,"d":"0.000"},{"v":0,"d":"0.000"},{"v":0,"d":"0.000"},{"v":0,"d":"0.000"},{"v":51891.9,"d":"51,891.90"},{"$nulls":16},"4",null,"K","1",{"$nulls":3},"ROZPOCET",{"$nulls":5},{"v":51891.9,"d":"51,891.90"},{"v":0,"d":"0.00"},{"v":0,"d":"0.00"},{"v":0,"d":"0.00"},{"v":0,"d":"0.00"},"1",{"v":51891.9,"d":"51,891.90"},"4","6"]
[null,null,"4","K","02940","OSTATNÍ POŽADAVKY - GEODETICKÉ ZAMĚŘENÍ MOSTNÍ KONSTRUKCE V JTSK + VYHOTOVENÍ ZÁVĚREČNÉ ZPRÁVY","KČ",{"v":1,"d":"1.000"},{"v":37837.8,"d":"37,837.80"},{"v":37837.8,"d":"37,837.80"},null,null,"","základní",null,{"v":0,"d":"0.00000"},{"v":0,"d":"0.00000"},{"v":0,"d":"0.00000"},{"v":0,"d":"0.00000"},{"v":0,"d":"0.00000"},null,null,{"v":0,"d":"0.000"},{"v":0,"d":"0.000"},{"v":0,"d":"0.000"},{"v":0,"d":"0.000"},{"v":37837.8,"d":"37,837.80"},{"$nulls":16},"4",null,"K","1",{"$nulls":3},"ROZPOCET",{"$nulls":5},{"v":37837.8,"d":"37,837.80"},{"v":0,"d":"0.00"},{"v":0,"d":"0.00"},{"v":0,"d":"0.00"},{"v":0,"d":"0.00"},"1",{"v":37837.8,"d":"37,837.80"},"4","8"]
[null,null,"5","K","029412","OSTATNÍ POŽADAVKY - VYPRACOVÁNÍ MOSTNÍHO LISTU","KUS",{"v":1,"d":"1.000"},{"v":3243.2,"d":"3,243.20"},{"v":3243.2,"d":"3,243.20"},null,null,"","základní",null,{"v":0,"d":"0.00000"},{"v":0,"d":"0.00000"},{"v":0,"d":"0.00000"},{"v":0,"d":"0.00000"},{"v":0,"d":"0.00000"},null,null,{"v":0,"d":"0.000"},{"v":0,"d":"0.000"},{"v":0,"d":"0.000"},{"v":0,"d":"0.000"},{"v":3243.2,"d":"3,243.20"},{"$nulls":16},"4",null,"K","1",{"$nulls":3},"ROZPOCET",{"$nulls":5},{"v":3243.2,"d":"3,243.20"},{"v":0,"d":"0.00"},{"v":0,"d":"0.00"},{"v":0,"d":"0.00"},{"v":0,"d":"0.00"},"1",{"v":3243.2,"d":"3,243.20"},"4","10"]
[null,null,"6","K","02943","OSTATNÍ POŽADAVKY - VYPRACOVÁNÍ PROVÁDĚCÍ A VÝROBNÍ DOKUMENTACE MOSTNÍ KONSTRUKCE","SOUBOR",{"v":1,"d":"1.000"},{"v":35675.7,"d":"35,675.70"},{"v":35675.7,"d":"35,675.70"},null,null,"","základní",null,{"v":0,"d":"0.00000"},{"v":0,"d":"0.00000"},{"v":0,"d":"0.00000"},{"v":0,"d":"0.00000"},{"v":0,"d":"0.00000"},null,null,{"v":0,"d":"0.000"},{"v":0,"d":"0.000"},{"v":0,"d":"0.000"},{"v":0,"d":"0.000"},{"v":35675.7,"d":"35,675.70"},{"$nulls":16},"4",null,"K","1",{"$nulls":3},"ROZPOCET",{"$nulls":5},{"v":35675.7,"d":"35,675.70"},{"v":0,"d":"0.00"},{"v":0,"d":"0.00"},{"v":0,"d":"0.00"},{"v":0,"d":"0.00"},"1",{"v":35675.7,"d":"35,675.70"},"4","12"]
[null,null,"7","K","02944","OSTAT POŽADAVKY - DOKUMENTACE SKUTEČ PROVEDENÍ V DIGIT FORMĚ","KČ",{"v":1,"d":"1.000"},{"v":9729.7,"d":"9,729.70"},{"v":9729.7,"d":"9,729.70"},null,null,"","základní",null,{"v":0,"d":"0.00000"},{"v":0,"d":"0.00000"},{"v":0,"d":"0.00000"},{"v":0,"d":"0.00000"},{"v":0,"d":"0.00000"},null,null,{"v":0,"d":"0.000"},{"v":0,"d":"0.000"},{"v":0,"d":"0.000"},{"v":0,"d":"0.000"},{"v":9729.7,"d":"9,729.70"},{"$nulls":16},"4",null,"K","1",{"$nulls":3},"ROZPOCET",{"$nulls":5},{"v":9729.7,"d":"9,729.70"},{"v":0,"d":"0.00"},{"v":0,"d":"0.00"},{"v":0,"d":"0.00"},{"v":0,"d":"0.00"},"1",{"v":9729.7,"d":"9,729.70"},"4","14"]
[null,null,"8","K","02953","OSTATNÍ POŽADAVKY - HLAVNÍ MOSTNÍ PROHLÍDKA","KUS",{"v":1,"d":"1.000"},{"v":5405.4,"d":"5,405.40"},{"v":5405.4,"d":"5,405.40"},null,null,"","základní",null,{"v":0,"d":"0.00000"},{"v":0,"d":"0.00000"},{"v":0,"d":"0.00000"},{"v":0,"d":"0.00000"},{"v":0,"d":"0.00000"},null,null,{"v":0,"d":"0.000"},{"v":0,"d":"0.000"},{"v":0,"d":"0.000"},{"v":0,"d":"0.000"},{"v":5405.4,"d":"5,405.40"},{"$nulls":16},"4",null,"K","1",{"$nulls":3},"ROZPOCET",{"$nulls":5},{"v":5405.4,"d":"5,405.40"},{"v":0,"d":"0.00"},{"v":0,"d":"0.00"},{"v":0,"d":"0.00"},{"v":0,"d":"0.00"},"1",{"v":5405.4,"d":"5,405.40"},"4","16"]
[null,null,"9","K","02971","OSTAT POŽADAVKY - GEOTECHNICKÝ MONITORING NA POVRCHU","KPL",{"v":1,"d":"1.000"},{"v":1729.7,"d":"1,729.70"},{"v":1729.7,"d":"1,729.70"},null,null,"","základní",null,{"v":0,"d":"0.00000"},{"v":0,"d":"0.00000"},{"v":0,"d":"0.00000"},{"v":0,"d":"0.00000"},{"v":0,"d":"0.00000"},null,null,{"v":0,"d":"0.000"},{"v":0,"d":"0.000"},{"v":0,"d":"0.000"},{"v":0,"d":"0.000"},{"v":1729.7,"d":"1,729.70"},{"$nulls":16},"4",null,"K","1",{"$nulls":3},"ROZPOCET",{"$nulls":5},{"v":1729.7,"d":"1,729.70"},{"v":0,"d":"0.00"},{"v":0,"d":"0.00"},{"v":0,"d":"0.00"},{"v":0,"d":"0.00"},"1",{"v":1729.7,"d":"1,729.70"},"4","18"]
[null,null,"10","K","03100","ZAŘÍZENÍ STAVENIŠTĚ - ZŘÍZENÍ, PROVOZ, DEMONTÁŽ","KČ",{"v":1,"d":"1.000"},{"v":21621.6,"d":"21,621.60"},{"v":21621.6,"d":"21,621.60"},null,null,"","základní",null,{"v":0,"d":"0.00000"},{"v":0,"d":"0.00000"},{"v":0,"d":"0.00000"},{"v":0,"d":"0.00000"},{"v":0,"d":"0.00000"},null,null,{"v":0,"d":"0.000"},{"v":0,"d":"0.000"},{"v":0,"d":"0.000"},{"v":0,"d":"0.000"},{"v":21621.6,"d":"21,621.60"},{"$nulls":16},"4",null,"K","1",{"$nulls":3},"ROZPOCET",{"$nulls":5},{"v":21621.6,"d":"21,621.60"},{"v":0,"d":"0.00"},{"v":0,"d":"0.00"},{"v":0,"d":"0.00"},{"v":0,"d":"0.00"},"1",{"v":21621.6,"d":"21,621.60"},"4","20"]
[null,null,"11","K","03540","STAVEBNÍ STROJE MOBILNÍ VRTACÍ - doprava na stavbu","KPL",{"v":2,"d":"2.000"},{"v":38918.9,"d":"38,918.90"},{"v":77837.8,"d":"77,837.80"},null,null,"","základní",null,{"v":0,"d":"0.00000"},{"v":0,"d":"0.00000"},{"v":0,"d":"0.00000"},{"v":0,"d":"0.00000"},{"v":0,"d":"0.00000"},null,null,{"v":0,"d":"0.000"},{"v":0,"d":"0.000"},{"v":0,"d":"0.000"},{"v":0,"d":"0.000"},{"v":77837.8,"d":"77,837.80"},{"$nulls":16},"4",null,"K","1",{"$nulls":3},"ROZPOCET",{"$nulls":5},{"v":77837.8,"d":"77,837.80"},{"v":0,"d":"0.00"},{"v":0,"d":"0.00"},{"v":0,"d":"0.00"},{"v":0,"d":"0.00"},"1",{"v":77837.8,"d":"77,837.80"},"4","22"]
[{"$nulls":3},"D","1","Zemní práce",{"$nulls":3},{"$f":"BK97","v":{"v":179847.72,"d":"179,847.72"}},{"$nulls":5},{"$f":"SUM(P98:P101)","v":{"v":0,"d":"0.00000"}},null,{"$f":"SUM(R98:R101)","v":{"v":0,"d":"0.00000"}},null,{"$f":"SUM(T98:T101)","v":{"v":0,"d":"0.00000"}},{"$nulls":3},{"$f":"SUM(X98:X101)","v":{"v":0,"d":"0.00"}},null,{"$f":"SUM(Z98:Z101)","v":{"v":-64450.08000000001,"d":"-64,450.08"}},{"$f":"SUM(AA98:AA101)","v":{"v":115397.64,"d":"115,397.64"}},{"$nulls":16},"1",null,"D","0",{"$nulls":3},"ROZPOCET",{"$nulls":11},{"$f":"SUM(BK98:BK101)","v":{"v":179847.72,"d":"179,847.72"}}]
[null,null,"12","K","122737","ODKOPÁVKY A PROKOPÁVKY OBECNÉ TŘ. I, ODVOZ DO 16KM","M3",{"v":24,"d":"24.000"},{"v":536.9,"d":"536.90"},{"$f":"ROUND(I98*H98,2)","v":{"v":12885.6,"d":"12,885.60"}},null,null,"","základní",null,{"$f":"O98*H98","v":{"v":0,"d":"0.00000"}},{"v":0,"d":"0.00000"},{"$f":"Q98*H98","v":{"v":0,"d":"0.00000"}},{"v":0,"d":"0.00000"},{"$f":"S98*H98","v":{"v":0,"d":"0.00000"}},null,null,{"v":0,"d":"0.000"},{"$f":"W98*I98","v":{"v":0,"d":"0.000"}},{"v":0,"d":"0.000"},{"$f":"Y98*I98","v":{"v":0,"d":"0.000"}},{"$f":"J98+X98+Z98","v":{"v":12885.6,"d":"12,885.60"}},{"$nulls":16},"4",null,"K","1",{"$nulls":3},"ROZPOCET",{"$nulls":5},{"$f":"IF(N98=\"základní\",J98,0)","v":{"v":12885.6,"d":"12,885.60"}},{"$f":"IF(N98=\"snížená\",J98,0)","v":{"v":0,"d":"0.00"}},{"$f":"IF(N98=\"zákl. přenesená\",J98,0)","v":{"v":0,"d":"0.00"}},{"$f":"IF(N98=\"sníž. přenesená\",J98,0)","v":{"v":0,"d":"0.00"}},{"$f":"IF(N98=\"nulová\",J98,0)","v":{"v":0,"d":"0.00"}},"1",{"$f":"ROUND(I98*H98,2)","v":{"v":12885.6,"d":"12,885.60"}},"4","24"]
[null,null,"13","K","131737","HLOUBENÍ JAM ZAPAŽ I NEPAŽ TŘ. I, ODVOZ DO 16KM","M3",{"v":186,"d":"186.000"},{"v":536.9,"d":"536.90"},{"$f":"ROUND(I99*H99,2)","v":{"v":99863.4,"d":"99,863.40"}},null,null,"","základní",null,{"$f":"O99*H99","v":{"v":0,"d":"0.00000"}},{"v":0,"d":"0.00000"},{"$f":"Q99*H99","v":{"v":0,"d":"0.00000"}},{"v":0,"d":"0.00000"},{"$f":"S99*H99","v":{"v":0,"d":"0.00000"}},null,null,{"v":0,"d":"0.000"},{"$f":"W99*I99","v":{"v":0,"d":"0.000"}},{"v":0,"d":"0.000"},{"$f":"Y99*I99","v":{"v":0,"d":"0.000"}},{"v":99863.4,"d":"99,863.40"},{"$nulls":16},"4",null,"K","1",{"$nulls":3},"ROZPOCET",{"$nulls":5},{"$f":"IF(N99=\"základní\",J99,0)","v":{"v":99863.4,"d":"99,863.40"}},{"$f":"IF(N99=\"snížená\",J99,0)","v":{"v":0,"d":"0.00"}},{"$f":"IF(N99=\"zákl. přenesená\",J99,0)","v":{"v":0,"d":"0.00"}},{"$f":"IF(N99=\"sníž. přenesená\",J99,0)","v":{"v":0,"d":"0.00"}},{"$f":"IF(N99=\"nulová\",J99,0)","v":{"v":0,"d":"0.00"}},"1",{"$f":"ROUND(I99*H99,2)","v":{"v":99863.4,"d":"99,863.40"}},"4","26"]
[null,null,"14","K","17581","OBSYP POTRUBÍ A OBJEKTŮ Z NAKUPOVANÝCH MATERIÁLŮ","M3",{"v":1.92,"d":"1.920"},{"v":1379.5,"d":"1,379.50"},{"$f":"ROUND(I100*H100,2)","v":{"v":2648.64,"d":"2,648.64"}},null,null,"","základní",null,{"$f":"O100*H100","v":{"v":0,"d":"0.00000"}},{"v":0,"d":"0.00000"},{"$f":"Q100*H100","v":{"v":0,"d":"0.00000"}},{"v":0,"d":"0.00000"},{"$f":"S100*H100","v":{"v":0,"d":"0.00000"}},null,null,{"v":0,"d":"0.000"},{"$f":"W100*I100","v":{"v":0,"d":"0.000"}},{"v":0,"d":"0.000"},{"$f":"Y100*I100","v":{"v":0,"d":"0.000"}},{"v":2648.64,"d":"2,648.64"},{"$nulls":16},"4",null,"K","1",{"$nulls":3},"ROZPOCET",{"$nulls":5},{"$f":"IF(N100=\"základní\",J100,0)","v":{"v":2648.64,"d":"2,648.64"}},{"$f":"IF(N100=\"snížená\",J100,0)","v":{"v":0,"d":"0.00"}},{"$f":"IF(N100=\"zákl. přenesená\",J100,0)","v":{"v":0,"d":"0.00"}},{"$f":"IF(N100=\"sníž. přenesená\",J100,0)","v":{"v":0,"d":"0.00"}},{"$f":"IF(N100=\"nulová\",J100,0)","v":{"v":0,"d":"0.00"}},"1",{"$f":"ROUND(I100*H100,2)","v":{"v":2648.64,"d":"2,648.64"}},"4","28"]
[null,null,"15","K","264328","VRTY PRO PILOTY TŘ. III DO 600 MM","M",{"v":21.6,"d":"21.600"},{"v":2983.8,"d":"2,983.80"},{"$f":"ROUND(I101*H101,2)","v":{"v":64450.08,"d":"64,450.08"}},null,null,"","základní",null,{"$f":"O101*H101","v":{"v":0,"d":"0.00000"}},{"v":0,"d":"0.00000"},{"$f":"Q101*H101","v":{"v":0,"d":"0.00000"}},{"v":0,"d":"0.00000"},{"$f":"S101*H101","v":{"v":0,"d":"0.00000"}},null,null,{"v":0,"d":"0.000"},{"$f":"W101*I101","v":{"v":0,"d":"0.000"}},{"v":-21.6,"d":"-21.600"},{"$f":"Y101*I101","v":{"v":-64450.08000000001,"d":"-64,450.080"}},{"v":0,"d":"0.00"},{"$nulls":16},"4",null,"K","1",{"$nulls":3},"ROZPOCET",{"$nulls":5},{"$f":"IF(N101=\"základní\",J101,0)","v":{"v":64450.08,"d":"64,450.08"}},{"$f":"IF(N101=\"snížená\",J101,0)","v":{"v":0,"d":"0.00"}},{"$f":"IF(N101=\"zákl. přenesená\",J101,0)","v":{"v":0,"d":"0.00"}},{"$f":"IF(N101=\"sníž. přenesená\",J101,0)","v":{"v":0,"d":"0.00"}},{"$f":"IF(N101=\"nulová\",J101,0)","v":{"v":0,"d":"0.00"}},"1",{"$f":"ROUND(I101*H101,2)","v":{"v":64450.08,"d":"64,450.08"}},"4","30"]
[{"$nulls":3},"D","D1","2 Základy",{"$nulls":3},{"$f":"BK102","v":{"v":155584.23,"d":"155,584.23"}},{"$nulls":5},{"$f":"SUM(P103:P108)","v":{"v":0,"d":"0.00000"}},null,{"$f":"SUM(R103:R108)","v":{"v":0,"d":"0.00000"}},null,{"$f":"SUM(T103:T108)","v":{"v":0,"d":"0.00000"}},{"$nulls":3},{"$f":"SUM(X103:X110)","v":{"v":189237.75,"d":"189,237.75"}},null,{"$f":"SUM(Z103:Z110)","v":{"v":0,"d":"0.00"}},{"$f":"SUM(AA103:AA110)","v":{"v":344821.98,"d":"344,821.98"}},{"$nulls":16},"1",null,"D","0",{"$nulls":3},"ROZPOCET",{"$nulls":11},{"$f":"SUM(BK103:BK108)","v":{"v":155584.23,"d":"155,584.23"}}]
[null,null,"16","K","21452","SANAČNÍ VRSTVY Z KAMENIVA DRCENÉHO","M3",{"v":8.75,"d":"8.750"},{"v":1391.4,"d":"1,391.40"},{"$f":"ROUND(I103*H103,2)","v":{"v":12174.75,"d":"12,174.75"}},null,null,"","základní",null,{"$f":"O103*H103","v":{"v":0,"d":"0.00000"}},{"v":0,"d":"0.00000"},{"$f":"Q103*H103","v":{"v":0,"d":"0.00000"}},{"v":0,"d":"0.00000"},{"$f":"S103*H103","v":{"v":0,"d":"0.00000"}},null,null,{"v":0,"d":"0.000"},{"$f":"W103*I103","v":{"v":0,"d":"0.000"}},{"v":0,"d":"0.000"},{"$f":"Y103*I103","v":{"v":0,"d":"0.000"}},{"$f":"J103+X103+Z103","v":{"v":12174.75,"d":"12,174.75"}},{"$nulls":16},"4",null,"K","1",{"$nulls":3},"ROZPOCET",{"$nulls":5},{"$f":"IF(N103=\"základní\",J103,0)","v":{"v":12174.75,"d":"12,174.75"}},{"$f":"IF(N103=\"snížená\",J103,0)","v":{"v":0,"d":"0.00"}},{"$f":"IF(N103=\"zákl. přenesená\",J103,0)","v":{"v":0,"d":"0.00"}},{"$f":"IF(N103=\"sníž. přenesená\",J103,0)","v":{"v":0,"d":"0.00"}},{"$f":"IF(N103=\"nulová\",J103,0)","v":{"v":0,"d":"0.00"}},"1",{"$f":"ROUND(I103*H103,2)","v":{"v":12174.75,"d":"12,174.75"}},"4","32"]
[null,null,"17","K","272325","ZÁKLADY ZE ŽELEZOBETONU DO C30/37","M3",{"v":14.7,"d":"14.700"},{"v":6855.9,"d":"6,855.90"},{"v":100781.73,"d":"100,781.73"},null,null,"","základní",null,{"v":0,"d":"0.00000"},{"v":0,"d":"0.00000"},{"v":0,"d":"0.00000"},{"v":0,"d":"0.00000"},{"v":0,"d":"0.00000"},null,null,{"v":0,"d":"0.000"},{"v":0,"d":"0.000"},{"v":0,"d":"0.000"},{"v":0,"d":"0.000"},{"v":100781.73,"d":"100,781.73"},{"$nulls":16},"4",null,"K","1",{"$nulls":3},"ROZPOCET",{"$nulls":5},{"v":100781.73,"d":"100,781.73"},{"v":0,"d":"0.00"},{"v":0,"d":"0.00"},{"v":0,"d":"0.00"},{"v":0,"d":"0.00"},"1",{"v":100781.73,"d":"100,781.73"},"4","34"]
[null,null,"18","K","272365","VÝZTUŽ ZÁKLADŮ Z OCELI 10505, B500B","T",0.886,{"v":36973,"d":"36,973.00"},{"v":32758.08,"d":"32,758.08"},null,null,"","základní",null,{"v":0,"d":"0.00000"},{"v":0,"d":"0.00000"},{"v":0,"d":"0.00000"},{"v":0,"d":"0.00000"},{"v":0,"d":"0.00000"},null,null,{"v":0,"d":"0.000"},{"v":0,"d":"0.000"},{"v":0,"d":"0.000"},{"v":0,"d":"0.000"},{"v":32758.08,"d":"32,758.08"},{"$nulls":16},"4",null,"K","1",{"$nulls":3},"ROZPOCET",{"$nulls":5},{"v":32758.08,"d":"32,758.08"},{"v":0,"d":"0.00"},{"v":0,"d":"0.00"},{"v":0,"d":"0.00"},{"v":0,"d":"0.00"},"1",{"v":32758.08,"d":"32,758.08"},"4","36"]
[null,null,"19","K","28997C","OPLÁŠTĚNÍ (ZPEVNĚNÍ) Z GEOTEXTILIE DO 300G/M2","M2",{"v":62.28,"d":"62.280"},{"v":81.1,"d":"81.10"},{"v":5050.91,"d":"5,050.91"},null,null,"","základní",null,{"v":0,"d":"0.00000"},{"v":0,"d":"0.00000"},{"v":0,"d":"0.00000"},{"v":0,"d":"0.00000"},{"v":0,"d":"0.00000"},null,null,{"v":0,"d":"0.000"},{"v":0,"d":"0.000"},{"v":0,"d":"0.000"},{"v":0,"d":"0.000"},{"v":5050.91,"d":"5,050.91"},{"$nulls":16},"4",null,"K","1",{"$nulls":3},"ROZPOCET",{"$nulls":5},{"v":5050.91,"d":"5,050.91"},{"v":0,"d":"0.00"},{"v":0,"d":"0.00"},{"v":0,"d":"0.00"},{"v":0,"d":"0.00"},"1",{"v":5050.91,"d":"5,050.91"},"4","38"]
[null,null,"20","K","28997F","OPLÁŠTĚNÍ (ZPEVNĚNÍ) Z GEOTEXTILIE DO 600G/M2","M2",{"v":16.2,"d":"16.200"},{"v":97.3,"d":"97.30"},{"v":1576.26,"d":"1,576.26"},null,null,"","základní",null,{"v":0,"d":"0.00000"},{"v":0,"d":"0.00000"},{"v":0,"d":"0.00000"},{"v":0,"d":"0.00000"},{"v":0,"d":"0.00000"},null,null,{"v":0,"d":"0.000"},{"v":0,"d":"0.000"},{"v":0,"d":"0.000"},{"v":0,"d":"0.000"},{"v":1576.26,"d":"1,576.26"},{"$nulls":16},"4",null,"K","1",{"$nulls":3},"ROZPOCET",{"$nulls":5},{"v":1576.26,"d":"1,576.26"},{"v":0,"d":"0.00"},{"v":0,"d":"0.00"},{"v":0,"d":"0.00"},{"v":0,"d":"0.00"},"1",{"v":1576.26,"d":"1,576.26"},"4","40"]
[null,null,"21","K","28999","OPLÁŠTĚNÍ (ZPEVNĚNÍ) Z FÓLIE","M2",{"v":25,"d":"25.000"},{"v":129.7,"d":"129.70"},{"v":3242.5,"d":"3,242.50"},null,null,"","základní",null,{"v":0,"d":"0.00000"},{"v":0,"d":"0.00000"},{"v":0,"d":"0.00000"},{"v":0,"d":"0.00000"},{"v":0,"d":"0.00000"},null,null,{"v":0,"d":"0.000"},{"v":0,"d":"0.000"},{"v":0,"d":"0.000"},{"v":0,"d":"0.000"},{"v":3242.5,"d":"3,242.50"},{"$nulls":16},"4",null,"K","1",{"$nulls":3},"ROZPOCET",{"$nulls":5},{"v":3242.5,"d":"3,242.50"},{"v":0,"d":"0.00"},{"v":0,"d":"0.00"},{"v":0,"d":"0.00"},{"v":0,"d":"0.00"},"1",{"v":3242.5,"d":"3,242.50"},"4","42"]
[null,null,"N1",null,"227831","Mikropiloty D do 150 mm","m",{"v":0,"d":"0.000"},{"$f":"ROUND(3309.88*0.7656,2)","v":{"v":2534.04,"d":"2,534.04"}},{"v":0,"d":"0.00"},"OTSKP 2024 po indexaci",null,"","základní",null,{"v":0,"d":"0.00000"},{"v":0,"d":"0.00000"},{"v":0,"d":"0.00000"},{"v":0,"d":"0.00000"},{"v":0,"d":"0.00000"},null,null,{"v":39,"d":"39.000"},{"v":98827.56,"d":"98,827.560"},{"v":0,"d":"0.000"},{"v":0,"d":"0.000"},{"$f":"J109+X109+Z109","v":{"v":98827.56,"d":"98,827.56"}}]
[null,null,"N2",null,"26184","Vrty mikropilot tř.III do 200 mm","m",{"v":0,"d":"0.000"},{"$f":"ROUND(3027.97*0.7656,2)","v":{"v":2318.21,"d":"2,318.21"}},{"v":0,"d":"0.00"},"OTSKP 2024 po indexaci",null,"","základní",null,{"v":0,"d":"0.00000"},{"v":0,"d":"0.00000"},{"v":0,"d":"0.00000"},{"v":0,"d":"0.00000"},{"v":0,"d":"0.00000"},null,null,{"v":39,"d":"39.000"},{"v":90410.19,"d":"90,410.190"},{"v":0,"d":"0.000"},{"v":0,"d":"0.000"},{"$f":"J110+X110+Z110","v":{"v":90410.19,"d":"90,410.19"}}]
[{"$nulls":3},"D","3","Svislé konstrukce",{"$nulls":3},{"$f":"BK111","v":{"v":776511.1900000001,"d":"776,511.19"}},{"$nulls":5},{"$f":"SUM(P112:P118)","v":{"v":0,"d":"0.00000"}},null,{"$f":"SUM(R112:R118)","v":{"v":0,"d":"0.00000"}},null,{"$f":"SUM(T112:T118)","v":{"v":0,"d":"0.00000"}},{"$nulls":3},{"$f":"SUM(X112:X118)","v":{"v":0,"d":"0.00"}},null,{"$f":"SUM(Z112:Z118)","v":{"v":-105663.8602,"d":"-105,663.86"}},{"$f":"SUM(AA112:AA118)","v":{"v":670847.3298000002,"d":"670,847.33"}},{"$nulls":16},"1",null,"D","0",{"$nulls":3},"ROZPOCET",{"$nulls":11},{"$f":"SUM(BK112:BK118)","v":{"v":776511.1900000001,"d":"776,511.19"}}]
[null,null,"22","K","333325","MOSTNÍ OPĚRY A KŘÍDLA ZE ŽELEZOVÉHO BETONU DO C30/37","M3",{"v":43.43,"d":"43.430"},{"v":8119.4,"d":"8,119.40"},{"$f":"ROUND(I112*H112,2)","v":{"v":352625.54,"d":"352,625.54"}},null,null,"","základní",null,{"$f":"O112*H112","v":{"v":0,"d":"0.00000"}},{"v":0,"d":"0.00000"},{"$f":"Q112*H112","v":{"v":0,"d":"0.00000"}},{"v":0,"d":"0.00000"},{"$f":"S112*H112","v":{"v":0,"d":"0.00000"}},null,null,{"v":0,"d":"0.000"},{"$f":"W112*I112","v":{"v":0,"d":"0.000"}},{"v":0,"d":"0.000"},{"$f":"Y112*I112","v":{"v":0,"d":"0.000"}},{"$f":"J112+X112+Z112","v":{"v":352625.54,"d":"352,625.54"}},{"$nulls":16},"4",null,"K","1",{"$nulls":3},"ROZPOCET",{"$nulls":5},{"$f":"IF(N112=\"základní\",J112,0)","v":{"v":352625.54,"d":"352,625.54"}},{"$f":"IF(N112=\"snížená\",J112,0)","v":{"v":0,"d":"0.00"}},{"$f":"IF(N112=\"zákl. přenesená\",J112,0)","v":{"v":0,"d":"0.00"}},{"$f":"IF(N112=\"sníž. přenesená\",J112,0)","v":{"v":0,"d":"0.00"}},{"$f":"IF(N112=\"nulová\",J112,0)","v":{"v":0,"d":"0.00"}},"1",{"$f":"ROUND(I112*H112,2)","v":{"v":352625.54,"d":"352,625.54"}},"4","44"]
[null,null,"23","K","333365","VÝZTUŽ MOSTNÍCH OPĚR A KŘÍDEL Z OCELI 10505, B500B","T",{"v":6.52,"d":"6.520"},{"v":36973,"d":"36,973.00"},{"v":241063.96,"d":"241,063.96"},null,null,"","základní",null,{"v":0,"d":"0.00000"},{"v":0,"d":"0.00000"},{"v":0,"d":"0.00000"},{"v":0,"d":"0.00000"},{"v":0,"d":"0.00000"},null,null,{"v":0,"d":"0.000"},{"v":0,"d":"0.000"},{"v":0,"d":"0.000"},{"v":0,"d":"0.000"},{"v":241063.96,"d":"241,063.96"},{"$nulls":16},"4",null,"K","1",{"$nulls":3},"ROZPOCET",{"$nulls":5},{"v":241063.96,"d":"241,063.96"},{"v":0,"d":"0.00"},{"v":0,"d":"0.00"},{"v":0,"d":"0.00"},{"v":0,"d":"0.00"},"1",{"v":241063.96,"d":"241,063.96"},"4","46"]
[null,null,"24","K","224324","PILOTY ZE ŽELEZOBETONU C25/30","M3",{"v":6.11,"d":"6.110"},{"v":5905.4,"d":"5,905.40"},{"v":36081.99,"d":"36,081.99"},null,null,"","základní",null,{"v":0,"d":"0.00000"},{"v":0,"d":"0.00000"},{"v":0,"d":"0.00000"},{"v":0,"d":"0.00000"},{"v":0,"d":"0.00000"},null,null,{"v":0,"d":"0.000"},{"v":0,"d":"0.000"},{"v":-6.11,"d":"-6.110"},{"v":-36081.994,"d":"-36,081.994"},{"v":-0.004000000000814907,"d":"-0.00"},{"$nulls":16},"4",null,"K","1",{"$nulls":3},"ROZPOCET",{"$nulls":5},{"v":36081.99,"d":"36,081.99"},{"v":0,"d":"0.00"},{"v":0,"d":"0.00"},{"v":0,"d":"0.00"},{"v":0,"d":"0.00"},"1",{"v":36081.99,"d":"36,081.99"},"4","48"]
[null,null,"25","K","224365","VÝZTUŽ PILOT Z OCELI 10 505 B 500 B","T",1.166,{"v":59675.7,"d":"59,675.70"},{"v":69581.87,"d":"69,581.87"},null,null,"","základní",null,{"v":0,"d":"0.00000"},{"v":0,"d":"0.00000"},{"v":0,"d":"0.00000"},{"v":0,"d":"0.00000"},{"v":0,"d":"0.00000"},null,null,{"v":0,"d":"0.000"},{"v":0,"d":"0.000"},-1.166,{"v":-69581.86619999999,"d":"-69,581.866"},{"v":3.8000000058673322E-3,"d":"0.00"},{"$nulls":16},"4",null,"K","1",{"$nulls":3},"ROZPOCET",{"$nulls":5},{"v":69581.87,"d":"69,581.87"},{"v":0,"d":"0.00"},{"v":0,"d":"0.00"},{"v":0,"d":"0.00"},{"v":0,"d":"0.00"},"1",{"v":69581.87,"d":"69,581.87"},"4","50"]
[null,null,"26","K","711121","IZOLACE BĚŽN. KONSTRUKCÍ PROTI TLAKOVÉ VODĚ ASF.NÁTĚRY","M2",{"v":16.6,"d":"16.600"},{"v":146,"d":"146.00"},{"v":2423.6,"d":"2,423.60"},null,null,"","základní",null,{"v":0,"d":"0.00000"},{"v":0,"d":"0.00000"},{"v":0,"d":"0.00000"},{"v":0,"d":"0.00000"},{"v":0,"d":"0.00000"},null,null,{"v":0,"d":"0.000"},{"v":0,"d":"0.000"},{"v":0,"d":"0.000"},{"v":0,"d":"0.000"},{"v":2423.6,"d":"2,423.60"},{"$nulls":16},"4",null,"K","1",{"$nulls":3},"ROZPOCET",{"$nulls":5},{"v":2423.6,"d":"2,423.60"},{"v":0,"d":"0.00"},{"v":0,"d":"0.00"},{"v":0,"d":"0.00"},{"v":0,"d":"0.00"},"1",{"v":2423.6,"d":"2,423.60"},"4","52"]
[null,null,"27","K","711122","IZOLACE BĚŽN. KONSTRUKCÍ PROTI TLAKOVÉ VODĚ ASF.PÁSY","M2",{"v":34.13,"d":"34.130"},{"v":254.1,"d":"254.10"},{"v":8672.43,"d":"8,672.43"},null,null,"","základní",null,{"v":0,"d":"0.00000"},{"v":0,"d":"0.00000"},{"v":0,"d":"0.00000"},{"v":0,"d":"0.00000"},{"v":0,"d":"0.00000"},null,null,{"v":0,"d":"0.000"},{"v":0,"d":"0.000"},{"v":0,"d":"0.000"},{"v":0,"d":"0.000"},{"v":8672.43,"d":"8,672.43"},{"$nulls":16},"4",null,"K","1",{"$nulls":3},"ROZPOCET",{"$nulls":5},{"v":8672.43,"d":"8,672.43"},{"v":0,"d":"0.00"},{"v":0,"d":"0.00"},{"v":0,"d":"0.00"},{"v":0,"d":"0.00"},"1",{"v":8672.43,"d":"8,672.43"},"4","54"]
[null,null,"28","K","78382","NÁTĚRY BETONOVÝCH KONSTRUKCÍ typ S1 (OSB)","M2",{"v":126,"d":"126.000"},{"v":524.3,"d":"524.30"},{"v":66061.8,"d":"66,061.80"},null,null,"","základní",null,{"v":0,"d":"0.00000"},{"v":0,"d":"0.00000"},{"v":0,"d":"0.00000"},{"v":0,"d":"0.00000"},{"v":0,"d":"0.00000"},null,null,{"v":0,"d":"0.000"},{"v":0,"d":"0.000"},{"v":0,"d":"0.000"},{"v":0,"d":"0.000"},{"v":66061.8,"d":"66,061.80"},{"$nulls":16},"4",null,"K","1",{"$nulls":3},"ROZPOCET",{"$nulls":5},{"v":66061.8,"d":"66,061.80"},{"v":0,"d":"0.00"},{"v":0,"d":"0.00"},{"v":0,"d":"0.00"},{"v":0,"d":"0.00"},"1",{"v":66061.8,"d":"66,061.80"},"4","56"]
[{"$nulls":3},"D","4","Vodorovné konstrukce",{"$nulls":3},{"$f":"BK119","v":{"v":2189542.8,"d":"2,189,542.80"}},{"$nulls":5},{"$f":"SUM(P120:P134)","v":{"v":0,"d":"0.00000"}},null,{"$f":"SUM(R120:R134)","v":{"v":0,"d":"0.00000"}},null,{"$f":"SUM(T120:T134)","v":{"v":0,"d":"0.00000"}},{"$nulls":3},{"$f":"SUM(X120:X134)","v":{"v":0,"d":"0.00"}},null,{"$f":"SUM(Z120:Z134)","v":{"v":0,"d":"0.00"}},{"$f":"SUM(AA120:AA134)","v":{"v":2189542.8,"d":"2,189,542.80"}},{"$nulls":16},"1",null,"D","0",{"$nulls":3},"ROZPOCET",{"$nulls":11},{"$f":"SUM(BK120:BK134)","v":{"v":2189542.8,"d":"2,189,542.80"}}]
[null,null,"29","K","422325","MOSTNÍ NOSNÉ TRÁMOVÉ KONSTRUKCE ZE ŽELEZOBETONU C 30/37","M3",{"v":47.26,"d":"47.260"},{"v":24409.4,"d":"24,409.40"},{"$f":"ROUND(I120*H120,2)","v":{"v":1153588.24,"d":"1,153,588.24"}},null,null,"","základní",null,{"$f":"O120*H120","v":{"v":0,"d":"0.00000"}},{"v":0,"d":"0.00000"},{"$f":"Q120*H120","v":{"v":0,"d":"0.00000"}},{"v":0,"d":"0.00000"},{"$f":"S120*H120","v":{"v":0,"d":"0.00000"}},null,null,{"v":0,"d":"0.000"},{"$f":"W120*I120","v":{"v":0,"d":"0.000"}},{"v":0,"d":"0.000"},{"$f":"Y120*I120","v":{"v":0,"d":"0.000"}},{"$f":"J120+X120+Z120","v":{"v":1153588.24,"d":"1,153,588.24"}},{"$nulls":16},"4",null,"K","1",{"$nulls":3},"ROZPOCET",{"$nulls":5},{"$f":"IF(N120=\"základní\",J120,0)","v":{"v":1153588.24,"d":"1,153,588.24"}},{"$f":"IF(N120=\"snížená\",J120,0)","v":{"v":0,"d":"0.00"}},{"$f":"IF(N120=\"zákl. přenesená\",J120,0)","v":{"v":0,"d":"0.00"}},{"$f":"IF(N120=\"sníž. přenesená\",J120,0)","v":{"v":0,"d":"0.00"}},{"$f":"IF(N120=\"nulová\",J120,0)","v":{"v":0,"d":"0.00"}},"1",{"$f":"ROUND(I120*H120,2)","v":{"v":1153588.24,"d":"1,153,588.24"}},"4","58"]
[null,null,"30","K","422365","VÝZTUŽ MOSTNÍ TRÁMOVÉ KONSTRUKCE Z OCELI 10505, B500B","T",{"v":7.1,"d":"7.100"},{"v":36973,"d":"36,973.00"},{"v":262508.3,"d":"262,508.30"},null,null,"","základní",null,{"v":0,"d":"0.00000"},{"v":0,"d":"0.00000"},{"v":0,"d":"0.00000"},{"v":0,"d":"0.00000"},{"v":0,"d":"0.00000"},null,null,{"v":0,"d":"0.000"},{"v":0,"d":"0.000"},{"v":0,"d":"0.000"},{"v":0,"d":"0.000"},{"v":262508.3,"d":"262,508.30"},{"$nulls":16},"4",null,"K","1",{"$nulls":3},"ROZPOCET",{"$nulls":5},{"v":262508.3,"d":"262,508.30"},{"v":0,"d":"0.00"},{"v":0,"d":"0.00"},{"v":0,"d":"0.00"},{"v":0,"d":"0.00"},"1",{"v":262508.3,"d":"262,508.30"},"4","60"]
[null,null,"31","K","42838","KLOUB ZE ŽELEZOBETONU VČET VÝZTUŽE","M",{"v":4.8,"d":"4.800"},{"v":1621.6,"d":"1,621.60"},{"v":7783.68,"d":"7,783.68"},null,null,"","základní",null,{"v":0,"d":"0.00000"},{"v":0,"d":"0.00000"},{"v":0,"d":"0.00000"},{"v":0,"d":"0.00000"},{"v":0,"d":"0.00000"},null,null,{"v":0,"d":"0.000"},{"v":0,"d":"0.000"},{"v":0,"d":"0.000"},{"v":0,"d":"0.000"},{"v":7783.68,"d":"7,783.68"},{"$nulls":16},"4",null,"K","1",{"$nulls":3},"ROZPOCET",{"$nulls":5},{"v":7783.68,"d":"7,783.68"},{"v":0,"d":"0.00"},{"v":0,"d":"0.00"},{"v":0,"d":"0.00"},{"v":0,"d":"0.00"},"1",{"v":7783.68,"d":"7,783.68"},"4","62"]
[null,null,"32","K","451312","PODKLADNÍ A VÝPLŇOVÉ VRSTVY Z PROSTÉHO BETONU C12/15","M3",4.296,{"v":3597.8,"d":"3,597.80"},{"v":15456.15,"d":"15,456.15"},null,null,"","základní",null,{"v":0,"d":"0.00000"},{"v":0,"d":"0.00000"},{"v":0,"d":"0.00000"},{"v":0,"d":"0.00000"},{"v":0,"d":"0.00000"},null,null,{"v":0,"d":"0.000"},{"v":0,"d":"0.000"},{"v":0,"d":"0.000"},{"v":0,"d":"0.000"},{"v":15456.15,"d":"15,456.15"},{"$nulls":16},"4",null,"K","1",{"$nulls":3},"ROZPOCET",{"$nulls":5},{"v":15456.15,"d":"15,456.15"},{"v":0,"d":"0.00"},{"v":0,"d":"0.00"},{"v":0,"d":"0.00"},{"v":0,"d":"0.00"},"1",{"v":15456.15,"d":"15,456.15"},"4","64"]
[null,null,"33","K","45860","PODKLADNÍ A VÝPLŇOVÉ VRSTVY Z BETONU MAZEROVITÉHO DRENAŽNÍHO","M3",{"v":7.5,"d":"7.500"},{"v":3773,"d":"3,773.00"},{"v":28297.5,"d":"28,297.50"},null,null,"","základní",null,{"v":0,"d":"0.00000"},{"v":0,"d":"0.00000"},{"v":0,"d":"0.00000"},{"v":0,"d":"0.00000"},{"v":0,"d":"0.00000"},null,null,{"v":0,"d":"0.000"},{"v":0,"d":"0.000"},{"v":0,"d":"0.000"},{"v":0,"d":"0.000"},{"v":28297.5,"d":"28,297.50"},{"$nulls":16},"4",null,"K","1",{"$nulls":3},"ROZPOCET",{"$nulls":5},{"v":28297.5,"d":"28,297.50"},{"v":0,"d":"0.00"},{"v":0,"d":"0.00"},{"v":0,"d":"0.00"},{"v":0,"d":"0.00"},"1",{"v":28297.5,"d":"28,297.50"},"4","66"]
[null,null,"34","K","451523","VÝPLŇ VRSTVY Z KAMENIVA DRCENÉHO, INDEX ZHUTNĚNÍ ID DO 0,9","M3",{"v":8.85,"d":"8.850"},{"v":1391.4,"d":"1,391.40"},{"v":12313.89,"d":"12,313.89"},null,null,"","základní",null,{"v":0,"d":"0.00000"},{"v":0,"d":"0.00000"},{"v":0,"d":"0.00000"},{"v":0,"d":"0.00000"},{"v":0,"d":"0.00000"},null,null,{"v":0,"d":"0.000"},{"v":0,"d":"0.000"},{"v":0,"d":"0.000"},{"v":0,"d":"0.000"},{"v":12313.89,"d":"12,313.89"},{"$nulls":16},"4",null,"K","1",{"$nulls":3},"ROZPOCET",{"$nulls":5},{"v":12313.89,"d":"12,313.89"},{"v":0,"d":"0.00"},{"v":0,"d":"0.00"},{"v":0,"d":"0.00"},{"v":0,"d":"0.00"},"1",{"v":12313.89,"d":"12,313.89"},"4","68"]
[null,null,"35","K","45157","PODKLADNÍ A VÝPLŇOVÉ VRSTVY Z KAMENIVA TĚŽENÉHO","M3",{"v":19.84,"d":"19.840"},{"v":1047.6,"d":"1,047.60"},{"v":20784.38,"d":"20,784.38"},null,null,"","základní",null,{"v":0,"d":"0.00000"},{"v":0,"d":"0.00000"},{"v":0,"d":"0.00000"},{"v":0,"d":"0.00000"},{"v":0,"d":"0.00000"},null,null,{"v":0,"d":"0.000"},{"v":0,"d":"0.000"},{"v":0,"d":"0.000"},{"v":0,"d":"0.000"},{"v":20784.38,"d":"20,784.38"},{"$nulls":16},"4",null,"K","1",{"$nulls":3},"ROZPOCET",{"$nulls":5},{"v":20784.38,"d":"20,784.38"},{"v":0,"d":"0.00"},{"v":0,"d":"0.00"},{"v":0,"d":"0.00"},{"v":0,"d":"0.00"},"1",{"v":20784.38,"d":"20,784.38"},"4","70"]
[null,null,"36","K","23117A","ŠTĚTOVÉ STĚNY BERANĚNÉ Z KOVOVÝCH DÍLCŮ TRVALÉ (PLOCHA)","M2",{"v":34,"d":"34.000"},{"v":3916.2,"d":"3,916.20"},{"v":133150.8,"d":"133,150.80"},null,null,"","základní",null,{"v":0,"d":"0.00000"},{"v":0,"d":"0.00000"},{"v":0,"d":"0.00000"},{"v":0,"d":"0.00000"},{"v":0,"d":"0.00000"},null,null,{"v":0,"d":"0.000"},{"v":0,"d":"0.000"},{"v":0,"d":"0.000"},{"v":0,"d":"0.000"},{"v":133150.8,"d":"133,150.80"},{"$nulls":16},"4",null,"K","1",{"$nulls":3},"ROZPOCET",{"$nulls":5},{"v":133150.8,"d":"133,150.80"},{"v":0,"d":"0.00"},{"v":0,"d":"0.00"},{"v":0,"d":"0.00"},{"v":0,"d":"0.00"},"1",{"v":133150.8,"d":"133,150.80"},"4","72"]
[null,null,"37","K","875332","POTRUBÍ DREN Z TRUB PLAST DN DO 150MM DĚROVANÝCH","M",{"v":6.8,"d":"6.800"},{"v":270.3,"d":"270.30"},{"v":1838.04,"d":"1,838.04"},null,null,"","základní",null,{"v":0,"d":"0.00000"},{"v":0,"d":"0.00000"},{"v":0,"d":"0.00000"},{"v":0,"d":"0.00000"},{"v":0,"d":"0.00000"},null,null,{"v":0,"d":"0.000"},{"v":0,"d":"0.000"},{"v":0,"d":"0.000"},{"v":0,"d":"0.000"},{"v":1838.04,"d":"1,838.04"},{"$nulls":16},"4",null,"K","1",{"$nulls":3},"ROZPOCET",{"$nulls":5},{"v":1838.04,"d":"1,838.04"},{"v":0,"d":"0.00"},{"v":0,"d":"0.00"},{"v":0,"d":"0.00"},{"v":0,"d":"0.00"},"1",{"v":1838.04,"d":"1,838.04"},"4","74"]
[null,null,"38","K","87914","POTRUBÍ ODPADNÍ MOSTNÍCH OBJEKTŮ Z PLAST TRUB DN DO 200 MM","M",{"v":4,"d":"4.000"},{"v":237.8,"d":"237.80"},{"v":951.2,"d":"951.20"},null,null,"","základní",null,{"v":0,"d":"0.00000"},{"v":0,"d":"0.00000"},{"v":0,"d":"0.00000"},{"v":0,"d":"0.00000"},{"v":0,"d":"0.00000"},null,null,{"v":0,"d":"0.000"},{"v":0,"d":"0.000"},{"v":0,"d":"0.000"},{"v":0,"d":"0.000"},{"v":951.2,"d":"951.20"},{"$nulls":16},"4",null,"K","1",{"$nulls":3},"ROZPOCET",{"$nulls":5},{"v":951.2,"d":"951.20"},{"v":0,"d":"0.00"},{"v":0,"d":"0.00"},{"v":0,"d":"0.00"},{"v":0,"d":"0.00"},"1",{"v":951.2,"d":"951.20"},"4","76"]
[null,null,"39","K","57326","MIKROKOBEREC JEDNOVSTVÝ FR.0/5 PŘÍMO PJÍŽĎENÁ IZOLACE","M2",{"v":57.3,"d":"57.300"},{"v":3729.7,"d":"3,729.70"},{"v":213711.81,"d":"213,711.81"},null,null,"","základní",null,{"v":0,"d":"0.00000"},{"v":0,"d":"0.00000"},{"v":0,"d":"0.00000"},{"v":0,"d":"0.00000"},{"v":0,"d":"0.00000"},null,null,{"v":0,"d":"0.000"},{"v":0,"d":"0.000"},{"v":0,"d":"0.000"},{"v":0,"d":"0.000"},{"v":213711.81,"d":"213,711.81"},{"$nulls":16},"4",null,"K","1",{"$nulls":3},"ROZPOCET",{"$nulls":5},{"v":213711.81,"d":"213,711.81"},{"v":0,"d":"0.00"},{"v":0,"d":"0.00"},{"v":0,"d":"0.00"},{"v":0,"d":"0.00"},"1",{"v":213711.81,"d":"213,711.81"},"4","78"]
[null,null,"40","K","93131","TĚSNĚNÍ DILATAČNÍCH SPÁR ASFALTOVOU ZÁLIVKOU","M3",0.003,{"v":75676.7,"d":"75,676.70"},227.03,null,null,"","základní",null,{"v":0,"d":"0.00000"},{"v":0,"d":"0.00000"},{"v":0,"d":"0.00000"},{"v":0,"d":"0.00000"},{"v":0,"d":"0.00000"},null,null,{"v":0,"d":"0.000"},{"v":0,"d":"0.000"},{"v":0,"d":"0.000"},{"v":0,"d":"0.000"},227.03,{"$nulls":16},"4",null,"K","1",{"$nulls":3},"ROZPOCET",{"$nulls":5},227.03,{"v":0,"d":"0.00"},{"v":0,"d":"0.00"},{"v":0,"d":"0.00"},{"v":0,"d":"0.00"},"1",227.03,"4","80"]
[null,null,"41","K","9112B1","ZÁBRADLÍ MOSTNÍ SE SVISLOU VÝPLNÍ - DODÁVKA A MONTÁŽ","M",{"v":36.4,"d":"36.400"},{"v":9275.7,"d":"9,275.70"},{"v":337635.48,"d":"337,635.48"},null,null,"","základní",null,{"v":0,"d":"0.00000"},{"v":0,"d":"0.00000"},{"v":0,"d":"0.00000"},{"v":0,"d":"0.00000"},{"v":0,"d":"0.00000"},null,null,{"v":0,"d":"0.000"},{"v":0,"d":"0.000"},{"v":0,"d":"0.000"},{"v":0,"d":"0.000"},{"v":337635.48,"d":"337,635.48"},{"$nulls":16},"4",null,"K","1",{"$nulls":3},"ROZPOCET",{"$nulls":5},{"v":337635.48,"d":"337,635.48"},{"v":0,"d":"0.00"},{"v":0,"d":"0.00"},{"v":0,"d":"0.00"},{"v":0,"d":"0.00"},"1",{"v":337635.48,"d":"337,635.48"},"4","82"]
[null,null,"42","K","919112","ŘEZÁNÍ ASFALTOVÉHO KRYTU VOZOVEK TL DO 100MM","M",{"v":3,"d":"3.000"},{"v":70.3,"d":"70.30"},{"v":210.9,"d":"210.90"},null,null,"","základní",null,{"v":0,"d":"0.00000"},{"v":0,"d":"0.00000"},{"v":0,"d":"0.00000"},{"v":0,"d":"0.00000"},{"v":0,"d":"0.00000"},null,null,{"v":0,"d":"0.000"},{"v":0,"d":"0.000"},{"v":0,"d":"0.000"},{"v":0,"d":"0.000"},{"v":210.9,"d":"210.90"},{"$nulls":16},"4",null,"K","1",{"$nulls":3},"ROZPOCET",{"$nulls":5},{"v":210.9,"d":"210.90"},{"v":0,"d":"0.00"},{"v":0,"d":"0.00"},{"v":0,"d":"0.00"},{"v":0,"d":"0.00"},"1",{"v":210.9,"d":"210.90"},"4","84"]
[null,null,"43","K","914A41","EV ČÍSLO MOSTU OCEL S FÓLIÍ TŘ.3 DODÁVKA A MONTÁŽ","KUS",{"v":2,"d":"2.000"},{"v":542.7,"d":"542.70"},{"v":1085.4,"d":"1,085.40"},null,null,"","základní",null,{"v":0,"d":"0.00000"},{"v":0,"d":"0.00000"},{"v":0,"d":"0.00000"},{"v":0,"d":"0.00000"},{"v":0,"d":"0.00000"},null,null,{"v":0,"d":"0.000"},{"v":0,"d":"0.000"},{"v":0,"d":"0.000"},{"v":0,"d":"0.000"},{"v":1085.4,"d":"1,085.40"},{"$nulls":16},"4",null,"K","1",{"$nulls":3},"ROZPOCET",{"$nulls":5},{"v":1085.4,"d":"1,085.40"},{"v":0,"d":"0.00"},{"v":0,"d":"0.00"},{"v":0,"d":"0.00"},{"v":0,"d":"0.00"},"1",{"v":1085.4,"d":"1,085.40"},"4","86"]

{"sheet":"List1 (2)","index":1,"n_rows":134,"n_cols":65,"rows_kept":134,"hidden":true,"merged":[[1,1,1,9],[1,11,1,21],[6,4,6,7],[8,4,8,7],[17,4,17,7],[26,4,26,7],[47,4,47,7],[49,4,49,7],[73,4,73,7],[75,4,75,7]]}
[]
[null,"Příloha č.1 Změnového listu č.1 - Rozdílový rozpočet",{"$nulls":9},">>  skryté sloupce  <<",{"$nulls":33},"{8f0ec156-bcd2-4a7d-94f7-4455f5464583}"]
[{"$nulls":45},"2"]
[{"$nulls":3},"KRYCÍ LIST SOUPISU PRACÍ",{"$nulls":8},"v ---  níže se nacházejí doplnkové a pomocné údaje k sestavám  --- v",{"$nulls":32},"False"]
[]
[{"$nulls":3},"Stavba:"]
[{"$nulls":4},"Kladská stezka, úsek Jaroměř - Rychnovek"]
[{"$nulls":3},"Objekt:"]
[{"$nulls":4},"SO 201 - Lávka přes Úpu"]
[]
[{"$nulls":3},"KSO:",null,"",null,null,"CC-CZ:",""]
[{"$nulls":3},"Místo:",null," ",null,null,"Datum:","2023-12-04"]
[]
[{"$nulls":3},"Zadavatel:",{"$nulls":4},"IČ:",""]
[{"$nulls":4},"Dobrovolný spolek Kladská stezka",{"$nulls":3},"DIČ:",""]
[]
[{"$nulls":3},"Uchazeč:",{"$nulls":4},"IČ:","48035599"]
[{"$nulls":4},"SWIETELSKY stavební s.r.o.",{"$nulls":3},"DIČ:","CZ48035599"]
[]
[{"$nulls":3},"Projektant:",{"$nulls":4},"IČ:",""]
[{"$nulls":4},"Hronovský – dopravní projekce s.r.o.",{"$nulls":3},"DIČ:",""]
[]
[{"$nulls":3},"Zpracovatel:",{"$nulls":4},"IČ:",""]
[{"$nulls":4},"Kamil Hronovský ",{"$nulls":3},"DIČ:",""]
[]
[{"$nulls":3},"Poznámka:"]
[{"$nulls":4},""]
[]
[]
[{"$nulls":3},"Cena bez DPH",{"$nulls":5},{"$f":"J59","v":{"v":3729516.3498,"d":"3,729,516.35"}}]
[]
[{"$nulls":5},"Základ daně",null,null,"Sazba daně","Výše daně"]
[{"$nulls":3},"DPH","základní",{"$f":"ROUND((SUM(BE84:BE134)),  2)","v":{"v":3652454.14,"d":"3,652,454.14"}},null,null,{"v":0.21,"d":"21.00%"},{"$f":"ROUND(((SUM(BE84:BE134))*I33),  2)","v":{"v":767015.37,"d":"767,015.37"}}]
[{"$nulls":4},"snížená",{"$f":"ROUND((SUM(BF84:BF134)),  2)","v":{"v":0,"d":"0.00"}},null,null,{"v":0.15,"d":"15.00%"},{"$f":"ROUND(((SUM(BF84:BF134))*I34),  2)","v":{"v":0,"d":"0.00"}}]
[{"$nulls":4},"zákl. přenesená",{"$f":"ROUND((SUM(BG84:BG134)),  2)","v":{"v":0,"d":"0.00"}},null,null,{"v":0.21,"d":"21.00%"},{"$f":"0","v":{"v":0,"d":"0.00"}}]
[{"$nulls":4},"sníž. přenesená",{"$f":"ROUND((SUM(BH84:BH134)),  2)","v":{"v":0,"d":"0.00"}},null,null,{"v":0.15,"d":"15.00%"},{"$f":"0","v":{"v":0,"d":"0.00"}}]
[{"$nulls":4},"nulová",{"$f":"ROUND((SUM(BI84:BI134)),  2)","v":{"v":0,"d":"0.00"}},null,null,{"v":0,"d":"0.00%"},{"$f":"0","v":{"v":0,"d":"0.00"}}]
[]
[{"$nulls":3},"Cena s DPH",null,null,"v","CZK",null,{"$f":"SUM(J30:J37)","v":{"v":4496531.7198,"d":"4,496,531.72"}}]
[]
[]
[]
[]
[]
[null,null,"REKAPITULACE ČLENĚNÍ SOUPISU PRACÍ"]
[]
[null,null,"Stavba:"]
[{"$nulls":4},{"$f":"E7","v":"Kladská stezka, úsek Jaroměř - Rychnovek"}]
[null,null,"Objekt:"]
[{"$nulls":4},{"$f":"E9","v":"SO 201 - Lávka přes Úpu"}]
[]
[null,null,"Místo:",null,null,{"$f":"F12","v":" "},null,null,"Datum:","2024-07-16"]
[]
[null,null,"Zadavatel:",null,null,{"$f":"E15","v":"Dobrovolný spolek Kladská stezka"},null,null,"Projektant:",{"$f":"E21","v":"Hronovský – dopravní projekce s.r.o."}]
[null,null,"Uchazeč:",null,null,{"$f":"IF(E18=\"\",\"\",E18)","v":"SWIETELSKY stavební s.r.o."},null,null,"Zpracovatel:","Petr Škráček"]
[]
[null,null,"Kód dílu - Popis",{"$nulls":6},"Cena celkem po změně č.1 [CZK]"]
[]
[null,null,"Náklady stavby celkem",{"$nulls":6},{"$f":"AA84","v":{"v":3729516.3498,"d":"3,729,516.35"}},{"$nulls":36},"-1"]
[{"$nulls":3},"0 - Všeobecné konstrukce a práce",{"$nulls":5},{"$f":"AA85","v":{"v":350968.2,"d":"350,968.20"}}]
[{"$nulls":3},"1 - Zemní práce",{"$nulls":5},{"$f":"AA97","v":{"v":115397.64,"d":"115,397.64"}}]
[{"$nulls":3},"D1 - 2 Základy",{"$nulls":5},{"$f":"AA102","v":{"v":402760.38,"d":"402,760.38"}}]
[{"$nulls":3},"3 - Svislé konstrukce",{"$nulls":5},{"$f":"AA111","v":{"v":670847.3298000002,"d":"670,847.33"}}]
[{"$nulls":3},"4 - Vodorovné konstrukce",{"$nulls":5},{"$f":"AA119","v":{"v":2189542.8,"d":"2,189,542.80"}}]
[]
[]
[]
[]
[]
[]
[null,null,"SOUPIS PRACÍ"]
[]
[null,null,"Stavba:"]
[{"$nulls":4},{"$f":"E7","v":"Kladská stezka, úsek Jaroměř - Rychnovek"}]
[null,null,"Objekt:"]
[{"$nulls":4},{"$f":"E9","v":"SO 201 - Lávka přes Úpu"}]
[]
[null,null,"Místo:",null,null,{"$f":"F12","v":" "},null,null,"Datum:","2024-07-16"]
[]
[null,null,"Zadavatel:",null,null,{"$f":"E15","v":"Dobrovolný spolek Kladská stezka"},null,null,"Projektant:",{"$f":"E21","v":"Hronovský – dopravní projekce s.r.o."}]
[null,null,"Uchazeč:",null,null,{"$f":"IF(E18=\"\",\"\",E18)","v":"SWIETELSKY stavební s.r.o."},null,null,"Zpracovatel:","Petr Škráček"]
[]
[null,null,"PČ","Typ","Kód","Popis","MJ","Množství","J.cena [CZK]","Cena celkem [CZK]","Cenová soustava",null,"","DPH","J. Nh [h]","Nh celkem [h]","J. hmotnost [t]","Hmotnost celkem [t]","J. suť [t]","Suť Celkem [t]",null,null,"Množství navýšení","Cena celkem navýšení","Množství snížení","Cena celkem snížení","Celkem po změně č.1"]
[null,null,"Náklady soupisu celkem",{"$nulls":6},{"$f":"BK84","v":{"v":3652454.1399999997,"d":"3,652,454.14"}},{"$nulls":5},{"$f":"P85+P97+P102+P111+P119","v":{"v":0,"d":"0.00000"}},null,{"$f":"R85+R97+R102+R111+R119","v":{"v":0,"d":"0.00000"}},null,{"$f":"T85+T97+T102+T111+T119","v":{"v":0,"d":"0.00000"}},{"$nulls":3},{"$f":"X85+X97+X102+X111+X119","v":{"v":247176.15,"d":"247,176.15"}},null,{"$f":"Z85+Z97+Z102+Z111+Z119","v":{"v":-170113.9402,"d":"-170,113.94"}},{"$f":"AA85+AA97+AA102+AA111+AA119","v":{"v":3729516.3498,"d":"3,729,516.35"}},{"$nulls":18},"D","-1",{"$nulls":15},{"$f":"BK85+BK97+BK102+BK111+BK119","v":{"v":3652454.1399999997,"d":"3,652,454.14"}}]
[{"$nulls":3},"D","0","Všeobecné konstrukce a práce",{"$nulls":3},{"$f":"BK85","v":{"v":350968.2,"d":"350,968.20"}},{"$nulls":5},{"$f":"SUM(P86:P96)","v":{"v":0,"d":"0.00000"}},null,{"$f":"SUM(R86:R96)","v":{"v":0,"d":"0.00000"}},null,{"$f":"SUM(T86:T96)","v":{"v":0,"d":"0.00000"}},{"$nulls":3},{"$f":"SUM(X86:X96)","v":{"v":0,"d":"0.00"}},null,{"$f":"SUM(Z86:Z96)","v":{"v":0,"d":"0.00"}},{"$f":"SUM(AA86:AA96)","v":{"v":350968.2,"d":"350,968.20"}},{"$nulls":16},"1",null,"D","0",{"$nulls":3},"ROZPOCET",{"$nulls":11},{"$f":"SUM(BK86:BK96)","v":{"v":350968.2,"d":"350,968.20"}}]
[null,null,"1","K","14131","POPLATKY ZA SKLÁDKU TYP S-OO (OSTATNÍ ODPAD)","M3",{"v":210,"d":"210.000"},{"v":350.3,"d":"350.30"},{"$f":"ROUND(I86*H86,2)","v":{"v":73563,"d":"73,563.00"}},null,null,"","základní",null,{"$f":"O86*H86","v":{"v":0,"d":"0.00000"}},{"v":0,"d":"0.00000"},{"$f":"Q86*H86","v":{"v":0,"d":"0.00000"}},{"v":0,"d":"0.00000"},{"$f":"S86*H86","v":{"v":0,"d":"0.00000"}},null,null,{"v":0,"d":"0.000"},{"$f":"W86*I86","v":{"v":0,"d":"0.000"}},{"v":0,"d":"0.000"},{"$f":"Y86*I86","v":{"v":0,"d":"0.000"}},{"$f":"J86+X86+Z86","v":{"v":73563,"d":"73,563.00"}},{"$nulls":16},"4",null,"K","1",{"$nulls":3},"ROZPOCET",{"$nulls":5},{"$f":"IF(N86=\"základní\",J86,0)","v":{"v":73563,"d":"73,563.00"}},{"$f":"IF(N86=\"snížená\",J86,0)","v":{"v":0,"d":"0.00"}},{"$f":"IF(N86=\"zákl. přenesená\",J86,0)","v":{"v":0,"d":"0.00"}},{"$f":"IF(N86=\"sníž. přenesená\",J86,0)","v":{"v":0,"d":"0.00"}},{"$f":"IF(N86=\"nulová\",J86,0)","v":{"v":0,"d":"0.00"}},"1",{"$f":"ROUND(I86*H86,2)","v":{"v":73563,"d":"73,563.00"}},"4","2"]
[null,null,"2","K","02730","POMOC PRÁCE ZŘÍZ NEBO ZAJIŠŤ OCHRANU INŽENÝRSKÝCH SÍTÍ","SOUBOR",{"v":1,"d":"1.000"},{"v":32432.4,"d":"32,432.40"},{"v":32432.4,"d":"32,432.40"},null,null,"","základní",null,{"v":0,"d":"0.00000"},{"v":0,"d":"0.00000"},{"v":0,"d":"0.00000"},{"v":0,"d":"0.00000"},{"v":0,"d":"0.00000"},null,null,{"v":0,"d":"0.000"},{"v":0,"d":"0.000"},{"v":0,"d":"0.000"},{"v":0,"d":"0.000"},{"$f":"J87+X87+Z87","v":{"v":32432.4,"d":"32,432.40"}},{"$nulls":16},"4",null,"K","1",{"$nulls":3},"ROZPOCET",{"$nulls":5},{"v":32432.4,"d":"32,432.40"},{"v":0,"d":"0.00"},{"v":0,"d":"0.00"},{"v":0,"d":"0.00"},{"v":0,"d":"0.00"},"1",{"v":32432.4,"d":"32,432.40"},"4","4"]
[null,null,"3","K","02911","OSTATNÍ POŽADAVKY - GEODETICKÉ VYTÝČENÍ MOSTNÍ KONSTRUKCE","SOUBOR",{"v":1,"d":"1.000"},{"v":51891.9,"d":"51,891.90"},{"v":51891.9,"d":"51,891.90"},null,null,"","základní",null,{"v":0,"d":"0.00000"},{"v":0,"d":"0.00000"},{"v":0,"d":"0.00000"},{"v":0,"d":"0.00000"},{"v":0,"d":"0.00000"},null,null,{"v":0,"d":"0.000"},{"v":0,"d":"0.000"},{"v":0,"d":"0.000"},{"v":0,"d":"0.000"},{"v":51891.9,"d":"51,891.90"},{"$nulls":16},"4",null,"K","1",{"$nulls":3},"ROZPOCET",{"$nulls":5},{"v":51891.9,"d":"51,891.90"},{"v":0,"d":"0.00"},{"v":0,"d":"0.00"},{"v":0,"d":"0.00"},{"v":0,"d":"0.00"},"1",{"v":51891.9,"d":"51,891.90"},"4","6"]
[null,null,"4","K","02940","OSTATNÍ POŽADAVKY - GEODETICKÉ ZAMĚŘENÍ MOSTNÍ KONSTRUKCE V JTSK + VYHOTOVENÍ ZÁVĚREČNÉ ZPRÁVY","KČ",{"v":1,"d":"1.000"},{"v":37837.8,"d":"37,837.80"},{"v":37837.8,"d":"37,837.80"},null,null,"","základní",null,{"v":0,"d":"0.00000"},{"v":0,"d":"0.00000"},{"v":0,"d":"0.00000"},{"v":0,"d":"0.00000"},{"v":0,"d":"0.00000"},null,null,{"v":0,"d":"0.000"},{"v":0,"d":"0.000"},{"v":0,"d":"0.000"},{"v":0,"d":"0.000"},{"v":37837.8,"d":"37,837.80"},{"$nulls":16},"4",null,"K","1",{"$nulls":3},"ROZPOCET",{"$nulls":5},{"v":37837.8,"d":"37,837.80"},{"v":0,"d":"0.00"},{"v":0,"d":"0.00"},{"v":0,"d":"0.00"},{"v":0,"d":"0.00"},"1",{"v":37837.8,"d":"37,837.80"},"4","8"]
[null,null,"5","K","029412","OSTATNÍ POŽADAVKY - VYPRACOVÁNÍ MOSTNÍHO LISTU","KUS",{"v":1,"d":"1.000"},{"v":3243.2,"d":"3,243.20"},{"v":3243.2,"d":"3,243.20"},null,null,"","základní",null,{"v":0,"d":"0.00000"},{"v":0,"d":"0.00000"},{"v":0,"d":"0.00000"},{"v":0,"d":"0.00000"},{"v":0,"d":"0.00000"},null,null,{"v":0,"d":"0.000"},{"v":0,"d":"0.000"},{"v":0,"d":"0.000"},{"v":0,"d":"0.000"},{"v":3243.2,"d":"3,243.20"},{"$nulls":16},"4",null,"K","1",{"$nulls":3},"ROZPOCET",{"$nulls":5},{"v":3243.2,"d":"3,243.20"},{"v":0,"d":"0.00"},{"v":0,"d":"0.00"},{"v":0,"d":"0.00"},{"v":0,"d":"0.00"},"1",{"v":3243.2,"d":"3,243.20"},"4","10"]
[null,null,"6","K","02943","OSTATNÍ POŽADAVKY - VYPRACOVÁNÍ PROVÁDĚCÍ A VÝROBNÍ DOKUMENTACE MOSTNÍ KONSTRUKCE","SOUBOR",{"v":1,"d":"1.000"},{"v":35675.7,"d":"35,675.70"},{"v":35675.7,"d":"35,675.70"},null,null,"","základní",null,{"v":0,"d":"0.00000"},{"v":0,"d":"0.00000"},{"v":0,"d":"0.00000"},{"v":0,"d":"0.00000"},{"v":0,"d":"0.00000"},null,null,{"v":0,"d":"0.000"},{"v":0,"d":"0.000"},{"v":0,"d":"0.000"},{"v":0,"d":"0.000"},{"v":35675.7,"d":"35,675.70"},{"$nulls":16},"4",null,"K","1",{"$nulls":3},"ROZPOCET",{"$nulls":5},{"v":35675.7,"d":"35,675.70"},{"v":0,"d":"0.00"},{"v":0,"d":"0.00"},{"v":0,"d":"0.00"},{"v":0,"d":"0.00"},"1",{"v":35675.7,"d":"35,675.70"},"4","12"]
[null,null,"7","K","02944","OSTAT POŽADAVKY - DOKUMENTACE SKUTEČ PROVEDENÍ V DIGIT FORMĚ","KČ",{"v":1,"d":"1.000"},{"v":9729.7,"d":"9,729.70"},{"v":9729.7,"d":"9,729.70"},null,null,"","základní",null,{"v":0,"d":"0.00000"},{"v":0,"d":"0.00000"},{"v":0,"d":"0.00000"},{"v":0,"d":"0.00000"},{"v":0,"d":"0.00000"},null,null,{"v":0,"d":"0.000"},{"v":0,"d":"0.000"},{"v":0,"d":"0.000"},{"v":0,"d":"0.000"},{"v":9729.7,"d":"9,729.70"},{"$nulls":16},"4",null,"K","1",{"$nulls":3},"ROZPOCET",{"$nulls":5},{"v":9729.7,"d":"9,729.70"},{"v":0,"d":"0.00"},{"v":0,"d":"0.00"},{"v":0,"d":"0.00"},{"v":0,"d":"0.00"},"1",{"v":9729.7,"d":"9,729.70"},"4","14"]
[null,null,"8","K","02953","OSTATNÍ POŽADAVKY - HLAVNÍ MOSTNÍ PROHLÍDKA","KUS",{"v":1,"d":"1.000"},{"v":5405.4,"d":"5,405.40"},{"v":5405.4,"d":"5,405.40"},null,null,"","základní",null,{"v":0,"d":"0.00000"},{"v":0,"d":"0.00000"},{"v":0,"d":"0.00000"},{"v":0,"d":"0.00000"},{"v":0,"d":"0.00000"},null,null,{"v":0,"d":"0.000"},{"v":0,"d":"0.000"},{"v":0,"d":"0.000"},{"v":0,"d":"0.000"},{"v":5405.4,"d":"5,405.40"},{"$nulls":16},"4",null,"K","1",{"$nulls":3},"ROZPOCET",{"$nulls":5},{"v":5405.4,"d":"5,405.40"},{"v":0,"d":"0.00"},{"v":0,"d":"0.00"},{"v":0,"d":"0.00"},{"v":0,"d":"0.00"},"1",{"v":5405.4,"d":"5,405.40"},"4","16"]
[null,null,"9","K","02971","OSTAT POŽADAVKY - GEOTECHNICKÝ MONITORING NA POVRCHU","KPL",{"v":1,"d":"1.000"},{"v":1729.7,"d":"1,729.70"},{"v":1729.7,"d":"1,729.70"},null,null,"","základní",null,{"v":0,"d":"0.00000"},{"v":0,"d":"0.00000"},{"v":0,"d":"0.00000"},{"v":0,"d":"0.00000"},{"v":0,"d":"0.00000"},null,null,{"v":0,"d":"0.000"},{"v":0,"d":"0.000"},{"v":0,"d":"0.000"},{"v":0,"d":"0.000"},{"v":1729.7,"d":"1,729.70"},{"$nulls":16},"4",null,"K","1",{"$nulls":3},"ROZPOCET",{"$nulls":5},{"v":1729.7,"d":"1,729.70"},{"v":0,"d":"0.00"},{"v":0,"d":"0.00"},{"v":0,"d":"0.00"},{"v":0,"d":"0.00"},"1",{"v":1729.7,"d":"1,729.70"},"4","18"]
[null,null,"10","K","03100","ZAŘÍZENÍ STAVENIŠTĚ - ZŘÍZENÍ, PROVOZ, DEMONTÁŽ","KČ",{"v":1,"d":"1.000"},{"v":21621.6,"d":"21,621.60"},{"v":21621.6,"d":"21,621.60"},null,null,"","základní",null,{"v":0,"d":"0.00000"},{"v":0,"d":"0.00000"},{"v":0,"d":"0.00000"},{"v":0,"d":"0.00000"},{"v":0,"d":"0.00000"},null,null,{"v":0,"d":"0.000"},{"v":0,"d":"0.000"},{"v":0,"d":"0.000"},{"v":0,"d":"0.000"},{"v":21621.6,"d":"21,621.60"},{"$nulls":16},"4",null,"K","1",{"$nulls":3},"ROZPOCET",{"$nulls":5},{"v":21621.6,"d":"21,621.60"},{"v":0,"d":"0.00"},{"v":0,"d":"0.00"},{"v":0,"d":"0.00"},{"v":0,"d":"0.00"},"1",{"v":21621.6,"d":"21,621.60"},"4","20"]
[null,null,"11","K","03540","STAVEBNÍ STROJE MOBILNÍ VRTACÍ - doprava na stavbu","KPL",{"v":2,"d":"2.000"},{"v":38918.9,"d":"38,918.90"},{"v":77837.8,"d":"77,837.80"},null,null,"","základní",null,{"v":0,"d":"0.00000"},{"v":0,"d":"0.00000"},{"v":0,"d":"0.00000"},{"v":0,"d":"0.00000"},{"v":0,"d":"0.00000"},null,null,{"v":0,"d":"0.000"},{"v":0,"d":"0.000"},{"v":0,"d":"0.000"},{"v":0,"d":"0.000"},{"v":77837.8,"d":"77,837.80"},{"$nulls":16},"4",null,"K","1",{"$nulls":3},"ROZPOCET",{"$nulls":5},{"v":77837.8,"d":"77,837.80"},{"v":0,"d":"0.00"},{"v":0,"d":"0.00"},{"v":0,"d":"0.00"},{"v":0,"d":"0.00"},"1",{"v":77837.8,"d":"77,837.80"},"4","22"]
[{"$nulls":3},"D","1","Zemní práce",{"$nulls":3},{"$f":"BK97","v":{"v":179847.72,"d":"179,847.72"}},{"$nulls":5},{"$f":"SUM(P98:P101)","v":{"v":0,"d":"0.00000"}},null,{"$f":"SUM(R98:R101)","v":{"v":0,"d":"0.00000"}},null,{"$f":"SUM(T98:T101)","v":{"v":0,"d":"0.00000"}},{"$nulls":3},{"$f":"SUM(X98:X101)","v":{"v":0,"d":"0.00"}},null,{"$f":"SUM(Z98:Z101)","v":{"v":-64450.08000000001,"d":"-64,450.08"}},{"$f":"SUM(AA98:AA101)","v":{"v":115397.64,"d":"115,397.64"}},{"$nulls":16},"1",null,"D","0",{"$nulls":3},"ROZPOCET",{"$nulls":11},{"$f":"SUM(BK98:BK101)","v":{"v":179847.72,"d":"179,847.72"}}]
[null,null,"12","K","122737","ODKOPÁVKY A PROKOPÁVKY OBECNÉ TŘ. I, ODVOZ DO 16KM","M3",{"v":24,"d":"24.000"},{"v":536.9,"d":"536.90"},{"$f":"ROUND(I98*H98,2)","v":{"v":12885.6,"d":"12,885.60"}},null,null,"","základní",null,{"$f":"O98*H98","v":{"v":0,"d":"0.00000"}},{"v":0,"d":"0.00000"},{"$f":"Q98*H98","v":{"v":0,"d":"0.00000"}},{"v":0,"d":"0.00000"},{"$f":"S98*H98","v":{"v":0,"d":"0.00000"}},null,null,{"v":0,"d":"0.000"},{"$f":"W98*I98","v":{"v":0,"d":"0.000"}},{"v":0,"d":"0.000"},{"$f":"Y98*I98","v":{"v":0,"d":"0.000"}},{"$f":"J98+X98+Z98","v":{"v":12885.6,"d":"12,885.60"}},{"$nulls":16},"4",null,"K","1",{"$nulls":3},"ROZPOCET",{"$nulls":5},{"$f":"IF(N98=\"základní\",J98,0)","v":{"v":12885.6,"d":"12,885.60"}},{"$f":"IF(N98=\"snížená\",J98,0)","v":{"v":0,"d":"0.00"}},{"$f":"IF(N98=\"zákl. přenesená\",J98,0)","v":{"v":0,"d":"0.00"}},{"$f":"IF(N98=\"sníž. přenesená\",J98,0)","v":{"v":0,"d":"0.00"}},{"$f":"IF(N98=\"nulová\",J98,0)","v":{"v":0,"d":"0.00"}},"1",{"$f":"ROUND(I98*H98,2)","v":{"v":12885.6,"d":"12,885.60"}},"4","24"]
[null,null,"13","K","131737","HLOUBENÍ JAM ZAPAŽ I NEPAŽ TŘ. I, ODVOZ DO 16KM","M3",{"v":186,"d":"186.000"},{"v":536.9,"d":"536.90"},{"$f":"ROUND(I99*H99,2)","v":{"v":99863.4,"d":"99,863.40"}},null,null,"","základní",null,{"$f":"O99*H99","v":{"v":0,"d":"0.00000"}},{"v":0,"d":"0.00000"},{"$f":"Q99*H99","v":{"v":0,"d":"0.00000"}},{"v":0,"d":"0.00000"},{"$f":"S99*H99","v":{"v":0,"d":"0.00000"}},null,null,{"v":0,"d":"0.000"},{"$f":"W99*I99","v":{"v":0,"d":"0.000"}},{"v":0,"d":"0.000"},{"$f":"Y99*I99","v":{"v":0,"d":"0.000"}},{"v":99863.4,"d":"99,863.40"},{"$nulls":16},"4",null,"K","1",{"$nulls":3},"ROZPOCET",{"$nulls":5},{"$f":"IF(N99=\"základní\",J99,0)","v":{"v":99863.4,"d":"99,863.40"}},{"$f":"IF(N99=\"snížená\",J99,0)","v":{"v":0,"d":"0.00"}},{"$f":"IF(N99=\"zákl. přenesená\",J99,0)","v":{"v":0,"d":"0.00"}},{"$f":"IF(N99=\"sníž. přenesená\",J99,0)","v":{"v":0,"d":"0.00"}},{"$f":"IF(N99=\"nulová\",J99,0)","v":{"v":0,"d":"0.00"}},"1",{"$f":"ROUND(I99*H99,2)","v":{"v":99863.4,"d":"99,863.40"}},"4","26"]
[null,null,"14","K","17581","OBSYP POTRUBÍ A OBJEKTŮ Z NAKUPOVANÝCH MATERIÁLŮ","M3",{"v":1.92,"d":"1.920"},{"v":1379.5,"d":"1,379.50"},{"$f":"ROUND(I100*H100,2)","v":{"v":2648.64,"d":"2,648.64"}},null,null,"","základní",null,{"$f":"O100*H100","v":{"v":0,"d":"0.00000"}},{"v":0,"d":"0.00000"},{"$f":"Q100*H100","v":{"v":0,"d":"0.00000"}},{"v":0,"d":"0.00000"},{"$f":"S100*H100","v":{"v":0,"d":"0.00000"}},null,null,{"v":0,"d":"0.000"},{"$f":"W100*I100","v":{"v":0,"d":"0.000"}},{"v":0,"d":"0.000"},{"$f":"Y100*I100","v":{"v":0,"d":"0.000"}},{"v":2648.64,"d":"2,648.64"},{"$nulls":16},"4",null,"K","1",{"$nulls":3},"ROZPOCET",{"$nulls":5},{"$f":"IF(N100=\"základní\",J100,0)","v":{"v":2648.64,"d":"2,648.64"}},{"$f":"IF(N100=\"snížená\",J100,0)","v":{"v":0,"d":"0.00"}},{"$f":"IF(N100=\"zákl. přenesená\",J100,0)","v":{"v":0,"d":"0.00"}},{"$f":"IF(N100=\"sníž. přenesená\",J100,0)","v":{"v":0,"d":"0.00"}},{"$f":"IF(N100=\"nulová\",J100,0)","v":{"v":0,"d":"0.00"}},"1",{"$f":"ROUND(I100*H100,2)","v":{"v":2648.64,"d":"2,648.64"}},"4","28"]
[null,null,"15","K","264328","VRTY PRO PILOTY TŘ. III DO 600 MM","M",{"v":21.6,"d":"21.600"},{"v":2983.8,"d":"2,983.80"},{"$f":"ROUND(I101*H101,2)","v":{"v":64450.08,"d":"64,450.08"}},null,null,"","základní",null,{"$f":"O101*H101","v":{"v":0,"d":"0.00000"}},{"v":0,"d":"0.00000"},{"$f":"Q101*H101","v":{"v":0,"d":"0.00000"}},{"v":0,"d":"0.00000"},{"$f":"S101*H101","v":{"v":0,"d":"0.00000"}},null,null,{"v":0,"d":"0.000"},{"$f":"W101*I101","v":{"v":0,"d":"0.000"}},{"v":-21.6,"d":"-21.600"},{"$f":"Y101*I101","v":{"v":-64450.08000000001,"d":"-64,450.080"}},{"v":0,"d":"0.00"},{"$nulls":16},"4",null,"K","1",{"$nulls":3},"ROZPOCET",{"$nulls":5},{"$f":"IF(N101=\"základní\",J101,0)","v":{"v":64450.08,"d":"64,450.08"}},{"$f":"IF(N101=\"snížená\",J101,0)","v":{"v":0,"d":"0.00"}},{"$f":"IF(N101=\"zákl. přenesená\",J101,0)","v":{"v":0,"d":"0.00"}},{"$f":"IF(N101=\"sníž. přenesená\",J101,0)","v":{"v":0,"d":"0.00"}},{"$f":"IF(N101=\"nulová\",J101,0)","v":{"v":0,"d":"0.00"}},"1",{"$f":"ROUND(I101*H101,2)","v":{"v":64450.08,"d":"64,450.08"}},"4","30"]
[{"$nulls":3},"D","D1","2 Základy",{"$nulls":3},{"$f":"BK102","v":{"v":155584.23,"d":"155,584.23"}},{"$nulls":5},{"$f":"SUM(P103:P108)","v":{"v":0,"d":"0.00000"}},null,{"$f":"SUM(R103:R108)","v":{"v":0,"d":"0.00000"}},null,{"$f":"SUM(T103:T108)","v":{"v":0,"d":"0.00000"}},{"$nulls":3},{"$f":"SUM(X103:X110)","v":{"v":247176.15,"d":"247,176.15"}},null,{"$f":"SUM(Z103:Z110)","v":{"v":0,"d":"0.00"}},{"$f":"SUM(AA103:AA110)","v":{"v":402760.38,"d":"402,760.38"}},{"$nulls":16},"1",null,"D","0",{"$nulls":3},"ROZPOCET",{"$nulls":11},{"$f":"SUM(BK103:BK108)","v":{"v":155584.23,"d":"155,584.23"}}]
[null,null,"16","K","21452","SANAČNÍ VRSTVY Z KAMENIVA DRCENÉHO","M3",{"v":8.75,"d":"8.750"},{"v":1391.4,"d":"1,391.40"},{"$f":"ROUND(I103*H103,2)","v":{"v":12174.75,"d":"12,174.75"}},null,null,"","základní",null,{"$f":"O103*H103","v":{"v":0,"d":"0.00000"}},{"v":0,"d":"0.00000"},{"$f":"Q103*H103","v":{"v":0,"d":"0.00000"}},{"v":0,"d":"0.00000"},{"$f":"S103*H103","v":{"v":0,"d":"0.00000"}},null,null,{"v":0,"d":"0.000"},{"$f":"W103*I103","v":{"v":0,"d":"0.000"}},{"v":0,"d":"0.000"},{"$f":"Y103*I103","v":{"v":0,"d":"0.000"}},{"$f":"J103+X103+Z103","v":{"v":12174.75,"d":"12,174.75"}},{"$nulls":16},"4",null,"K","1",{"$nulls":3},"ROZPOCET",{"$nulls":5},{"$f":"IF(N103=\"základní\",J103,0)","v":{"v":12174.75,"d":"12,174.75"}},{"$f":"IF(N103=\"snížená\",J103,0)","v":{"v":0,"d":"0.00"}},{"$f":"IF(N103=\"zákl. přenesená\",J103,0)","v":{"v":0,"d":"0.00"}},{"$f":"IF(N103=\"sníž. přenesená\",J103,0)","v":{"v":0,"d":"0.00"}},{"$f":"IF(N103=\"nulová\",J103,0)","v":{"v":0,"d":"0.00"}},"1",{"$f":"ROUND(I103*H103,2)","v":{"v":12174.75,"d":"12,174.75"}},"4","32"]
[null,null,"17","K","272325","ZÁKLADY ZE ŽELEZOBETONU DO C30/37","M3",{"v":14.7,"d":"14.700"},{"v":6855.9,"d":"6,855.90"},{"v":100781.73,"d":"100,781.73"},null,null,"","základní",null,{"v":0,"d":"0.00000"},{"v":0,"d":"0.00000"},{"v":0,"d":"0.00000"},{"v":0,"d":"0.00000"},{"v":0,"d":"0.00000"},null,null,{"v":0,"d":"0.000"},{"v":0,"d":"0.000"},{"v":0,"d":"0.000"},{"v":0,"d":"0.000"},{"v":100781.73,"d":"100,781.73"},{"$nulls":16},"4",null,"K","1",{"$nulls":3},"ROZPOCET",{"$nulls":5},{"v":100781.73,"d":"100,781.73"},{"v":0,"d":"0.00"},{"v":0,"d":"0.00"},{"v":0,"d":"0.00"},{"v":0,"d":"0.00"},"1",{"v":100781.73,"d":"100,781.73"},"4","34"]
[null,null,"18","K","272365","VÝZTUŽ ZÁKLADŮ Z OCELI 10505, B500B","T",0.886,{"v":36973,"d":"36,973.00"},{"v":32758.08,"d":"32,758.08"},null,null,"","základní",null,{"v":0,"d":"0.00000"},{"v":0,"d":"0.00000"},{"v":0,"d":"0.00000"},{"v":0,"d":"0.00000"},{"v":0,"d":"0.00000"},null,null,{"v":0,"d":"0.000"},{"v":0,"d":"0.000"},{"v":0,"d":"0.000"},{"v":0,"d":"0.000"},{"v":32758.08,"d":"32,758.08"},{"$nulls":16},"4",null,"K","1",{"$nulls":3},"ROZPOCET",{"$nulls":5},{"v":32758.08,"d":"32,758.08"},{"v":0,"d":"0.00"},{"v":0,"d":"0.00"},{"v":0,"d":"0.00"},{"v":0,"d":"0.00"},"1",{"v":32758.08,"d":"32,758.08"},"4","36"]
[null,null,"19","K","28997C","OPLÁŠTĚNÍ (ZPEVNĚNÍ) Z GEOTEXTILIE DO 300G/M2","M2",{"v":62.28,"d":"62.280"},{"v":81.1,"d":"81.10"},{"v":5050.91,"d":"5,050.91"},null,null,"","základní",null,{"v":0,"d":"0.00000"},{"v":0,"d":"0.00000"},{"v":0,"d":"0.00000"},{"v":0,"d":"0.00000"},{"v":0,"d":"0.00000"},null,null,{"v":0,"d":"0.000"},{"v":0,"d":"0.000"},{"v":0,"d":"0.000"},{"v":0,"d":"0.000"},{"v":5050.91,"d":"5,050.91"},{"$nulls":16},"4",null,"K","1",{"$nulls":3},"ROZPOCET",{"$nulls":5},{"v":5050.91,"d":"5,050.91"},{"v":0,"d":"0.00"},{"v":0,"d":"0.00"},{"v":0,"d":"0.00"},{"v":0,"d":"0.00"},"1",{"v":5050.91,"d":"5,050.91"},"4","38"]
[null,null,"20","K","28997F","OPLÁŠTĚNÍ (ZPEVNĚNÍ) Z GEOTEXTILIE DO 600G/M2","M2",{"v":16.2,"d":"16.200"},{"v":97.3,"d":"97.30"},{"v":1576.26,"d":"1,576.26"},null,null,"","základní",null,{"v":0,"d":"0.00000"},{"v":0,"d":"0.00000"},{"v":0,"d":"0.00000"},{"v":0,"d":"0.00000"},{"v":0,"d":"0.00000"},null,null,{"v":0,"d":"0.000"},{"v":0,"d":"0.000"},{"v":0,"d":"0.000"},{"v":0,"d":"0.000"},{"v":1576.26,"d":"1,576.26"},{"$nulls":16},"4",null,"K","1",{"$nulls":3},"ROZPOCET",{"$nulls":5},{"v":1576.26,"d":"1,576.26"},{"v":0,"d":"0.00"},{"v":0,"d":"0.00"},{"v":0,"d":"0.00"},{"v":0,"d":"0.00"},"1",{"v":1576.26,"d":"1,576.26"},"4","40"]
[null,null,"21","K","28999","OPLÁŠTĚNÍ (ZPEVNĚNÍ) Z FÓLIE","M2",{"v":25,"d":"25.000"},{"v":129.7,"d":"129.70"},{"v":3242.5,"d":"3,242.50"},null,null,"","základní",null,{"v":0,"d":"0.00000"},{"v":0,"d":"0.00000"},{"v":0,"d":"0.00000"},{"v":0,"d":"0.00000"},{"v":0,"d":"0.00000"},null,null,{"v":0,"d":"0.000"},{"v":0,"d":"0.000"},{"v":0,"d":"0.000"},{"v":0,"d":"0.000"},{"v":3242.5,"d":"3,242.50"},{"$nulls":16},"4",null,"K","1",{"$nulls":3},"ROZPOCET",{"$nulls":5},{"v":3242.5,"d":"3,242.50"},{"v":0,"d":"0.00"},{"v":0,"d":"0.00"},{"v":0,"d":"0.00"},{"v":0,"d":"0.00"},"1",{"v":3242.5,"d":"3,242.50"},"4","42"]
[null,null,"N1",null,"227831","Mikropiloty D do 150 mm","m",{"v":0,"d":"0.000"},{"v":3309.88,"d":"3,309.88"},{"v":0,"d":"0.00"},"OTSKP 2024",null,"","základní",null,{"v":0,"d":"0.00000"},{"v":0,"d":"0.00000"},{"v":0,"d":"0.00000"},{"v":0,"d":"0.00000"},{"v":0,"d":"0.00000"},null,null,{"v":39,"d":"39.000"},{"v":129085.32,"d":"129,085.320"},{"v":0,"d":"0.000"},{"v":0,"d":"0.000"},{"v":129085.32,"d":"129,085.32"}]
[null,null,"N2",null,"26184","Vrty mikropilot tř.III do 200 mm","m",{"v":0,"d":"0.000"},{"v":3027.97,"d":"3,027.97"},{"v":0,"d":"0.00"},"OTSKP 2024",null,"","základní",null,{"v":0,"d":"0.00000"},{"v":0,"d":"0.00000"},{"v":0,"d":"0.00000"},{"v":0,"d":"0.00000"},{"v":0,"d":"0.00000"},null,null,{"v":39,"d":"39.000"},{"v":118090.82999999999,"d":"118,090.830"},{"v":0,"d":"0.000"},{"v":0,"d":"0.000"},{"v":118090.82999999999,"d":"118,090.83"}]
[{"$nulls":3},"D","3","Svislé konstrukce",{"$nulls":3},{"$f":"BK111","v":{"v":776511.1900000001,"d":"776,511.19"}},{"$nulls":5},{"$f":"SUM(P112:P118)","v":{"v":0,"d":"0.00000"}},null,{"$f":"SUM(R112:R118)","v":{"v":0,"d":"0.00000"}},null,{"$f":"SUM(T112:T118)","v":{"v":0,"d":"0.00000"}},{"$nulls":3},{"$f":"SUM(X112:X118)","v":{"v":0,"d":"0.00"}},null,{"$f":"SUM(Z112:Z118)","v":{"v":-105663.8602,"d":"-105,663.86"}},{"$f":"SUM(AA112:AA118)","v":{"v":670847.3298000002,"d":"670,847.33"}},{"$nulls":16},"1",null,"D","0",{"$nulls":3},"ROZPOCET",{"$nulls":11},{"$f":"SUM(BK112:BK118)","v":{"v":776511.1900000001,"d":"776,511.19"}}]
[null,null,"22","K","333325","MOSTNÍ OPĚRY A KŘÍDLA ZE ŽELEZOVÉHO BETONU DO C30/37","M3",{"v":43.43,"d":"43.430"},{"v":8119.4,"d":"8,119.40"},{"$f":"ROUND(I112*H112,2)","v":{"v":352625.54,"d":"352,625.54"}},null,null,"","základní",null,{"$f":"O112*H112","v":{"v":0,"d":"0.00000"}},{"v":0,"d":"0.00000"},{"$f":"Q112*H112","v":{"v":0,"d":"0.00000"}},{"v":0,"d":"0.00000"},{"$f":"S112*H112","v":{"v":0,"d":"0.00000"}},null,null,{"v":0,"d":"0.000"},{"$f":"W112*I112","v":{"v":0,"d":"0.000"}},{"v":0,"d":"0.000"},{"$f":"Y112*I112","v":{"v":0,"d":"0.000"}},{"$f":"J112+X112+Z112","v":{"v":352625.54,"d":"352,625.54"}},{"$nulls":16},"4",null,"K","1",{"$nulls":3},"ROZPOCET",{"$nulls":5},{"$f":"IF(N112=\"základní\",J112,0)","v":{"v":352625.54,"d":"352,625.54"}},{"$f":"IF(N112=\"snížená\",J112,0)","v":{"v":0,"d":"0.00"}},{"$f":"IF(N112=\"zákl. přenesená\",J112,0)","v":{"v":0,"d":"0.00"}},{"$f":"IF(N112=\"sníž. přenesená\",J112,0)","v":{"v":0,"d":"0.00"}},{"$f":"IF(N112=\"nulová\",J112,0)","v":{"v":0,"d":"0.00"}},"1",{"$f":"ROUND(I112*H112,2)","v":{"v":352625.54,"d":"352,625.54"}},"4","44"]
[null,null,"23","K","333365","VÝZTUŽ MOSTNÍCH OPĚR A KŘÍDEL Z OCELI 10505, B500B","T",{"v":6.52,"d":"6.520"},{"v":36973,"d":"36,973.00"},{"v":241063.96,"d":"241,063.96"},null,null,"","základní",null,{"v":0,"d":"0.00000"},{"v":0,"d":"0.00000"},{"v":0,"d":"0.00000"},{"v":0,"d":"0.00000"},{"v":0,"d":"0.00000"},null,null,{"v":0,"d":"0.000"},{"v":0,"d":"0.000"},{"v":0,"d":"0.000"},{"v":0,"d":"0.000"},{"v":241063.96,"d":"241,063.96"},{"$nulls":16},"4",null,"K","1",{"$nulls":3},"ROZPOCET",{"$nulls":5},{"v":241063.96,"d":"241,063.96"},{"v":0,"d":"0.00"},{"v":0,"d":"0.00"},{"v":0,"d":"0.00"},{"v":0,"d":"0.00"},"1",{"v":241063.96,"d":"241,063.96"},"4","46"]
[null,null,"24","K","224324","PILOTY ZE ŽELEZOBETONU C25/30","M3",{"v":6.11,"d":"6.110"},{"v":5905.4,"d":"5,905.40"},{"v":36081.99,"d":"36,081.99"},null,null,"","základní",null,{"v":0,"d":"0.00000"},{"v":0,"d":"0.00000"},{"v":0,"d":"0.00000"},{"v":0,"d":"0.00000"},{"v":0,"d":"0.00000"},null,null,{"v":0,"d":"0.000"},{"v":0,"d":"0.000"},{"v":-6.11,"d":"-6.110"},{"v":-36081.994,"d":"-36,081.994"},{"v":-0.004000000000814907,"d":"-0.00"},{"$nulls":16},"4",null,"K","1",{"$nulls":3},"ROZPOCET",{"$nulls":5},{"v":36081.99,"d":"36,081.99"},{"v":0,"d":"0.00"},{"v":0,"d":"0.00"},{"v":0,"d":"0.00"},{"v":0,"d":"0.00"},"1",{"v":36081.99,"d":"36,081.99"},"4","48"]
[null,null,"25","K","224365","VÝZTUŽ PILOT Z OCELI 10 505 B 500 B","T",1.166,{"v":59675.7,"d":"59,675.70"},{"v":69581.87,"d":"69,581.87"},null,null,"","základní",null,{"v":0,"d":"0.00000"},{"v":0,"d":"0.00000"},{"v":0,"d":"0.00000"},{"v":0,"d":"0.00000"},{"v":0,"d":"0.00000"},null,null,{"v":0,"d":"0.000"},{"v":0,"d":"0.000"},-1.166,{"v":-69581.86619999999,"d":"-69,581.866"},{"v":3.8000000058673322E-3,"d":"0.00"},{"$nulls":16},"4",null,"K","1",{"$nulls":3},"ROZPOCET",{"$nulls":5},{"v":69581.87,"d":"69,581.87"},{"v":0,"d":"0.00"},{"v":0,"d":"0.00"},{"v":0,"d":"0.00"},{"v":0,"d":"0.00"},"1",{"v":69581.87,"d":"69,581.87"},"4","50"]
[null,null,"26","K","711121","IZOLACE BĚŽN. KONSTRUKCÍ PROTI TLAKOVÉ VODĚ ASF.NÁTĚRY","M2",{"v":16.6,"d":"16.600"},{"v":146,"d":"146.00"},{"v":2423.6,"d":"2,423.60"},null,null,"","základní",null,{"v":0,"d":"0.00000"},{"v":0,"d":"0.00000"},{"v":0,"d":"0.00000"},{"v":0,"d":"0.00000"},{"v":0,"d":"0.00000"},null,null,{"v":0,"d":"0.000"},{"v":0,"d":"0.000"},{"v":0,"d":"0.000"},{"v":0,"d":"0.000"},{"v":2423.6,"d":"2,423.60"},{"$nulls":16},"4",null,"K","1",{"$nulls":3},"ROZPOCET",{"$nulls":5},{"v":2423.6,"d":"2,423.60"},{"v":0,"d":"0.00"},{"v":0,"d":"0.00"},{"v":0,"d":"0.00"},{"v":0,"d":"0.00"},"1",{"v":2423.6,"d":"2,423.60"},"4","52"]
[null,null,"27","K","711122","IZOLACE BĚŽN. KONSTRUKCÍ PROTI TLAKOVÉ VODĚ ASF.PÁSY","M2",{"v":34.13,"d":"34.130"},{"v":254.1,"d":"254.10"},{"v":8672.43,"d":"8,672.43"},null,null,"","základní",null,{"v":0,"d":"0.00000"},{"v":0,"d":"0.00000"},{"v":0,"d":"0.00000"},{"v":0,"d":"0.00000"},{"v":0,"d":"0.00000"},null,null,{"v":0,"d":"0.000"},{"v":0,"d":"0.000"},{"v":0,"d":"0.000"},{"v":0,"d":"0.000"},{"v":8672.43,"d":"8,672.43"},{"$nulls":16},"4",null,"K","1",{"$nulls":3},"ROZPOCET",{"$nulls":5},{"v":8672.43,"d":"8,672.43"},{"v":0,"d":"0.00"},{"v":0,"d":"0.00"},{"v":0,"d":"0.00"},{"v":0,"d":"0.00"},"1",{"v":8672.43,"d":"8,672.43"},"4","54"]
[null,null,"28","K","78382","NÁTĚRY BETONOVÝCH KONSTRUKCÍ typ S1 (OSB)","M2",{"v":126,"d":"126.000"},{"v":524.3,"d":"524.30"},{"v":66061.8,"d":"66,061.80"},null,null,"","základní",null,{"v":0,"d":"0.00000"},{"v":0,"d":"0.00000"},{"v":0,"d":"0.00000"},{"v":0,"d":"0.00000"},{"v":0,"d":"0.00000"},null,null,{"v":0,"d":"0.000"},{"v":0,"d":"0.000"},{"v":0,"d":"0.000"},{"v":0,"d":"0.000"},{"v":66061.8,"d":"66,061.80"},{"$nulls":16},"4",null,"K","1",{"$nulls":3},"ROZPOCET",{"$nulls":5},{"v":66061.8,"d":"66,061.80"},{"v":0,"d":"0.00"},{"v":0,"d":"0.00"},{"v":0,"d":"0.00"},{"v":0,"d":"0.00"},"1",{"v":66061.8,"d":"66,061.80"},"4","56"]
[{"$nulls":3},"D","4","Vodorovné konstrukce",{"$nulls":3},{"$f":"BK119","v":{"v":2189542.8,"d":"2,189,542.80"}},{"$nulls":5},{"$f":"SUM(P120:P134)","v":{"v":0,"d":"0.00000"}},null,{"$f":"SUM(R120:R134)","v":{"v":0,"d":"0.00000"}},null,{"$f":"SUM(T120:T134)","v":{"v":0,"d":"0.00000"}},{"$nulls":3},{"$f":"SUM(X120:X134)","v":{"v":0,"d":"0.00"}},null,{"$f":"SUM(Z120:Z134)","v":{"v":0,"d":"0.00"}},{"$f":"SUM(AA120:AA134)","v":{"v":2189542.8,"d":"2,189,542.80"}},{"$nulls":16},"1",null,"D","0",{"$nulls":3},"ROZPOCET",{"$nulls":11},{"$f":"SUM(BK120:BK134)","v":{"v":2189542.8,"d":"2,189,542.80"}}]
[null,null,"29","K","422325","MOSTNÍ NOSNÉ TRÁMOVÉ KONSTRUKCE ZE ŽELEZOBETONU C 30/37","M3",{"v":47.26,"d":"47.260"},{"v":24409.4,"d":"24,409.40"},{"$f":"ROUND(I120*H120,2)","v":{"v":1153588.24,"d":"1,153,588.24"}},null,null,"","základní",null,{"$f":"O120*H120","v":{"v":0,"d":"0.00000"}},{"v":0,"d":"0.00000"},{"$f":"Q120*H120","v":{"v":0,"d":"0.00000"}},{"v":0,"d":"0.00000"},{"$f":"S120*H120","v":{"v":0,"d":"0.00000"}},null,null,{"v":0,"d":"0.000"},{"$f":"W120*I120","v":{"v":0,"d":"0.000"}},{"v":0,"d":"0.000"},{"$f":"Y120*I120","v":{"v":0,"d":"0.000"}},{"$f":"J120+X120+Z120","v":{"v":1153588.24,"d":"1,153,588.24"}},{"$nulls":16},"4",null,"K","1",{"$nulls":3},"ROZPOCET",{"$nulls":5},{"$f":"IF(N120=\"základní\",J120,0)","v":{"v":1153588.24,"d":"1,153,588.24"}},{"$f":"IF(N120=\"snížená\",J120,0)","v":{"v":0,"d":"0.00"}},{"$f":"IF(N120=\"zákl. přenesená\",J120,0)","v":{"v":0,"d":"0.00"}},{"$f":"IF(N120=\"sníž. přenesená\",J120,0)","v":{"v":0,"d":"0.00"}},{"$f":"IF(N120=\"nulová\",J120,0)","v":{"v":0,"d":"0.00"}},"1",{"$f":"ROUND(I120*H120,2)","v":{"v":1153588.24,"d":"1,153,588.24"}},"4","58"]
[null,null,"30","K","422365","VÝZTUŽ MOSTNÍ TRÁMOVÉ KONSTRUKCE Z OCELI 10505, B500B","T",{"v":7.1,"d":"7.100"},{"v":36973,"d":"36,973.00"},{"v":262508.3,"d":"262,508.30"},null,null,"","základní",null,{"v":0,"d":"0.00000"},{"v":0,"d":"0.00000"},{"v":0,"d":"0.00000"},{"v":0,"d":"0.00000"},{"v":0,"d":"0.00000"},null,null,{"v":0,"d":"0.000"},{"v":0,"d":"0.000"},{"v":0,"d":"0.000"},{"v":0,"d":"0.000"},{"v":262508.3,"d":"262,508.30"},{"$nulls":16},"4",null,"K","1",{"$nulls":3},"ROZPOCET",{"$nulls":5},{"v":262508.3,"d":"262,508.30"},{"v":0,"d":"0.00"},{"v":0,"d":"0.00"},{"v":0,"d":"0.00"},{"v":0,"d":"0.00"},"1",{"v":262508.3,"d":"262,508.30"},"4","60"]
[null,null,"31","K","42838","KLOUB ZE ŽELEZOBETONU VČET VÝZTUŽE","M",{"v":4.8,"d":"4.800"},{"v":1621.6,"d":"1,621.60"},{"v":7783.68,"d":"7,783.68"},null,null,"","základní",null,{"v":0,"d":"0.00000"},{"v":0,"d":"0.00000"},{"v":0,"d":"0.00000"},{"v":0,"d":"0.00000"},{"v":0,"d":"0.00000"},null,null,{"v":0,"d":"0.000"},{"v":0,"d":"0.000"},{"v":0,"d":"0.000"},{"v":0,"d":"0.000"},{"v":7783.68,"d":"7,783.68"},{"$nulls":16},"4",null,"K","1",{"$nulls":3},"ROZPOCET",{"$nulls":5},{"v":7783.68,"d":"7,783.68"},{"v":0,"d":"0.00"},{"v":0,"d":"0.00"},{"v":0,"d":"0.00"},{"v":0,"d":"0.00"},"1",{"v":7783.68,"d":"7,783.68"},"4","62"]
[null,null,"32","K","451312","PODKLADNÍ A VÝPLŇOVÉ VRSTVY Z PROSTÉHO BETONU C12/15","M3",4.296,{"v":3597.8,"d":"3,597.80"},{"v":15456.15,"d":"15,456.15"},null,null,"","základní",null,{"v":0,"d":"0.00000"},{"v":0,"d":"0.00000"},{"v":0,"d":"0.00000"},{"v":0,"d":"0.00000"},{"v":0,"d":"0.00000"},null,null,{"v":0,"d":"0.000"},{"v":0,"d":"0.000"},{"v":0,"d":"0.000"},{"v":0,"d":"0.000"},{"v":15456.15,"d":"15,456.15"},{"$nulls":16},"4",null,"K","1",{"$nulls":3},"ROZPOCET",{"$nulls":5},{"v":15456.15,"d":"15,456.15"},{"v":0,"d":"0.00"},{"v":0,"d":"0.00"},{"v":0,"d":"0.00"},{"v":0,"d":"0.00"},"1",{"v":15456.15,"d":"15,456.15"},"4","64"]
[null,null,"33","K","45860","PODKLADNÍ A VÝPLŇOVÉ VRSTVY Z BETONU MAZEROVITÉHO DRENAŽNÍHO","M3",{"v":7.5,"d":"7.500"},{"v":3773,"d":"3,773.00"},{"v":28297.5,"d":"28,297.50"},null,null,"","základní",null,{"v":0,"d":"0.00000"},{"v":0,"d":"0.00000"},{"v":0,"d":"0.00000"},{"v":0,"d":"0.00000"},{"v":0,"d":"0.00000"},null,null,{"v":0,"d":"0.000"},{"v":0,"d":"0.000"},{"v":0,"d":"0.000"},{"v":0,"d":"0.000"},{"v":28297.5,"d":"28,297.50"},{"$nulls":16},"4",null,"K","1",{"$nulls":3},"ROZPOCET",{"$nulls":5},{"v":28297.5,"d":"28,297.50"},{"v":0,"d":"0.00"},{"v":0,"d":"0.00"},{"v":0,"d":"0.00"},{"v":0,"d":"0.00"},"1",{"v":28297.5,"d":"28,297.50"},"4","66"]
[null,null,"34","K","451523","VÝPLŇ VRSTVY Z KAMENIVA DRCENÉHO, INDEX ZHUTNĚNÍ ID DO 0,9","M3",{"v":8.85,"d":"8.850"},{"v":1391.4,"d":"1,391.40"},{"v":12313.89,"d":"12,313.89"},null,null,"","základní",null,{"v":0,"d":"0.00000"},{"v":0,"d":"0.00000"},{"v":0,"d":"0.00000"},{"v":0,"d":"0.00000"},{"v":0,"d":"0.00000"},null,null,{"v":0,"d":"0.000"},{"v":0,"d":"0.000"},{"v":0,"d":"0.000"},{"v":0,"d":"0.000"},{"v":12313.89,"d":"12,313.89"},{"$nulls":16},"4",null,"K","1",{"$nulls":3},"ROZPOCET",{"$nulls":5},{"v":12313.89,"d":"12,313.89"},{"v":0,"d":"0.00"},{"v":0,"d":"0.00"},{"v":0,"d":"0.00"},{"v":0,"d":"0.00"},"1",{"v":12313.89,"d":"12,313.89"},"4","68"]
[null,null,"35","K","45157","PODKLADNÍ A VÝPLŇOVÉ VRSTVY Z KAMENIVA TĚŽENÉHO","M3",{"v":19.84,"d":"19.840"},{"v":1047.6,"d":"1,047.60"},{"v":20784.38,"d":"20,784.38"},null,null,"","základní",null,{"v":0,"d":"0.00000"},{"v":0,"d":"0.00000"},{"v":0,"d":"0.00000"},{"v":0,"d":"0.00000"},{"v":0,"d":"0.00000"},null,null,{"v":0,"d":"0.000"},{"v":0,"d":"0.000"},{"v":0,"d":"0.000"},{"v":0,"d":"0.000"},{"v":20784.38,"d":"20,784.38"},{"$nulls":16},"4",null,"K","1",{"$nulls":3},"ROZPOCET",{"$nulls":5},{"v":20784.38,"d":"20,784.38"},{"v":0,"d":"0.00"},{"v":0,"d":"0.00"},{"v":0,"d":"0.00"},{"v":0,"d":"0.00"},"1",{"v":20784.38,"d":"20,784.38"},"4","70"]
[null,null,"36","K","23117A","ŠTĚTOVÉ STĚNY BERANĚNÉ Z KOVOVÝCH DÍLCŮ TRVALÉ (PLOCHA)","M2",{"v":34,"d":"34.000"},{"v":3916.2,"d":"3,916.20"},{"v":133150.8,"d":"133,150.80"},null,null,"","základní",null,{"v":0,"d":"0.00000"},{"v":0,"d":"0.00000"},{"v":0,"d":"0.00000"},{"v":0,"d":"0.00000"},{"v":0,"d":"0.00000"},null,null,{"v":0,"d":"0.000"},{"v":0,"d":"0.000"},{"v":0,"d":"0.000"},{"v":0,"d":"0.000"},{"v":133150.8,"d":"133,150.80"},{"$nulls":16},"4",null,"K","1",{"$nulls":3},"ROZPOCET",{"$nulls":5},{"v":133150.8,"d":"133,150.80"},{"v":0,"d":"0.00"},{"v":0,"d":"0.00"},{"v":0,"d":"0.00"},{"v":0,"d":"0.00"},"1",{"v":133150.8,"d":"133,150.80"},"4","72"]
[null,null,"37","K","875332","POTRUBÍ DREN Z TRUB PLAST DN DO 150MM DĚROVANÝCH","M",{"v":6.8,"d":"6.800"},{"v":270.3,"d":"270.30"},{"v":1838.04,"d":"1,838.04"},null,null,"","základní",null,{"v":0,"d":"0.00000"},{"v":0,"d":"0.00000"},{"v":0,"d":"0.00000"},{"v":0,"d":"0.00000"},{"v":0,"d":"0.00000"},null,null,{"v":0,"d":"0.000"},{"v":0,"d":"0.000"},{"v":0,"d":"0.000"},{"v":0,"d":"0.000"},{"v":1838.04,"d":"1,838.04"},{"$nulls":16},"4",null,"K","1",{"$nulls":3},"ROZPOCET",{"$nulls":5},{"v":1838.04,"d":"1,838.04"},{"v":0,"d":"0.00"},{"v":0,"d":"0.00"},{"v":0,"d":"0.00"},{"v":0,"d":"0.00"},"1",{"v":1838.04,"d":"1,838.04"},"4","74"]
[null,null,"38","K","87914","POTRUBÍ ODPADNÍ MOSTNÍCH OBJEKTŮ Z PLAST TRUB DN DO 200 MM","M",{"v":4,"d":"4.000"},{"v":237.8,"d":"237.80"},{"v":951.2,"d":"951.20"},null,null,"","základní",null,{"v":0,"d":"0.00000"},{"v":0,"d":"0.00000"},{"v":0,"d":"0.00000"},{"v":0,"d":"0.00000"},{"v":0,"d":"0.00000"},null,null,{"v":0,"d":"0.000"},{"v":0,"d":"0.000"},{"v":0,"d":"0.000"},{"v":0,"d":"0.000"},{"v":951.2,"d":"951.20"},{"$nulls":16},"4",null,"K","1",{"$nulls":3},"ROZPOCET",{"$nulls":5},{"v":951.2,"d":"951.20"},{"v":0,"d":"0.00"},{"v":0,"d":"0.00"},{"v":0,"d":"0.00"},{"v":0,"d":"0.00"},"1",{"v":951.2,"d":"951.20"},"4","76"]
[null,null,"39","K","57326","MIKROKOBEREC JEDNOVSTVÝ FR.0/5 PŘÍMO PJÍŽĎENÁ IZOLACE","M2",{"v":57.3,"d":"57.300"},{"v":3729.7,"d":"3,729.70"},{"v":213711.81,"d":"213,711.81"},null,null,"","základní",null,{"v":0,"d":"0.00000"},{"v":0,"d":"0.00000"},{"v":0,"d":"0.00000"},{"v":0,"d":"0.00000"},{"v":0,"d":"0.00000"},null,null,{"v":0,"d":"0.000"},{"v":0,"d":"0.000"},{"v":0,"d":"0.000"},{"v":0,"d":"0.000"},{"v":213711.81,"d":"213,711.81"},{"$nulls":16},"4",null,"K","1",{"$nulls":3},"ROZPOCET",{"$nulls":5},{"v":213711.81,"d":"213,711.81"},{"v":0,"d":"0.00"},{"v":0,"d":"0.00"},{"v":0,"d":"0.00"},{"v":0,"d":"0.00"},"1",{"v":213711.81,"d":"213,711.81"},"4","78"]
[null,null,"40","K","93131","TĚSNĚNÍ DILATAČNÍCH SPÁR ASFALTOVOU ZÁLIVKOU","M3",0.003,{"v":75676.7,"d":"75,676.70"},227.03,null,null,"","základní",null,{"v":0,"d":"0.00000"},{"v":0,"d":"0.00000"},{"v":0,"d":"0.00000"},{"v":0,"d":"0.00000"},{"v":0,"d":"0.00000"},null,null,{"v":0,"d":"0.000"},{"v":0,"d":"0.000"},{"v":0,"d":"0.000"},{"v":0,"d":"0.000"},227.03,{"$nulls":16},"4",null,"K","1",{"$nulls":3},"ROZPOCET",{"$nulls":5},227.03,{"v":0,"d":"0.00"},{"v":0,"d":"0.00"},{"v":0,"d":"0.00"},{"v":0,"d":"0.00"},"1",227.03,"4","80"]
[null,null,"41","K","9112B1","ZÁBRADLÍ MOSTNÍ SE SVISLOU VÝPLNÍ - DODÁVKA A MONTÁŽ","M",{"v":36.4,"d":"36.400"},{"v":9275.7,"d":"9,275.70"},{"v":337635.48,"d":"337,635.48"},null,null,"","základní",null,{"v":0,"d":"0.00000"},{"v":0,"d":"0.00000"},{"v":0,"d":"0.00000"},{"v":0,"d":"0.00000"},{"v":0,"d":"0.00000"},null,null,{"v":0,"d":"0.000"},{"v":0,"d":"0.000"},{"v":0,"d":"0.000"},{"v":0,"d":"0.000"},{"v":337635.48,"d":"337,635.48"},{"$nulls":16},"4",null,"K","1",{"$nulls":3},"ROZPOCET",{"$nulls":5},{"v":337635.48,"d":"337,635.48"},{"v":0,"d":"0.00"},{"v":0,"d":"0.00"},{"v":0,"d":"0.00"},{"v":0,"d":"0.00"},"1",{"v":337635.48,"d":"337,635.48"},"4","82"]
[null,null,"42","K","919112","ŘEZÁNÍ ASFALTOVÉHO KRYTU VOZOVEK TL DO 100MM","M",{"v":3,"d":"3.000"},{"v":70.3,"d":"70.30"},{"v":210.9,"d":"210.90"},null,null,"","základní",null,{"v":0,"d":"0.00000"},{"v":0,"d":"0.00000"},{"v":0,"d":"0.00000"},{"v":0,"d":"0.00000"},{"v":0,"d":"0.00000"},null,null,{"v":0,"d":"0.000"},{"v":0,"d":"0.000"},{"v":0,"d":"0.000"},{"v":0,"d":"0.000"},{"v":210.9,"d":"210.90"},{"$nulls":16},"4",null,"K","1",{"$nulls":3},"ROZPOCET",{"$nulls":5},{"v":210.9,"d":"210.90"},{"v":0,"d":"0.00"},{"v":0,"d":"0.00"},{"v":0,"d":"0.00"},{"v":0,"d":"0.00"},"1",{"v":210.9,"d":"210.90"},"4","84"]
[null,null,"43","K","914A41","EV ČÍSLO MOSTU OCEL S FÓLIÍ TŘ.3 DODÁVKA A MONTÁŽ","KUS",{"v":2,"d":"2.000"},{"v":542.7,"d":"542.70"},{"v":1085.4,"d":"1,085.40"},null,null,"","základní",null,{"v":0,"d":"0.00000"},{"v":0,"d":"0.00000"},{"v":0,"d":"0.00000"},{"v":0,"d":"0.00000"},{"v":0,"d":"0.00000"},null,null,{"v":0,"d":"0.000"},{"v":0,"d":"0.000"},{"v":0,"d":"0.000"},{"v":0,"d":"0.000"},{"v":1085.4,"d":"1,085.40"},{"$nulls":16},"4",null,"K","1",{"$nulls":3},"ROZPOCET",{"$nulls":5},{"v":1085.4,"d":"1,085.40"},{"v":0,"d":"0.00"},{"v":0,"d":"0.00"},{"v":0,"d":"0.00"},{"v":0,"d":"0.00"},"1",{"v":1085.4,"d":"1,085.40"},"4","86"]

{"sheet":"List1 (3)","index":2,"n_rows":136,"n_cols":65,"rows_kept":136,"hidden":true,"merged":[[1,1,1,9],[1,11,1,21],[6,4,6,7],[8,4,8,7],[17,4,17,7],[26,4,26,7],[47,4,47,7],[49,4,49,7],[73,4,73,7],[75,4,75,7]]}
[]
[null,"Příloha č.1 Změnového listu č.1 - Rozdílový rozpočet",{"$nulls":9},">>  skryté sloupce  <<",{"$nulls":33},"{8f0ec156-bcd2-4a7d-94f7-4455f5464583}"]
[{"$nulls":45},"2"]
[{"$nulls":3},"KRYCÍ LIST SOUPISU PRACÍ",{"$nulls":8},"v ---  níže se nacházejí doplnkové a pomocné údaje k sestavám  --- v",{"$nulls":32},"False"]
[]
[{"$nulls":3},"Stavba:"]
[{"$nulls":4},"Kladská stezka, úsek Jaroměř - Rychnovek"]
[{"$nulls":3},"Objekt:"]
[{"$nulls":4},"SO 201 - Lávka přes Úpu"]
[]
[{"$nulls":3},"KSO:",null,"",null,null,"CC-CZ:",""]
[{"$nulls":3},"Místo:",null," ",null,null,"Datum:","2023-12-04"]
[]
[{"$nulls":3},"Zadavatel:",{"$nulls":4},"IČ:",""]
[{"$nulls":4},"Dobrovolný spolek Kladská stezka",{"$nulls":3},"DIČ:",""]
[]
[{"$nulls":3},"Uchazeč:",{"$nulls":4},"IČ:","48035599"]
[{"$nulls":4},"SWIETELSKY stavební s.r.o.",{"$nulls":3},"DIČ:","CZ48035599"]
[]
[{"$nulls":3},"Projektant:",{"$nulls":4},"IČ:",""]
[{"$nulls":4},"Hronovský – dopravní projekce s.r.o.",{"$nulls":3},"DIČ:",""]
[]
[{"$nulls":3},"Zpracovatel:",{"$nulls":4},"IČ:",""]
[{"$nulls":4},"Kamil Hronovský ",{"$nulls":3},"DIČ:",""]
[]
[{"$nulls":3},"Poznámka:"]
[{"$nulls":4},""]
[]
[]
[{"$nulls":3},"Cena bez DPH",{"$nulls":5},{"$f":"J59","v":{"v":3671577.9498,"d":"3,671,577.95"}}]
[]
[{"$nulls":5},"Základ daně",null,null,"Sazba daně","Výše daně"]
[{"$nulls":3},"DPH","základní",{"$f":"ROUND((SUM(BE84:BE136)),  2)","v":{"v":3652454.14,"d":"3,652,454.14"}},null,null,{"v":0.21,"d":"21.00%"},{"$f":"ROUND(((SUM(BE84:BE136))*I33),  2)","v":{"v":767015.37,"d":"767,015.37"}}]
[{"$nulls":4},"snížená",{"$f":"ROUND((SUM(BF84:BF136)),  2)","v":{"v":0,"d":"0.00"}},null,null,{"v":0.15,"d":"15.00%"},{"$f":"ROUND(((SUM(BF84:BF136))*I34),  2)","v":{"v":0,"d":"0.00"}}]
[{"$nulls":4},"zákl. přenesená",{"$f":"ROUND((SUM(BG84:BG136)),  2)","v":{"v":0,"d":"0.00"}},null,null,{"v":0.21,"d":"21.00%"},{"$f":"0","v":{"v":0,"d":"0.00"}}]
[{"$nulls":4},"sníž. přenesená",{"$f":"ROUND((SUM(BH84:BH136)),  2)","v":{"v":0,"d":"0.00"}},null,null,{"v":0.15,"d":"15.00%"},{"$f":"0","v":{"v":0,"d":"0.00"}}]
[{"$nulls":4},"nulová",{"$f":"ROUND((SUM(BI84:BI136)),  2)","v":{"v":0,"d":"0.00"}},null,null,{"v":0,"d":"0.00%"},{"$f":"0","v":{"v":0,"d":"0.00"}}]
[]
[{"$nulls":3},"Cena s DPH",null,null,"v","CZK",null,{"$f":"SUM(J30:J37)","v":{"v":4438593.3198,"d":"4,438,593.32"}}]
[]
[]
[]
[]
[]
[null,null,"REKAPITULACE ČLENĚNÍ SOUPISU PRACÍ"]
[]
[null,null,"Stavba:"]
[{"$nulls":4},{"$f":"E7","v":"Kladská stezka, úsek Jaroměř - Rychnovek"}]
[null,null,"Objekt:"]
[{"$nulls":4},{"$f":"E9","v":"SO 201 - Lávka přes Úpu"}]
[]
[null,null,"Místo:",null,null,{"$f":"F12","v":" "},null,null,"Datum:","2024-07-16"]
[]
[null,null,"Zadavatel:",null,null,{"$f":"E15","v":"Dobrovolný spolek Kladská stezka"},null,null,"Projektant:",{"$f":"E21","v":"Hronovský – dopravní projekce s.r.o."}]
[null,null,"Uchazeč:",null,null,{"$f":"IF(E18=\"\",\"\",E18)","v":"SWIETELSKY stavební s.r.o."},null,null,"Zpracovatel:","Petr Škráček"]
[]
[null,null,"Kód dílu - Popis",{"$nulls":6},"Cena celkem po změně č.1 [CZK]"]
[]
[null,null,"Náklady stavby celkem",{"$nulls":6},{"$f":"AA84","v":{"v":3671577.9498,"d":"3,671,577.95"}},{"$nulls":36},"-1"]
[{"$nulls":3},"0 - Všeobecné konstrukce a práce",{"$nulls":5},{"$f":"AA85","v":{"v":350968.2,"d":"350,968.20"}}]
[{"$nulls":3},"1 - Zemní práce",{"$nulls":5},{"$f":"AA97","v":{"v":115397.64,"d":"115,397.64"}}]
[{"$nulls":3},"D1 - 2 Základy",{"$nulls":5},{"$f":"AA102","v":{"v":344821.98,"d":"344,821.98"}}]
[{"$nulls":3},"3 - Svislé konstrukce",{"$nulls":5},{"$f":"AA113","v":{"v":670847.3298000002,"d":"670,847.33"}}]
[{"$nulls":3},"4 - Vodorovné konstrukce",{"$nulls":5},{"$f":"AA121","v":{"v":2189542.8,"d":"2,189,542.80"}}]
[]
[]
[]
[]
[]
[]
[null,null,"SOUPIS PRACÍ"]
[]
[null,null,"Stavba:"]
[{"$nulls":4},{"$f":"E7","v":"Kladská stezka, úsek Jaroměř - Rychnovek"}]
[null,null,"Objekt:"]
[{"$nulls":4},{"$f":"E9","v":"SO 201 - Lávka přes Úpu"}]
[]
[null,null,"Místo:",null,null,{"$f":"F12","v":" "},null,null,"Datum:","2024-07-16"]
[]
[null,null,"Zadavatel:",null,null,{"$f":"E15","v":"Dobrovolný spolek Kladská stezka"},null,null,"Projektant:",{"$f":"E21","v":"Hronovský – dopravní projekce s.r.o."}]
[null,null,"Uchazeč:",null,null,{"$f":"IF(E18=\"\",\"\",E18)","v":"SWIETELSKY stavební s.r.o."},null,null,"Zpracovatel:","Petr Škráček"]
[]
[null,null,"PČ","Typ","Kód","Popis","MJ","Množství","J.cena [CZK]","Cena celkem [CZK]","Cenová soustava",null,"","DPH","J. Nh [h]","Nh celkem [h]","J. hmotnost [t]","Hmotnost celkem [t]","J. suť [t]","Suť Celkem [t]",null,null,"Množství navýšení","Cena celkem navýšení","Množství snížení","Cena celkem snížení","Celkem po změně č.1"]
[null,null,"Náklady soupisu celkem",{"$nulls":6},{"$f":"BK84","v":{"v":3652454.1399999997,"d":"3,652,454.14"}},{"$nulls":5},{"$f":"P85+P97+P102+P113+P121","v":{"v":0,"d":"0.00000"}},null,{"$f":"R85+R97+R102+R113+R121","v":{"v":0,"d":"0.00000"}},null,{"$f":"T85+T97+T102+T113+T121","v":{"v":0,"d":"0.00000"}},{"$nulls":3},{"$f":"X85+X97+X102+X113+X121","v":{"v":189237.75,"d":"189,237.75"}},null,{"$f":"Z85+Z97+Z102+Z113+Z121","v":{"v":-170113.9402,"d":"-170,113.94"}},{"$f":"AA85+AA97+AA102+AA113+AA121","v":{"v":3671577.9498,"d":"3,671,577.95"}},{"$nulls":18},"D","-1",{"$nulls":15},{"$f":"BK85+BK97+BK102+BK113+BK121","v":{"v":3652454.1399999997,"d":"3,652,454.14"}}]
[{"$nulls":3},"D","0","Všeobecné konstrukce a práce",{"$nulls":3},{"$f":"BK85","v":{"v":350968.2,"d":"350,968.20"}},{"$nulls":5},{"$f":"SUM(P86:P96)","v":{"v":0,"d":"0.00000"}},null,{"$f":"SUM(R86:R96)","v":{"v":0,"d":"0.00000"}},null,{"$f":"SUM(T86:T96)","v":{"v":0,"d":"0.00000"}},{"$nulls":3},{"$f":"SUM(X86:X96)","v":{"v":0,"d":"0.00"}},null,{"$f":"SUM(Z86:Z96)","v":{"v":0,"d":"0.00"}},{"$f":"SUM(AA86:AA96)","v":{"v":350968.2,"d":"350,968.20"}},{"$nulls":16},"1",null,"D","0",{"$nulls":3},"ROZPOCET",{"$nulls":11},{"$f":"SUM(BK86:BK96)","v":{"v":350968.2,"d":"350,968.20"}}]
[null,null,"1","K","14131","POPLATKY ZA SKLÁDKU TYP S-OO (OSTATNÍ ODPAD)","M3",{"v":210,"d":"210.000"},{"v":350.3,"d":"350.30"},{"$f":"ROUND(I86*H86,2)","v":{"v":73563,"d":"73,563.00"}},null,null,"","základní",null,{"$f":"O86*H86","v":{"v":0,"d":"0.00000"}},{"v":0,"d":"0.00000"},{"$f":"Q86*H86","v":{"v":0,"d":"0.00000"}},{"v":0,"d":"0.00000"},{"$f":"S86*H86","v":{"v":0,"d":"0.00000"}},null,null,{"v":0,"d":"0.000"},{"$f":"W86*I86","v":{"v":0,"d":"0.000"}},{"v":0,"d":"0.000"},{"$f":"Y86*I86","v":{"v":0,"d":"0.000"}},{"$f":"J86+X86+Z86","v":{"v":73563,"d":"73,563.00"}},{"$nulls":16},"4",null,"K","1",{"$nulls":3},"ROZPOCET",{"$nulls":5},{"$f":"IF(N86=\"základní\",J86,0)","v":{"v":73563,"d":"73,563.00"}},{"$f":"IF(N86=\"snížená\",J86,0)","v":{"v":0,"d":"0.00"}},{"$f":"IF(N86=\"zákl. přenesená\",J86,0)","v":{"v":0,"d":"0.00"}},{"$f":"IF(N86=\"sníž. přenesená\",J86,0)","v":{"v":0,"d":"0.00"}},{"$f":"IF(N86=\"nulová\",J86,0)","v":{"v":0,"d":"0.00"}},"1",{"$f":"ROUND(I86*H86,2)","v":{"v":73563,"d":"73,563.00"}},"4","2"]
[null,null,"2","K","02730","POMOC PRÁCE ZŘÍZ NEBO ZAJIŠŤ OCHRANU INŽENÝRSKÝCH SÍTÍ","SOUBOR",{"v":1,"d":"1.000"},{"v":32432.4,"d":"32,432.40"},{"v":32432.4,"d":"32,432.40"},null,null,"","základní",null,{"v":0,"d":"0.00000"},{"v":0,"d":"0.00000"},{"v":0,"d":"0.00000"},{"v":0,"d":"0.00000"},{"v":0,"d":"0.00000"},null,null,{"v":0,"d":"0.000"},{"v":0,"d":"0.000"},{"v":0,"d":"0.000"},{"v":0,"d":"0.000"},{"$f":"J87+X87+Z87","v":{"v":32432.4,"d":"32,432.40"}},{"$nulls":16},"4",null,"K","1",{"$nulls":3},"ROZPOCET",{"$nulls":5},{"v":32432.4,"d":"32,432.40"},{"v":0,"d":"0.00"},{"v":0,"d":"0.00"},{"v":0,"d":"0.00"},{"v":0,"d":"0.00"},"1",{"v":32432.4,"d":"32,432.40"},"4","4"]
[null,null,"3","K","02911","OSTATNÍ POŽADAVKY - GEODETICKÉ VYTÝČENÍ MOSTNÍ KONSTRUKCE","SOUBOR",{"v":1,"d":"1.000"},{"v":51891.9,"d":"51,891.90"},{"v":51891.9,"d":"51,891.90"},null,null,"","základní",null,{"v":0,"d":"0.00000"},{"v":0,"d":"0.00000"},{"v":0,"d":"0.00000"},{"v":0,"d":"0.00000"},{"v":0,"d":"0.00000"},null,null,{"v":0,"d":"0.000"},{"v":0,"d":"0.000"},{"v":0,"d":"0.000"},{"v":0,"d":"0.000"},{"v":51891.9,"d":"51,891.90"},{"$nulls":16},"4",null,"K","1",{"$nulls":3},"ROZPOCET",{"$nulls":5},{"v":51891.9,"d":"51,891.90"},{"v":0,"d":"0.00"},{"v":0,"d":"0.00"},{"v":0,"d":"0.00"},{"v":0,"d":"0.00"},"1",{"v":51891.9,"d":"51,891.90"},"4","6"]
[null,null,"4","K","02940","OSTATNÍ POŽADAVKY - GEODETICKÉ ZAMĚŘENÍ MOSTNÍ KONSTRUKCE V JTSK + VYHOTOVENÍ ZÁVĚREČNÉ ZPRÁVY","KČ",{"v":1,"d":"1.000"},{"v":37837.8,"d":"37,837.80"},{"v":37837.8,"d":"37,837.80"},null,null,"","základní",null,{"v":0,"d":"0.00000"},{"v":0,"d":"0.00000"},{"v":0,"d":"0.00000"},{"v":0,"d":"0.00000"},{"v":0,"d":"0.00000"},null,null,{"v":0,"d":"0.000"},{"v":0,"d":"0.000"},{"v":0,"d":"0.000"},{"v":0,"d":"0.000"},{"v":37837.8,"d":"37,837.80"},{"$nulls":16},"4",null,"K","1",{"$nulls":3},"ROZPOCET",{"$nulls":5},{"v":37837.8,"d":"37,837.80"},{"v":0,"d":"0.00"},{"v":0,"d":"0.00"},{"v":0,"d":"0.00"},{"v":0,"d":"0.00"},"1",{"v":37837.8,"d":"37,837.80"},"4","8"]
[null,null,"5","K","029412","OSTATNÍ POŽADAVKY - VYPRACOVÁNÍ MOSTNÍHO LISTU","KUS",{"v":1,"d":"1.000"},{"v":3243.2,"d":"3,243.20"},{"v":3243.2,"d":"3,243.20"},null,null,"","základní",null,{"v":0,"d":"0.00000"},{"v":0,"d":"0.00000"},{"v":0,"d":"0.00000"},{"v":0,"d":"0.00000"},{"v":0,"d":"0.00000"},null,null,{"v":0,"d":"0.000"},{"v":0,"d":"0.000"},{"v":0,"d":"0.000"},{"v":0,"d":"0.000"},{"v":3243.2,"d":"3,243.20"},{"$nulls":16},"4",null,"K","1",{"$nulls":3},"ROZPOCET",{"$nulls":5},{"v":3243.2,"d":"3,243.20"},{"v":0,"d":"0.00"},{"v":0,"d":"0.00"},{"v":0,"d":"0.00"},{"v":0,"d":"0.00"},"1",{"v":3243.2,"d":"3,243.20"},"4","10"]
[null,null,"6","K","02943","OSTATNÍ POŽADAVKY - VYPRACOVÁNÍ PROVÁDĚCÍ A VÝROBNÍ DOKUMENTACE MOSTNÍ KONSTRUKCE","SOUBOR",{"v":1,"d":"1.000"},{"v":35675.7,"d":"35,675.70"},{"v":35675.7,"d":"35,675.70"},null,null,"","základní",null,{"v":0,"d":"0.00000"},{"v":0,"d":"0.00000"},{"v":0,"d":"0.00000"},{"v":0,"d":"0.00000"},{"v":0,"d":"0.00000"},null,null,{"v":0,"d":"0.000"},{"v":0,"d":"0.000"},{"v":0,"d":"0.000"},{"v":0,"d":"0.000"},{"v":35675.7,"d":"35,675.70"},{"$nulls":16},"4",null,"K","1",{"$nulls":3},"ROZPOCET",{"$nulls":5},{"v":35675.7,"d":"35,675.70"},{"v":0,"d":"0.00"},{"v":0,"d":"0.00"},{"v":0,"d":"0.00"},{"v":0,"d":"0.00"},"1",{"v":35675.7,"d":"35,675.70"},"4","12"]
[null,null,"7","K","02944","OSTAT POŽADAVKY - DOKUMENTACE SKUTEČ PROVEDENÍ V DIGIT FORMĚ","KČ",{"v":1,"d":"1.000"},{"v":9729.7,"d":"9,729.70"},{"v":9729.7,"d":"9,729.70"},null,null,"","základní",null,{"v":0,"d":"0.00000"},{"v":0,"d":"0.00000"},{"v":0,"d":"0.00000"},{"v":0,"d":"0.00000"},{"v":0,"d":"0.00000"},null,null,{"v":0,"d":"0.000"},{"v":0,"d":"0.000"},{"v":0,"d":"0.000"},{"v":0,"d":"0.000"},{"v":9729.7,"d":"9,729.70"},{"$nulls":16},"4",null,"K","1",{"$nulls":3},"ROZPOCET",{"$nulls":5},{"v":9729.7,"d":"9,729.70"},{"v":0,"d":"0.00"},{"v":0,"d":"0.00"},{"v":0,"d":"0.00"},{"v":0,"d":"0.00"},"1",{"v":9729.7,"d":"9,729.70"},"4","14"]
[null,null,"8","K","02953","OSTATNÍ POŽADAVKY - HLAVNÍ MOSTNÍ PROHLÍDKA","KUS",{"v":1,"d":"1.000"},{"v":5405.4,"d":"5,405.40"},{"v":5405.4,"d":"5,405.40"},null,null,"","základní",null,{"v":0,"d":"0.00000"},{"v":0,"d":"0.00000"},{"v":0,"d":"0.00000"},{"v":0,"d":"0.00000"},{"v":0,"d":"0.00000"},null,null,{"v":0,"d":"0.000"},{"v":0,"d":"0.000"},{"v":0,"d":"0.000"},{"v":0,"d":"0.000"},{"v":5405.4,"d":"5,405.40"},{"$nulls":16},"4",null,"K","1",{"$nulls":3},"ROZPOCET",{"$nulls":5},{"v":5405.4,"d":"5,405.40"},{"v":0,"d":"0.00"},{"v":0,"d":"0.00"},{"v":0,"d":"0.00"},{"v":0,"d":"0.00"},"1",{"v":5405.4,"d":"5,405.40"},"4","16"]
[null,null,"9","K","02971","OSTAT POŽADAVKY - GEOTECHNICKÝ MONITORING NA POVRCHU","KPL",{"v":1,"d":"1.000"},{"v":1729.7,"d":"1,729.70"},{"v":1729.7,"d":"1,729.70"},null,null,"","základní",null,{"v":0,"d":"0.00000"},{"v":0,"d":"0.00000"},{"v":0,"d":"0.00000"},{"v":0,"d":"0.00000"},{"v":0,"d":"0.00000"},null,null,{"v":0,"d":"0.000"},{"v":0,"d":"0.000"},{"v":0,"d":"0.000"},{"v":0,"d":"0.000"},{"v":1729.7,"d":"1,729.70"},{"$nulls":16},"4",null,"K","1",{"$nulls":3},"ROZPOCET",{"$nulls":5},{"v":1729.7,"d":"1,729.70"},{"v":0,"d":"0.00"},{"v":0,"d":"0.00"},{"v":0,"d":"0.00"},{"v":0,"d":"0.00"},"1",{"v":1729.7,"d":"1,729.70"},"4","18"]
[null,null,"10","K","03100","ZAŘÍZENÍ STAVENIŠTĚ - ZŘÍZENÍ, PROVOZ, DEMONTÁŽ","KČ",{"v":1,"d":"1.000"},{"v":21621.6,"d":"21,621.60"},{"v":21621.6,"d":"21,621.60"},null,null,"","základní",null,{"v":0,"d":"0.00000"},{"v":0,"d":"0.00000"},{"v":0,"d":"0.00000"},{"v":0,"d":"0.00000"},{"v":0,"d":"0.00000"},null,null,{"v":0,"d":"0.000"},{"v":0,"d":"0.000"},{"v":0,"d":"0.000"},{"v":0,"d":"0.000"},{"v":21621.6,"d":"21,621.60"},{"$nulls":16},"4",null,"K","1",{"$nulls":3},"ROZPOCET",{"$nulls":5},{"v":21621.6,"d":"21,621.60"},{"v":0,"d":"0.00"},{"v":0,"d":"0.00"},{"v":0,"d":"0.00"},{"v":0,"d":"0.00"},"1",{"v":21621.6,"d":"21,621.60"},"4","20"]
[null,null,"11","K","03540","STAVEBNÍ STROJE MOBILNÍ VRTACÍ - doprava na stavbu","KPL",{"v":2,"d":"2.000"},{"v":38918.9,"d":"38,918.90"},{"v":77837.8,"d":"77,837.80"},null,null,"","základní",null,{"v":0,"d":"0.00000"},{"v":0,"d":"0.00000"},{"v":0,"d":"0.00000"},{"v":0,"d":"0.00000"},{"v":0,"d":"0.00000"},null,null,{"v":0,"d":"0.000"},{"v":0,"d":"0.000"},{"v":0,"d":"0.000"},{"v":0,"d":"0.000"},{"v":77837.8,"d":"77,837.80"},{"$nulls":16},"4",null,"K","1",{"$nulls":3},"ROZPOCET",{"$nulls":5},{"v":77837.8,"d":"77,837.80"},{"v":0,"d":"0.00"},{"v":0,"d":"0.00"},{"v":0,"d":"0.00"},{"v":0,"d":"0.00"},"1",{"v":77837.8,"d":"77,837.80"},"4","22"]
[{"$nulls":3},"D","1","Zemní práce",{"$nulls":3},{"$f":"BK97","v":{"v":179847.72,"d":"179,847.72"}},{"$nulls":5},{"$f":"SUM(P98:P101)","v":{"v":0,"d":"0.00000"}},null,{"$f":"SUM(R98:R101)","v":{"v":0,"d":"0.00000"}},null,{"$f":"SUM(T98:T101)","v":{"v":0,"d":"0.00000"}},{"$nulls":3},{"$f":"SUM(X98:X101)","v":{"v":0,"d":"0.00"}},null,{"$f":"SUM(Z98:Z101)","v":{"v":-64450.08000000001,"d":"-64,450.08"}},{"$f":"SUM(AA98:AA101)","v":{"v":115397.64,"d":"115,397.64"}},{"$nulls":16},"1",null,"D","0",{"$nulls":3},"ROZPOCET",{"$nulls":11},{"$f":"SUM(BK98:BK101)","v":{"v":179847.72,"d":"179,847.72"}}]
[null,null,"12","K","122737","ODKOPÁVKY A PROKOPÁVKY OBECNÉ TŘ. I, ODVOZ DO 16KM","M3",{"v":24,"d":"24.000"},{"v":536.9,"d":"536.90"},{"$f":"ROUND(I98*H98,2)","v":{"v":12885.6,"d":"12,885.60"}},null,null,"","základní",null,{"$f":"O98*H98","v":{"v":0,"d":"0.00000"}},{"v":0,"d":"0.00000"},{"$f":"Q98*H98","v":{"v":0,"d":"0.00000"}},{"v":0,"d":"0.00000"},{"$f":"S98*H98","v":{"v":0,"d":"0.00000"}},null,null,{"v":0,"d":"0.000"},{"$f":"W98*I98","v":{"v":0,"d":"0.000"}},{"v":0,"d":"0.000"},{"$f":"Y98*I98","v":{"v":0,"d":"0.000"}},{"$f":"J98+X98+Z98","v":{"v":12885.6,"d":"12,885.60"}},{"$nulls":16},"4",null,"K","1",{"$nulls":3},"ROZPOCET",{"$nulls":5},{"$f":"IF(N98=\"základní\",J98,0)","v":{"v":12885.6,"d":"12,885.60"}},{"$f":"IF(N98=\"snížená\",J98,0)","v":{"v":0,"d":"0.00"}},{"$f":"IF(N98=\"zákl. přenesená\",J98,0)","v":{"v":0,"d":"0.00"}},{"$f":"IF(N98=\"sníž. přenesená\",J98,0)","v":{"v":0,"d":"0.00"}},{"$f":"IF(N98=\"nulová\",J98,0)","v":{"v":0,"d":"0.00"}},"1",{"$f":"ROUND(I98*H98,2)","v":{"v":12885.6,"d":"12,885.60"}},"4","24"]
[null,null,"13","K","131737","HLOUBENÍ JAM ZAPAŽ I NEPAŽ TŘ. I, ODVOZ DO 16KM","M3",{"v":186,"d":"186.000"},{"v":536.9,"d":"536.90"},{"$f":"ROUND(I99*H99,2)","v":{"v":99863.4,"d":"99,863.40"}},null,null,"","základní",null,{"$f":"O99*H99","v":{"v":0,"d":"0.00000"}},{"v":0,"d":"0.00000"},{"$f":"Q99*H99","v":{"v":0,"d":"0.00000"}},{"v":0,"d":"0.00000"},{"$f":"S99*H99","v":{"v":0,"d":"0.00000"}},null,null,{"v":0,"d":"0.000"},{"$f":"W99*I99","v":{"v":0,"d":"0.000"}},{"v":0,"d":"0.000"},{"$f":"Y99*I99","v":{"v":0,"d":"0.000"}},{"v":99863.4,"d":"99,863.40"},{"$nulls":16},"4",null,"K","1",{"$nulls":3},"ROZPOCET",{"$nulls":5},{"$f":"IF(N99=\"základní\",J99,0)","v":{"v":99863.4,"d":"99,863.40"}},{"$f":"IF(N99=\"snížená\",J99,0)","v":{"v":0,"d":"0.00"}},{"$f":"IF(N99=\"zákl. přenesená\",J99,0)","v":{"v":0,"d":"0.00"}},{"$f":"IF(N99=\"sníž. přenesená\",J99,0)","v":{"v":0,"d":"0.00"}},{"$f":"IF(N99=\"nulová\",J99,0)","v":{"v":0,"d":"0.00"}},"1",{"$f":"ROUND(I99*H99,2)","v":{"v":99863.4,"d":"99,863.40"}},"4","26"]
[null,null,"14","K","17581","OBSYP POTRUBÍ A OBJEKTŮ Z NAKUPOVANÝCH MATERIÁLŮ","M3",{"v":1.92,"d":"1.920"},{"v":1379.5,"d":"1,379.50"},{"$f":"ROUND(I100*H100,2)","v":{"v":2648.64,"d":"2,648.64"}},null,null,"","základní",null,{"$f":"O100*H100","v":{"v":0,"d":"0.00000"}},{"v":0,"d":"0.00000"},{"$f":"Q100*H100","v":{"v":0,"d":"0.00000"}},{"v":0,"d":"0.00000"},{"$f":"S100*H100","v":{"v":0,"d":"0.00000"}},null,null,{"v":0,"d":"0.000"},{"$f":"W100*I100","v":{"v":0,"d":"0.000"}},{"v":0,"d":"0.000"},{"$f":"Y100*I100","v":{"v":0,"d":"0.000"}},{"v":2648.64,"d":"2,648.64"},{"$nulls":16},"4",null,"K","1",{"$nulls":3},"ROZPOCET",{"$nulls":5},{"$f":"IF(N100=\"základní\",J100,0)","v":{"v":2648.64,"d":"2,648.64"}},{"$f":"IF(N100=\"snížená\",J100,0)","v":{"v":0,"d":"0.00"}},{"$f":"IF(N100=\"zákl. přenesená\",J100,0)","v":{"v":0,"d":"0.00"}},{"$f":"IF(N100=\"sníž. přenesená\",J100,0)","v":{"v":0,"d":"0.00"}},{"$f":"IF(N100=\"nulová\",J100,0)","v":{"v":0,"d":"0.00"}},"1",{"$f":"ROUND(I100*H100,2)","v":{"v":2648.64,"d":"2,648.64"}},"4","28"]
[null,null,"15","K","264328","VRTY PRO PILOTY TŘ. III DO 600 MM","M",{"v":21.6,"d":"21.600"},{"v":2983.8,"d":"2,983.80"},{"$f":"ROUND(I101*H101,2)","v":{"v":64450.08,"d":"64,450.08"}},null,null,"","základní",null,{"$f":"O101*H101","v":{"v":0,"d":"0.00000"}},{"v":0,"d":"0.00000"},{"$f":"Q101*H101","v":{"v":0,"d":"0.00000"}},{"v":0,"d":"0.00000"},{"$f":"S101*H101","v":{"v":0,"d":"0.00000"}},null,null,{"v":0,"d":"0.000"},{"$f":"W101*I101","v":{"v":0,"d":"0.000"}},{"v":-21.6,"d":"-21.600"},{"$f":"Y101*I101","v":{"v":-64450.08000000001,"d":"-64,450.080"}},{"v":0,"d":"0.00"},{"$nulls":16},"4",null,"K","1",{"$nulls":3},"ROZPOCET",{"$nulls":5},{"$f":"IF(N101=\"základní\",J101,0)","v":{"v":64450.08,"d":"64,450.08"}},{"$f":"IF(N101=\"snížená\",J101,0)","v":{"v":0,"d":"0.00"}},{"$f":"IF(N101=\"zákl. přenesená\",J101,0)","v":{"v":0,"d":"0.00"}},{"$f":"IF(N101=\"sníž. přenesená\",J101,0)","v":{"v":0,"d":"0.00"}},{"$f":"IF(N101=\"nulová\",J101,0)","v":{"v":0,"d":"0.00"}},"1",{"$f":"ROUND(I101*H101,2)","v":{"v":64450.08,"d":"64,450.08"}},"4","30"]
[{"$nulls":3},"D","D1","2 Základy",{"$nulls":3},{"$f":"BK102","v":{"v":155584.23,"d":"155,584.23"}},{"$nulls":5},{"$f":"SUM(P103:P108)","v":{"v":0,"d":"0.00000"}},null,{"$f":"SUM(R103:R108)","v":{"v":0,"d":"0.00000"}},null,{"$f":"SUM(T103:T108)","v":{"v":0,"d":"0.00000"}},{"$nulls":3},{"$f":"SUM(X103:X112)","v":{"v":189237.75,"d":"189,237.75"}},null,{"$f":"SUM(Z103:Z112)","v":{"v":0,"d":"0.00"}},{"$f":"SUM(AA103:AA112)","v":{"v":344821.98,"d":"344,821.98"}},{"$nulls":16},"1",null,"D","0",{"$nulls":3},"ROZPOCET",{"$nulls":11},{"$f":"SUM(BK103:BK108)","v":{"v":155584.23,"d":"155,584.23"}}]
[null,null,"16","K","21452","SANAČNÍ VRSTVY Z KAMENIVA DRCENÉHO","M3",{"v":8.75,"d":"8.750"},{"v":1391.4,"d":"1,391.40"},{"$f":"ROUND(I103*H103,2)","v":{"v":12174.75,"d":"12,174.75"}},null,null,"","základní",null,{"$f":"O103*H103","v":{"v":0,"d":"0.00000"}},{"v":0,"d":"0.00000"},{"$f":"Q103*H103","v":{"v":0,"d":"0.00000"}},{"v":0,"d":"0.00000"},{"$f":"S103*H103","v":{"v":0,"d":"0.00000"}},null,null,{"v":0,"d":"0.000"},{"$f":"W103*I103","v":{"v":0,"d":"0.000"}},{"v":0,"d":"0.000"},{"$f":"Y103*I103","v":{"v":0,"d":"0.000"}},{"$f":"J103+X103+Z103","v":{"v":12174.75,"d":"12,174.75"}},{"$nulls":16},"4",null,"K","1",{"$nulls":3},"ROZPOCET",{"$nulls":5},{"$f":"IF(N103=\"základní\",J103,0)","v":{"v":12174.75,"d":"12,174.75"}},{"$f":"IF(N103=\"snížená\",J103,0)","v":{"v":0,"d":"0.00"}},{"$f":"IF(N103=\"zákl. přenesená\",J103,0)","v":{"v":0,"d":"0.00"}},{"$f":"IF(N103=\"sníž. přenesená\",J103,0)","v":{"v":0,"d":"0.00"}},{"$f":"IF(N103=\"nulová\",J103,0)","v":{"v":0,"d":"0.00"}},"1",{"$f":"ROUND(I103*H103,2)","v":{"v":12174.75,"d":"12,174.75"}},"4","32"]
[null,null,"17","K","272325","ZÁKLADY ZE ŽELEZOBETONU DO C30/37","M3",{"v":14.7,"d":"14.700"},{"v":6855.9,"d":"6,855.90"},{"v":100781.73,"d":"100,781.73"},null,null,"","základní",null,{"v":0,"d":"0.00000"},{"v":0,"d":"0.00000"},{"v":0,"d":"0.00000"},{"v":0,"d":"0.00000"},{"v":0,"d":"0.00000"},null,null,{"v":0,"d":"0.000"},{"v":0,"d":"0.000"},{"v":0,"d":"0.000"},{"v":0,"d":"0.000"},{"v":100781.73,"d":"100,781.73"},{"$nulls":16},"4",null,"K","1",{"$nulls":3},"ROZPOCET",{"$nulls":5},{"v":100781.73,"d":"100,781.73"},{"v":0,"d":"0.00"},{"v":0,"d":"0.00"},{"v":0,"d":"0.00"},{"v":0,"d":"0.00"},"1",{"v":100781.73,"d":"100,781.73"},"4","34"]
[null,null,"18","K","272365","VÝZTUŽ ZÁKLADŮ Z OCELI 10505, B500B","T",0.886,{"v":36973,"d":"36,973.00"},{"v":32758.08,"d":"32,758.08"},null,null,"","základní",null,{"v":0,"d":"0.00000"},{"v":0,"d":"0.00000"},{"v":0,"d":"0.00000"},{"v":0,"d":"0.00000"},{"v":0,"d":"0.00000"},null,null,{"v":0,"d":"0.000"},{"v":0,"d":"0.000"},{"v":0,"d":"0.000"},{"v":0,"d":"0.000"},{"v":32758.08,"d":"32,758.08"},{"$nulls":16},"4",null,"K","1",{"$nulls":3},"ROZPOCET",{"$nulls":5},{"v":32758.08,"d":"32,758.08"},{"v":0,"d":"0.00"},{"v":0,"d":"0.00"},{"v":0,"d":"0.00"},{"v":0,"d":"0.00"},"1",{"v":32758.08,"d":"32,758.08"},"4","36"]
[null,null,"19","K","28997C","OPLÁŠTĚNÍ (ZPEVNĚNÍ) Z GEOTEXTILIE DO 300G/M2","M2",{"v":62.28,"d":"62.280"},{"v":81.1,"d":"81.10"},{"v":5050.91,"d":"5,050.91"},null,null,"","základní",null,{"v":0,"d":"0.00000"},{"v":0,"d":"0.00000"},{"v":0,"d":"0.00000"},{"v":0,"d":"0.00000"},{"v":0,"d":"0.00000"},null,null,{"v":0,"d":"0.000"},{"v":0,"d":"0.000"},{"v":0,"d":"0.000"},{"v":0,"d":"0.000"},{"v":5050.91,"d":"5,050.91"},{"$nulls":16},"4",null,"K","1",{"$nulls":3},"ROZPOCET",{"$nulls":5},{"v":5050.91,"d":"5,050.91"},{"v":0,"d":"0.00"},{"v":0,"d":"0.00"},{"v":0,"d":"0.00"},{"v":0,"d":"0.00"},"1",{"v":5050.91,"d":"5,050.91"},"4","38"]
[null,null,"20","K","28997F","OPLÁŠTĚNÍ (ZPEVNĚNÍ) Z GEOTEXTILIE DO 600G/M2","M2",{"v":16.2,"d":"16.200"},{"v":97.3,"d":"97.30"},{"v":1576.26,"d":"1,576.26"},null,null,"","základní",null,{"v":0,"d":"0.00000"},{"v":0,"d":"0.00000"},{"v":0,"d":"0.00000"},{"v":0,"d":"0.00000"},{"v":0,"d":"0.00000"},null,null,{"v":0,"d":"0.000"},{"v":0,"d":"0.000"},{"v":0,"d":"0.000"},{"v":0,"d":"0.000"},{"v":1576.26,"d":"1,576.26"},{"$nulls":16},"4",null,"K","1",{"$nulls":3},"ROZPOCET",{"$nulls":5},{"v":1576.26,"d":"1,576.26"},{"v":0,"d":"0.00"},{"v":0,"d":"0.00"},{"v":0,"d":"0.00"},{"v":0,"d":"0.00"},"1",{"v":1576.26,"d":"1,576.26"},"4","40"]
[null,null,"21","K","28999","OPLÁŠTĚNÍ (ZPEVNĚNÍ) Z FÓLIE","M2",{"v":25,"d":"25.000"},{"v":129.7,"d":"129.70"},{"v":3242.5,"d":"3,242.50"},null,null,"","základní",null,{"v":0,"d":"0.00000"},{"v":0,"d":"0.00000"},{"v":0,"d":"0.00000"},{"v":0,"d":"0.00000"},{"v":0,"d":"0.00000"},null,null,{"v":0,"d":"0.000"},{"v":0,"d":"0.000"},{"v":0,"d":"0.000"},{"v":0,"d":"0.000"},{"v":3242.5,"d":"3,242.50"},{"$nulls":16},"4",null,"K","1",{"$nulls":3},"ROZPOCET",{"$nulls":5},{"v":3242.5,"d":"3,242.50"},{"v":0,"d":"0.00"},{"v":0,"d":"0.00"},{"v":0,"d":"0.00"},{"v":0,"d":"0.00"},"1",{"v":3242.5,"d":"3,242.50"},"4","42"]
[null,null,"N1",null,"227831","Mikropiloty D do 150 mm","m",{"v":0,"d":"0.000"},null,{"$f":"ROUND(I109*H109,2)","v":{"v":0,"d":"0.00"}},"OTSKP 2024",null,"","základní",null,{"$f":"O109*H109","v":{"v":0,"d":"0.00000"}},{"v":0,"d":"0.00000"},{"$f":"Q109*H109","v":{"v":0,"d":"0.00000"}},{"v":0,"d":"0.00000"},{"$f":"S109*H109","v":{"v":0,"d":"0.00000"}},{"$nulls":3},{"$f":"W109*I109","v":{"v":0,"d":"0.000"}},{"v":0,"d":"0.000"},{"$f":"Y109*I109","v":{"v":0,"d":"0.000"}},{"$f":"J109+X109+Z109","v":{"v":0,"d":"0.00"}},"Rozdíl ceny"]
[null,null,"N2",null,"26184","Vrty mikropilot tř.III do 200 mm","m",{"v":0,"d":"0.000"},null,{"v":0,"d":"0.00"},"OTSKP 2024",null,"","základní",null,{"v":0,"d":"0.00000"},{"v":0,"d":"0.00000"},{"v":0,"d":"0.00000"},{"v":0,"d":"0.00000"},{"v":0,"d":"0.00000"},{"$nulls":3},{"v":0,"d":"0.000"},{"v":0,"d":"0.000"},{"v":0,"d":"0.000"},{"v":0,"d":"0.00"},"po indexaci"]
[null,null,"N1",null,"227831","Mikropiloty D do 150 mm","m",{"v":0,"d":"0.000"},{"$f":"ROUND(3309.88*0.7656,2)","v":{"v":2534.04,"d":"2,534.04"}},{"v":0,"d":"0.00"},"Index 0,7656",null,"","základní",null,{"v":0,"d":"0.00000"},{"v":0,"d":"0.00000"},{"v":0,"d":"0.00000"},{"v":0,"d":"0.00000"},{"v":0,"d":"0.00000"},null,null,{"v":39,"d":"39.000"},{"v":98827.56,"d":"98,827.560"},{"v":0,"d":"0.000"},{"v":0,"d":"0.000"},{"v":98827.56,"d":"98,827.56"},{"v":-30257.76,"d":"-30,257.76"}]
[null,null,"N2",null,"26184","Vrty mikropilot tř.III do 200 mm","m",{"v":0,"d":"0.000"},{"$f":"ROUND(3027.97*0.7656,2)","v":{"v":2318.21,"d":"2,318.21"}},{"v":0,"d":"0.00"},"Index 0,7656",null,"","základní",null,{"v":0,"d":"0.00000"},{"v":0,"d":"0.00000"},{"v":0,"d":"0.00000"},{"v":0,"d":"0.00000"},{"v":0,"d":"0.00000"},null,null,{"v":39,"d":"39.000"},{"v":90410.19,"d":"90,410.190"},{"v":0,"d":"0.000"},{"v":0,"d":"0.000"},{"v":90410.19,"d":"90,410.19"},{"v":-27680.64,"d":"-27,680.64"}]
[{"$nulls":3},"D","3","Svislé konstrukce",{"$nulls":3},{"$f":"BK113","v":{"v":776511.1900000001,"d":"776,511.19"}},{"$nulls":5},{"$f":"SUM(P114:P120)","v":{"v":0,"d":"0.00000"}},null,{"$f":"SUM(R114:R120)","v":{"v":0,"d":"0.00000"}},null,{"$f":"SUM(T114:T120)","v":{"v":0,"d":"0.00000"}},{"$nulls":3},{"$f":"SUM(X114:X120)","v":{"v":0,"d":"0.00"}},null,{"$f":"SUM(Z114:Z120)","v":{"v":-105663.8602,"d":"-105,663.86"}},{"$f":"SUM(AA114:AA120)","v":{"v":670847.3298000002,"d":"670,847.33"}},{"$f":"SUM(AB111:AB112)","v":{"v":-57938.399999999994,"d":"-57,938.40"}},{"$nulls":15},"1",null,"D","0",{"$nulls":3},"ROZPOCET",{"$nulls":11},{"$f":"SUM(BK114:BK120)","v":{"v":776511.1900000001,"d":"776,511.19"}}]
[null,null,"22","K","333325","MOSTNÍ OPĚRY A KŘÍDLA ZE ŽELEZOVÉHO BETONU DO C30/37","M3",{"v":43.43,"d":"43.430"},{"v":8119.4,"d":"8,119.40"},{"$f":"ROUND(I114*H114,2)","v":{"v":352625.54,"d":"352,625.54"}},null,null,"","základní",null,{"$f":"O114*H114","v":{"v":0,"d":"0.00000"}},{"v":0,"d":"0.00000"},{"$f":"Q114*H114","v":{"v":0,"d":"0.00000"}},{"v":0,"d":"0.00000"},{"$f":"S114*H114","v":{"v":0,"d":"0.00000"}},null,null,{"v":0,"d":"0.000"},{"$f":"W114*I114","v":{"v":0,"d":"0.000"}},{"v":0,"d":"0.000"},{"$f":"Y114*I114","v":{"v":0,"d":"0.000"}},{"$f":"J114+X114+Z114","v":{"v":352625.54,"d":"352,625.54"}},{"$nulls":16},"4",null,"K","1",{"$nulls":3},"ROZPOCET",{"$nulls":5},{"$f":"IF(N114=\"základní\",J114,0)","v":{"v":352625.54,"d":"352,625.54"}},{"$f":"IF(N114=\"snížená\",J114,0)","v":{"v":0,"d":"0.00"}},{"$f":"IF(N114=\"zákl. přenesená\",J114,0)","v":{"v":0,"d":"0.00"}},{"$f":"IF(N114=\"sníž. přenesená\",J114,0)","v":{"v":0,"d":"0.00"}},{"$f":"IF(N114=\"nulová\",J114,0)","v":{"v":0,"d":"0.00"}},"1",{"$f":"ROUND(I114*H114,2)","v":{"v":352625.54,"d":"352,625.54"}},"4","44"]
[null,null,"23","K","333365","VÝZTUŽ MOSTNÍCH OPĚR A KŘÍDEL Z OCELI 10505, B500B","T",{"v":6.52,"d":"6.520"},{"v":36973,"d":"36,973.00"},{"v":241063.96,"d":"241,063.96"},null,null,"","základní",null,{"v":0,"d":"0.00000"},{"v":0,"d":"0.00000"},{"v":0,"d":"0.00000"},{"v":0,"d":"0.00000"},{"v":0,"d":"0.00000"},null,null,{"v":0,"d":"0.000"},{"v":0,"d":"0.000"},{"v":0,"d":"0.000"},{"v":0,"d":"0.000"},{"v":241063.96,"d":"241,063.96"},{"$nulls":16},"4",null,"K","1",{"$nulls":3},"ROZPOCET",{"$nulls":5},{"v":241063.96,"d":"241,063.96"},{"v":0,"d":"0.00"},{"v":0,"d":"0.00"},{"v":0,"d":"0.00"},{"v":0,"d":"0.00"},"1",{"v":241063.96,"d":"241,063.96"},"4","46"]
[null,null,"24","K","224324","PILOTY ZE ŽELEZOBETONU C25/30","M3",{"v":6.11,"d":"6.110"},{"v":5905.4,"d":"5,905.40"},{"v":36081.99,"d":"36,081.99"},null,null,"","základní",null,{"v":0,"d":"0.00000"},{"v":0,"d":"0.00000"},{"v":0,"d":"0.00000"},{"v":0,"d":"0.00000"},{"v":0,"d":"0.00000"},null,null,{"v":0,"d":"0.000"},{"v":0,"d":"0.000"},{"v":-6.11,"d":"-6.110"},{"v":-36081.994,"d":"-36,081.994"},{"v":-0.004000000000814907,"d":"-0.00"},{"$nulls":16},"4",null,"K","1",{"$nulls":3},"ROZPOCET",{"$nulls":5},{"v":36081.99,"d":"36,081.99"},{"v":0,"d":"0.00"},{"v":0,"d":"0.00"},{"v":0,"d":"0.00"},{"v":0,"d":"0.00"},"1",{"v":36081.99,"d":"36,081.99"},"4","48"]
[null,null,"25","K","224365","VÝZTUŽ PILOT Z OCELI 10 505 B 500 B","T",1.166,{"v":59675.7,"d":"59,675.70"},{"v":69581.87,"d":"69,581.87"},null,null,"","základní",null,{"v":0,"d":"0.00000"},{"v":0,"d":"0.00000"},{"v":0,"d":"0.00000"},{"v":0,"d":"0.00000"},{"v":0,"d":"0.00000"},null,null,{"v":0,"d":"0.000"},{"v":0,"d":"0.000"},-1.166,{"v":-69581.86619999999,"d":"-69,581.866"},{"v":3.8000000058673322E-3,"d":"0.00"},{"$nulls":16},"4",null,"K","1",{"$nulls":3},"ROZPOCET",{"$nulls":5},{"v":69581.87,"d":"69,581.87"},{"v":0,"d":"0.00"},{"v":0,"d":"0.00"},{"v":0,"d":"0.00"},{"v":0,"d":"0.00"},"1",{"v":69581.87,"d":"69,581.87"},"4","50"]
[null,null,"26","K","711121","IZOLACE BĚŽN. KONSTRUKCÍ PROTI TLAKOVÉ VODĚ ASF.NÁTĚRY","M2",{"v":16.6,"d":"16.600"},{"v":146,"d":"146.00"},{"v":2423.6,"d":"2,423.60"},null,null,"","základní",null,{"v":0,"d":"0.00000"},{"v":0,"d":"0.00000"},{"v":0,"d":"0.00000"},{"v":0,"d":"0.00000"},{"v":0,"d":"0.00000"},null,null,{"v":0,"d":"0.000"},{"v":0,"d":"0.000"},{"v":0,"d":"0.000"},{"v":0,"d":"0.000"},{"v":2423.6,"d":"2,423.60"},{"$nulls":16},"4",null,"K","1",{"$nulls":3},"ROZPOCET",{"$nulls":5},{"v":2423.6,"d":"2,423.60"},{"v":0,"d":"0.00"},{"v":0,"d":"0.00"},{"v":0,"d":"0.00"},{"v":0,"d":"0.00"},"1",{"v":2423.6,"d":"2,423.60"},"4","52"]
[null,null,"27","K","711122","IZOLACE BĚŽN. KONSTRUKCÍ PROTI TLAKOVÉ VODĚ ASF.PÁSY","M2",{"v":34.13,"d":"34.130"},{"v":254.1,"d":"254.10"},{"v":8672.43,"d":"8,672.43"},null,null,"","základní",null,{"v":0,"d":"0.00000"},{"v":0,"d":"0.00000"},{"v":0,"d":"0.00000"},{"v":0,"d":"0.00000"},{"v":0,"d":"0.00000"},null,null,{"v":0,"d":"0.000"},{"v":0,"d":"0.000"},{"v":0,"d":"0.000"},{"v":0,"d":"0.000"},{"v":8672.43,"d":"8,672.43"},{"$nulls":16},"4",null,"K","1",{"$nulls":3},"ROZPOCET",{"$nulls":5},{"v":8672.43,"d":"8,672.43"},{"v":0,"d":"0.00"},{"v":0,"d":"0.00"},{"v":0,"d":"0.00"},{"v":0,"d":"0.00"},"1",{"v":8672.43,"d":"8,672.43"},"4","54"]
[null,null,"28","K","78382","NÁTĚRY BETONOVÝCH KONSTRUKCÍ typ S1 (OSB)","M2",{"v":126,"d":"126.000"},{"v":524.3,"d":"524.30"},{"v":66061.8,"d":"66,061.80"},null,null,"","základní",null,{"v":0,"d":"0.00000"},{"v":0,"d":"0.00000"},{"v":0,"d":"0.00000"},{"v":0,"d":"0.00000"},{"v":0,"d":"0.00000"},null,null,{"v":0,"d":"0.000"},{"v":0,"d":"0.000"},{"v":0,"d":"0.000"},{"v":0,"d":"0.000"},{"v":66061.8,"d":"66,061.80"},{"$nulls":16},"4",null,"K","1",{"$nulls":3},"ROZPOCET",{"$nulls":5},{"v":66061.8,"d":"66,061.80"},{"v":0,"d":"0.00"},{"v":0,"d":"0.00"},{"v":0,"d":"0.00"},{"v":0,"d":"0.00"},"1",{"v":66061.8,"d":"66,061.80"},"4","56"]
[{"$nulls":3},"D","4","Vodorovné konstrukce",{"$nulls":3},{"$f":"BK121","v":{"v":2189542.8,"d":"2,189,542.80"}},{"$nulls":5},{"$f":"SUM(P122:P136)","v":{"v":0,"d":"0.00000"}},null,{"$f":"SUM(R122:R136)","v":{"v":0,"d":"0.00000"}},null,{"$f":"SUM(T122:T136)","v":{"v":0,"d":"0.00000"}},{"$nulls":3},{"$f":"SUM(X122:X136)","v":{"v":0,"d":"0.00"}},null,{"$f":"SUM(Z122:Z136)","v":{"v":0,"d":"0.00"}},{"$f":"SUM(AA122:AA136)","v":{"v":2189542.8,"d":"2,189,542.80"}},{"$nulls":16},"1",null,"D","0",{"$nulls":3},"ROZPOCET",{"$nulls":11},{"$f":"SUM(BK122:BK136)","v":{"v":2189542.8,"d":"2,189,542.80"}}]
[null,null,"29","K","422325","MOSTNÍ NOSNÉ TRÁMOVÉ KONSTRUKCE ZE ŽELEZOBETONU C 30/37","M3",{"v":47.26,"d":"47.260"},{"v":24409.4,"d":"24,409.40"},{"$f":"ROUND(I122*H122,2)","v":{"v":1153588.24,"d":"1,153,588.24"}},null,null,"","základní",null,{"$f":"O122*H122","v":{"v":0,"d":"0.00000"}},{"v":0,"d":"0.00000"},{"$f":"Q122*H122","v":{"v":0,"d":"0.00000"}},{"v":0,"d":"0.00000"},{"$f":"S122*H122","v":{"v":0,"d":"0.00000"}},null,null,{"v":0,"d":"0.000"},{"$f":"W122*I122","v":{"v":0,"d":"0.000"}},{"v":0,"d":"0.000"},{"$f":"Y122*I122","v":{"v":0,"d":"0.000"}},{"$f":"J122+X122+Z122","v":{"v":1153588.24,"d":"1,153,588.24"}},{"$nulls":16},"4",null,"K","1",{"$nulls":3},"ROZPOCET",{"$nulls":5},{"$f":"IF(N122=\"základní\",J122,0)","v":{"v":1153588.24,"d":"1,153,588.24"}},{"$f":"IF(N122=\"snížená\",J122,0)","v":{"v":0,"d":"0.00"}},{"$f":"IF(N122=\"zákl. přenesená\",J122,0)","v":{"v":0,"d":"0.00"}},{"$f":"IF(N122=\"sníž. přenesená\",J122,0)","v":{"v":0,"d":"0.00"}},{"$f":"IF(N122=\"nulová\",J122,0)","v":{"v":0,"d":"0.00"}},"1",{"$f":"ROUND(I122*H122,2)","v":{"v":1153588.24,"d":"1,153,588.24"}},"4","58"]
[null,null,"30","K","422365","VÝZTUŽ MOSTNÍ TRÁMOVÉ KONSTRUKCE Z OCELI 10505, B500B","T",{"v":7.1,"d":"7.100"},{"v":36973,"d":"36,973.00"},{"v":262508.3,"d":"262,508.30"},null,null,"","základní",null,{"v":0,"d":"0.00000"},{"v":0,"d":"0.00000"},{"v":0,"d":"0.00000"},{"v":0,"d":"0.00000"},{"v":0,"d":"0.00000"},null,null,{"v":0,"d":"0.000"},{"v":0,"d":"0.000"},{"v":0,"d":"0.000"},{"v":0,"d":"0.000"},{"v":262508.3,"d":"262,508.30"},{"$nulls":16},"4",null,"K","1",{"$nulls":3},"ROZPOCET",{"$nulls":5},{"v":262508.3,"d":"262,508.30"},{"v":0,"d":"0.00"},{"v":0,"d":"0.00"},{"v":0,"d":"0.00"},{"v":0,"d":"0.00"},"1",{"v":262508.3,"d":"262,508.30"},"4","60"]
[null,null,"31","K","42838","KLOUB ZE ŽELEZOBETONU VČET VÝZTUŽE","M",{"v":4.8,"d":"4.800"},{"v":1621.6,"d":"1,621.60"},{"v":7783.68,"d":"7,783.68"},null,null,"","základní",null,{"v":0,"d":"0.00000"},{"v":0,"d":"0.00000"},{"v":0,"d":"0.00000"},{"v":0,"d":"0.00000"},{"v":0,"d":"0.00000"},null,null,{"v":0,"d":"0.000"},{"v":0,"d":"0.000"},{"v":0,"d":"0.000"},{"v":0,"d":"0.000"},{"v":7783.68,"d":"7,783.68"},{"$nulls":16},"4",null,"K","1",{"$nulls":3},"ROZPOCET",{"$nulls":5},{"v":7783.68,"d":"7,783.68"},{"v":0,"d":"0.00"},{"v":0,"d":"0.00"},{"v":0,"d":"0.00"},{"v":0,"d":"0.00"},"1",{"v":7783.68,"d":"7,783.68"},"4","62"]
[null,null,"32","K","451312","PODKLADNÍ A VÝPLŇOVÉ VRSTVY Z PROSTÉHO BETONU C12/15","M3",4.296,{"v":3597.8,"d":"3,597.80"},{"v":15456.15,"d":"15,456.15"},null,null,"","základní",null,{"v":0,"d":"0.00000"},{"v":0,"d":"0.00000"},{"v":0,"d":"0.00000"},{"v":0,"d":"0.00000"},{"v":0,"d":"0.00000"},null,null,{"v":0,"d":"0.000"},{"v":0,"d":"0.000"},{"v":0,"d":"0.000"},{"v":0,"d":"0.000"},{"v":15456.15,"d":"15,456.15"},{"$nulls":16},"4",null,"K","1",{"$nulls":3},"ROZPOCET",{"$nulls":5},{"v":15456.15,"d":"15,456.15"},{"v":0,"d":"0.00"},{"v":0,"d":"0.00"},{"v":0,"d":"0.00"},{"v":0,"d":"0.00"},"1",{"v":15456.15,"d":"15,456.15"},"4","64"]
[null,null,"33","K","45860","PODKLADNÍ A VÝPLŇOVÉ VRSTVY Z BETONU MAZEROVITÉHO DRENAŽNÍHO","M3",{"v":7.5,"d":"7.500"},{"v":3773,"d":"3,773.00"},{"v":28297.5,"d":"28,297.50"},null,null,"","základní",null,{"v":0,"d":"0.00000"},{"v":0,"d":"0.00000"},{"v":0,"d":"0.00000"},{"v":0,"d":"0.00000"},{"v":0,"d":"0.00000"},null,null,{"v":0,"d":"0.000"},{"v":0,"d":"0.000"},{"v":0,"d":"0.000"},{"v":0,"d":"0.000"},{"v":28297.5,"d":"28,297.50"},{"$nulls":16},"4",null,"K","1",{"$nulls":3},"ROZPOCET",{"$nulls":5},{"v":28297.5,"d":"28,297.50"},{"v":0,"d":"0.00"},{"v":0,"d":"0.00"},{"v":0,"d":"0.00"},{"v":0,"d":"0.00"},"1",{"v":28297.5,"d":"28,297.50"},"4","66"]
[null,null,"34","K","451523","VÝPLŇ VRSTVY Z KAMENIVA DRCENÉHO, INDEX ZHUTNĚNÍ ID DO 0,9","M3",{"v":8.85,"d":"8.850"},{"v":1391.4,"d":"1,391.40"},{"v":12313.89,"d":"12,313.89"},null,null,"","základní",null,{"v":0,"d":"0.00000"},{"v":0,"d":"0.00000"},{"v":0,"d":"0.00000"},{"v":0,"d":"0.00000"},{"v":0,"d":"0.00000"},null,null,{"v":0,"d":"0.000"},{"v":0,"d":"0.000"},{"v":0,"d":"0.000"},{"v":0,"d":"0.000"},{"v":12313.89,"d":"12,313.89"},{"$nulls":16},"4",null,"K","1",{"$nulls":3},"ROZPOCET",{"$nulls":5},{"v":12313.89,"d":"12,313.89"},{"v":0,"d":"0.00"},{"v":0,"d":"0.00"},{"v":0,"d":"0.00"},{"v":0,"d":"0.00"},"1",{"v":12313.89,"d":"12,313.89"},"4","68"]
[null,null,"35","K","45157","PODKLADNÍ A VÝPLŇOVÉ VRSTVY Z KAMENIVA TĚŽENÉHO","M3",{"v":19.84,"d":"19.840"},{"v":1047.6,"d":"1,047.60"},{"v":20784.38,"d":"20,784.38"},null,null,"","základní",null,{"v":0,"d":"0.00000"},{"v":0,"d":"0.00000"},{"v":0,"d":"0.00000"},{"v":0,"d":"0.00000"},{"v":0,"d":"0.00000"},null,null,{"v":0,"d":"0.000"},{"v":0,"d":"0.000"},{"v":0,"d":"0.000"},{"v":0,"d":"0.000"},{"v":20784.38,"d":"20,784.38"},{"$nulls":16},"4",null,"K","1",{"$nulls":3},"ROZPOCET",{"$nulls":5},{"v":20784.38,"d":"20,784.38"},{"v":0,"d":"0.00"},{"v":0,"d":"0.00"},{"v":0,"d":"0.00"},{"v":0,"d":"0.00"},"1",{"v":20784.38,"d":"20,784.38"},"4","70"]
[null,null,"36","K","23117A","ŠTĚTOVÉ STĚNY BERANĚNÉ Z KOVOVÝCH DÍLCŮ TRVALÉ (PLOCHA)","M2",{"v":34,"d":"34.000"},{"v":3916.2,"d":"3,916.20"},{"v":133150.8,"d":"133,150.80"},null,null,"","základní",null,{"v":0,"d":"0.00000"},{"v":0,"d":"0.00000"},{"v":0,"d":"0.00000"},{"v":0,"d":"0.00000"},{"v":0,"d":"0.00000"},null,null,{"v":0,"d":"0.000"},{"v":0,"d":"0.000"},{"v":0,"d":"0.000"},{"v":0,"d":"0.000"},{"v":133150.8,"d":"133,150.80"},{"$nulls":16},"4",null,"K","1",{"$nulls":3},"ROZPOCET",{"$nulls":5},{"v":133150.8,"d":"133,150.80"},{"v":0,"d":"0.00"},{"v":0,"d":"0.00"},{"v":0,"d":"0.00"},{"v":0,"d":"0.00"},"1",{"v":133150.8,"d":"133,150.80"},"4","72"]
[null,null,"37","K","875332","POTRUBÍ DREN Z TRUB PLAST DN DO 150MM DĚROVANÝCH","M",{"v":6.8,"d":"6.800"},{"v":270.3,"d":"270.30"},{"v":1838.04,"d":"1,838.04"},null,null,"","základní",null,{"v":0,"d":"0.00000"},{"v":0,"d":"0.00000"},{"v":0,"d":"0.00000"},{"v":0,"d":"0.00000"},{"v":0,"d":"0.00000"},null,null,{"v":0,"d":"0.000"},{"v":0,"d":"0.000"},{"v":0,"d":"0.000"},{"v":0,"d":"0.000"},{"v":1838.04,"d":"1,838.04"},{"$nulls":16},"4",null,"K","1",{"$nulls":3},"ROZPOCET",{"$nulls":5},{"v":1838.04,"d":"1,838.04"},{"v":0,"d":"0.00"},{"v":0,"d":"0.00"},{"v":0,"d":"0.00"},{"v":0,"d":"0.00"},"1",{"v":1838.04,"d":"1,838.04"},"4","74"]
[null,null,"38","K","87914","POTRUBÍ ODPADNÍ MOSTNÍCH OBJEKTŮ Z PLAST TRUB DN DO 200 MM","M",{"v":4,"d":"4.000"},{"v":237.8,"d":"237.80"},{"v":951.2,"d":"951.20"},null,null,"","základní",null,{"v":0,"d":"0.00000"},{"v":0,"d":"0.00000"},{"v":0,"d":"0.00000"},{"v":0,"d":"0.00000"},{"v":0,"d":"0.00000"},null,null,{"v":0,"d":"0.000"},{"v":0,"d":"0.000"},{"v":0,"d":"0.000"},{"v":0,"d":"0.000"},{"v":951.2,"d":"951.20"},{"$nulls":16},"4",null,"K","1",{"$nulls":3},"ROZPOCET",{"$nulls":5},{"v":951.2,"d":"951.20"},{"v":0,"d":"0.00"},{"v":0,"d":"0.00"},{"v":0,"d":"0.00"},{"v":0,"d":"0.00"},"1",{"v":951.2,"d":"951.20"},"4","76"]
[null,null,"39","K","57326","MIKROKOBEREC JEDNOVSTVÝ FR.0/5 PŘÍMO PJÍŽĎENÁ IZOLACE","M2",{"v":57.3,"d":"57.300"},{"v":3729.7,"d":"3,729.70"},{"v":213711.81,"d":"213,711.81"},null,null,"","základní",null,{"v":0,"d":"0.00000"},{"v":0,"d":"0.00000"},{"v":0,"d":"0.00000"},{"v":0,"d":"0.00000"},{"v":0,"d":"0.00000"},null,null,{"v":0,"d":"0.000"},{"v":0,"d":"0.000"},{"v":0,"d":"0.000"},{"v":0,"d":"0.000"},{"v":213711.81,"d":"213,711.81"},{"$nulls":16},"4",null,"K","1",{"$nulls":3},"ROZPOCET",{"$nulls":5},{"v":213711.81,"d":"213,711.81"},{"v":0,"d":"0.00"},{"v":0,"d":"0.00"},{"v":0,"d":"0.00"},{"v":0,"d":"0.00"},"1",{"v":213711.81,"d":"213,711.81"},"4","78"]
[null,null,"40","K","93131","TĚSNĚNÍ DILATAČNÍCH SPÁR ASFALTOVOU ZÁLIVKOU","M3",0.003,{"v":75676.7,"d":"75,676.70"},227.03,null,null,"","základní",null,{"v":0,"d":"0.00000"},{"v":0,"d":"0.00000"},{"v":0,"d":"0.00000"},{"v":0,"d":"0.00000"},{"v":0,"d":"0.00000"},null,null,{"v":0,"d":"0.000"},{"v":0,"d":"0.000"},{"v":0,"d":"0.000"},{"v":0,"d":"0.000"},227.03,{"$nulls":16},"4",null,"K","1",{"$nulls":3},"ROZPOCET",{"$nulls":5},227.03,{"v":0,"d":"0.00"},{"v":0,"d":"0.00"},{"v":0,"d":"0.00"},{"v":0,"d":"0.00"},"1",227.03,"4","80"]
[null,null,"41","K","9112B1","ZÁBRADLÍ MOSTNÍ SE SVISLOU VÝPLNÍ - DODÁVKA A MONTÁŽ","M",{"v":36.4,"d":"36.400"},{"v":9275.7,"d":"9,275.70"},{"v":337635.48,"d":"337,635.48"},null,null,"","základní",null,{"v":0,"d":"0.00000"},{"v":0,"d":"0.00000"},{"v":0,"d":"0.00000"},{"v":0,"d":"0.00000"},{"v":0,"d":"0.00000"},null,null,{"v":0,"d":"0.000"},{"v":0,"d":"0.000"},{"v":0,"d":"0.000"},{"v":0,"d":"0.000"},{"v":337635.48,"d":"337,635.48"},{"$nulls":16},"4",null,"K","1",{"$nulls":3},"ROZPOCET",{"$nulls":5},{"v":337635.48,"d":"337,635.48"},{"v":0,"d":"0.00"},{"v":0,"d":"0.00"},{"v":0,"d":"0.00"},{"v":0,"d":"0.00"},"1",{"v":337635.48,"d":"337,635.48"},"4","82"]
[null,null,"42","K","919112","ŘEZÁNÍ ASFALTOVÉHO KRYTU VOZOVEK TL DO 100MM","M",{"v":3,"d":"3.000"},{"v":70.3,"d":"70.30"},{"v":210.9,"d":"210.90"},null,null,"","základní",null,{"v":0,"d":"0.00000"},{"v":0,"d":"0.00000"},{"v":0,"d":"0.00000"},{"v":0,"d":"0.00000"},{"v":0,"d":"0.00000"},null,null,{"v":0,"d":"0.000"},{"v":0,"d":"0.000"},{"v":0,"d":"0.000"},{"v":0,"d":"0.000"},{"v":210.9,"d":"210.90"},{"$nulls":16},"4",null,"K","1",{"$nulls":3},"ROZPOCET",{"$nulls":5},{"v":210.9,"d":"210.90"},{"v":0,"d":"0.00"},{"v":0,"d":"0.00"},{"v":0,"d":"0.00"},{"v":0,"d":"0.00"},"1",{"v":210.9,"d":"210.90"},"4","84"]
[null,null,"43","K","914A41","EV ČÍSLO MOSTU OCEL S FÓLIÍ TŘ.3 DODÁVKA A MONTÁŽ","KUS",{"v":2,"d":"2.000"},{"v":542.7,"d":"542.70"},{"v":1085.4,"d":"1,085.40"},null,null,"","základní",null,{"v":0,"d":"0.00000"},{"v":0,"d":"0.00000"},{"v":0,"d":"0.00000"},{"v":0,"d":"0.00000"},{"v":0,"d":"0.00000"},null,null,{"v":0,"d":"0.000"},{"v":0,"d":"0.000"},{"v":0,"d":"0.000"},{"v":0,"d":"0.000"},{"v":1085.4,"d":"1,085.40"},{"$nulls":16},"4",null,"K","1",{"$nulls":3},"ROZPOCET",{"$nulls":5},{"v":1085.4,"d":"1,085.40"},{"v":0,"d":"0.00"},{"v":0,"d":"0.00"},{"v":0,"d":"0.00"},{"v":0,"d":"0.00"},"1",{"v":1085.4,"d":"1,085.40"},"4","86"]

{"sheet":"export pro SCS","index":3,"n_rows":89,"n_cols":65,"rows_kept":89,"merged":[[1,1,1,9],[1,11,1,21],[6,4,6,7],[8,4,8,7],[17,4,17,7],[26,4,26,7],[47,4,47,7],[49,4,49,7],[73,4,73,7],[75,4,75,7]]}
[]
[null,"Příloha č.1 Změnového listu č.1 - Rozdílový rozpočet",{"$nulls":9},">>  skryté sloupce  <<",{"$nulls":33},"{8f0ec156-bcd2-4a7d-94f7-4455f5464583}"]
[{"$nulls":45},"2"]
[{"$nulls":3},"KRYCÍ LIST SOUPISU PRACÍ",{"$nulls":8},"v ---  níže se nacházejí doplnkové a pomocné údaje k sestavám  --- v",{"$nulls":32},"False"]
[]
[{"$nulls":3},"Stavba:"]
[{"$nulls":4},"Kladská stezka, úsek Jaroměř - Rychnovek"]
[{"$nulls":3},"Objekt:"]
[{"$nulls":4},"SO 201 - Lávka přes Úpu"]
[]
[{"$nulls":3},"KSO:",null,"",null,null,"CC-CZ:",""]
[{"$nulls":3},"Místo:",null," ",null,null,"Datum:","2023-12-04"]
[]
[{"$nulls":3},"Zadavatel:",{"$nulls":4},"IČ:",""]
[{"$nulls":4},"Dobrovolný spolek Kladská stezka",{"$nulls":3},"DIČ:",""]
[]
[{"$nulls":3},"Uchazeč:",{"$nulls":4},"IČ:","48035599"]
[{"$nulls":4},"SWIETELSKY stavební s.r.o.",{"$nulls":3},"DIČ:","CZ48035599"]
[]
[{"$nulls":3},"Projektant:",{"$nulls":4},"IČ:",""]
[{"$nulls":4},"Hronovský – dopravní projekce s.r.o.",{"$nulls":3},"DIČ:",""]
[]
[{"$nulls":3},"Zpracovatel:",{"$nulls":4},"IČ:",""]
[{"$nulls":4},"Kamil Hronovský ",{"$nulls":3},"DIČ:",""]
[]
[{"$nulls":3},"Poznámka:"]
[{"$nulls":4},""]
[]
[]
[{"$nulls":3},"Cena bez DPH",{"$nulls":5},{"$f":"J59","v":{"v":0,"d":"0.00"}}]
[]
[{"$nulls":5},"Základ daně",null,null,"Sazba daně","Výše daně"]
[{"$nulls":3},"DPH","základní",{"$f":"ROUND((SUM(BE84:BE89)),  2)","v":{"v":-170113.94,"d":"-170,113.94"}},null,null,{"v":0.21,"d":"21.00%"},{"$f":"ROUND(((SUM(BE84:BE89))*I33),  2)","v":{"v":-35723.93,"d":"-35,723.93"}}]
[{"$nulls":4},"snížená",{"$f":"ROUND((SUM(BF84:BF89)),  2)","v":{"v":0,"d":"0.00"}},null,null,{"v":0.15,"d":"15.00%"},{"$f":"ROUND(((SUM(BF84:BF89))*I34),  2)","v":{"v":0,"d":"0.00"}}]
[{"$nulls":4},"zákl. přenesená",{"$f":"ROUND((SUM(BG84:BG89)),  2)","v":{"v":0,"d":"0.00"}},null,null,{"v":0.21,"d":"21.00%"},{"$f":"0","v":{"v":0,"d":"0.00"}}]
[{"$nulls":4},"sníž. přenesená",{"$f":"ROUND((SUM(BH84:BH89)),  2)","v":{"v":0,"d":"0.00"}},null,null,{"v":0.15,"d":"15.00%"},{"$f":"0","v":{"v":0,"d":"0.00"}}]
[{"$nulls":4},"nulová",{"$f":"ROUND((SUM(BI84:BI89)),  2)","v":{"v":0,"d":"0.00"}},null,null,{"v":0,"d":"0.00%"},{"$f":"0","v":{"v":0,"d":"0.00"}}]
[]
[{"$nulls":3},"Cena s DPH",null,null,"v","CZK",null,{"$f":"SUM(J30:J37)","v":{"v":-35723.93,"d":"-35,723.93"}}]
[]
[]
[]
[]
[]
[null,null,"REKAPITULACE ČLENĚNÍ SOUPISU PRACÍ"]
[]
[null,null,"Stavba:"]
[{"$nulls":4},{"$f":"E7","v":"Kladská stezka, úsek Jaroměř - Rychnovek"}]
[null,null,"Objekt:"]
[{"$nulls":4},{"$f":"E9","v":"SO 201 - Lávka přes Úpu"}]
[]
[null,null,"Místo:",null,null,{"$f":"F12","v":" "},null,null,"Datum:","2024-07-16"]
[]
[null,null,"Zadavatel:",null,null,{"$f":"E15","v":"Dobrovolný spolek Kladská stezka"},null,null,"Projektant:",{"$f":"E21","v":"Hronovský – dopravní projekce s.r.o."}]
[null,null,"Uchazeč:",null,null,{"$f":"IF(E18=\"\",\"\",E18)","v":"SWIETELSKY stavební s.r.o."},null,null,"Zpracovatel:","Petr Škráček"]
[]
[null,null,"Kód dílu - Popis",{"$nulls":6},"Cena celkem po změně č.1 [CZK]"]
[]
[null,null,"Náklady stavby celkem",{"$nulls":6},{"$f":"AA84","v":{"v":0,"d":"0.00"}},{"$nulls":36},"-1"]
[{"$nulls":3},"0 - Všeobecné konstrukce a práce",{"$nulls":5},{"$f":"#REF!","v":{"$error":"#REF!"}}]
[{"$nulls":3},"1 - Zemní práce",{"$nulls":5},{"$f":"#REF!","v":{"$error":"#REF!"}}]
[{"$nulls":3},"D1 - 2 Základy",{"$nulls":5},{"$f":"#REF!","v":{"$error":"#REF!"}}]
[{"$nulls":3},"3 - Svislé konstrukce",{"$nulls":5},{"$f":"#REF!","v":{"$error":"#REF!"}}]
[{"$nulls":3},"4 - Vodorovné konstrukce",{"$nulls":5},{"$f":"#REF!","v":{"$error":"#REF!"}}]
[]
[]
[]
[]
[]
[]
[null,null,"SOUPIS PRACÍ"]
[]
[null,null,"Stavba:"]
[{"$nulls":4},{"$f":"E7","v":"Kladská stezka, úsek Jaroměř - Rychnovek"}]
[null,null,"Objekt:"]
[{"$nulls":4},{"$f":"E9","v":"SO 201 - Lávka přes Úpu"}]
[]
[null,null,"Místo:",null,null,{"$f":"F12","v":" "},null,null,"Datum:","2024-07-16"]
[]
[null,null,"Zadavatel:",null,null,{"$f":"E15","v":"Dobrovolný spolek Kladská stezka"},null,null,"Projektant:",{"$f":"E21","v":"Hronovský – dopravní projekce s.r.o."}]
[null,null,"Uchazeč:",null,null,{"$f":"IF(E18=\"\",\"\",E18)","v":"SWIETELSKY stavební s.r.o."},null,null,"Zpracovatel:","Petr Škráček"]
[]
[null,null,"PČ","Typ","Kód","Popis","MJ","Množství","J.cena [CZK]","Cena celkem [CZK]","Cenová soustava",null,"","DPH","J. Nh [h]","Nh celkem [h]","J. hmotnost [t]","Hmotnost celkem [t]","J. suť [t]","Suť Celkem [t]",null,null,"Množství navýšení","Cena celkem navýšení","Množství snížení","Cena celkem snížení","Celkem po změně č.1"]
[null,null,"Náklady soupisu celkem",{"$nulls":6},{"$f":"SUM(J85:J89)","v":{"v":19123.809999999998,"d":"19,123.81"}},{"$nulls":5},{"$f":"#REF!+#REF!+#REF!+#REF!+#REF!","v":{"$error":"#REF!"}},null,{"$f":"#REF!+#REF!+#REF!+#REF!+#REF!","v":{"$error":"#REF!"}},null,{"$f":"#REF!+#REF!+#REF!+#REF!+#REF!","v":{"$error":"#REF!"}},{"$nulls":3},{"$f":"SUM(X85:X89)","v":{"v":189237.75,"d":"189,237.75"}},null,{"$f":"SUM(Z85:Z89)","v":{"v":-170113.9402,"d":"-170,113.94"}},{"$nulls":19},"D","-1",{"$nulls":15},{"$f":"#REF!+#REF!+#REF!+#REF!+#REF!","v":{"$error":"#REF!"}}]
[null,null,"15","K","264328","VRTY PRO PILOTY TŘ. III DO 600 MM","M",{"v":-21.6,"d":"-21.600"},{"v":2983.8,"d":"2,983.80"},{"$f":"ROUND(I85*H85,2)","v":{"v":-64450.08,"d":"-64,450.08"}},null,null,"","základní",null,{"$f":"O85*H85","v":{"v":0,"d":"0.00000"}},{"v":0,"d":"0.00000"},{"$f":"Q85*H85","v":{"v":0,"d":"0.00000"}},{"v":0,"d":"0.00000"},{"$f":"S85*H85","v":{"v":0,"d":"0.00000"}},null,null,{"v":0,"d":"0.000"},{"$f":"W85*I85","v":{"v":0,"d":"0.000"}},{"v":-21.6,"d":"-21.600"},{"$f":"Y85*I85","v":{"v":-64450.08000000001,"d":"-64,450.080"}},{"$f":"J85+X85+Z85","v":{"v":-128900.16,"d":"-128,900.16"}},{"$nulls":16},"4",null,"K","1",{"$nulls":3},"ROZPOCET",{"$nulls":5},{"$f":"IF(N85=\"základní\",J85,0)","v":{"v":-64450.08,"d":"-64,450.08"}},{"$f":"IF(N85=\"snížená\",J85,0)","v":{"v":0,"d":"0.00"}},{"$f":"IF(N85=\"zákl. přenesená\",J85,0)","v":{"v":0,"d":"0.00"}},{"$f":"IF(N85=\"sníž. přenesená\",J85,0)","v":{"v":0,"d":"0.00"}},{"$f":"IF(N85=\"nulová\",J85,0)","v":{"v":0,"d":"0.00"}},"1",{"$f":"ROUND(I85*H85,2)","v":{"v":-64450.08,"d":"-64,450.08"}},"4","30"]
[null,null,"N1",null,"227831","Mikropiloty D do 150 mm","m",{"v":39,"d":"39.000"},{"$f":"ROUND(3309.88*0.7656,2)","v":{"v":2534.04,"d":"2,534.04"}},{"$f":"ROUND(I86*H86,2)","v":{"v":98827.56,"d":"98,827.56"}},"Index 0,7656",null,"","základní",null,{"$f":"O86*H86","v":{"v":0,"d":"0.00000"}},{"v":0,"d":"0.00000"},{"$f":"Q86*H86","v":{"v":0,"d":"0.00000"}},{"v":0,"d":"0.00000"},{"$f":"S86*H86","v":{"v":0,"d":"0.00000"}},null,null,{"v":39,"d":"39.000"},{"$f":"W86*I86","v":{"v":98827.56,"d":"98,827.560"}},{"v":0,"d":"0.000"},{"$f":"Y86*I86","v":{"v":0,"d":"0.000"}},{"$f":"J86+X86+Z86","v":{"v":197655.12,"d":"197,655.12"}},{"v":-30257.76,"d":"-30,257.76"}]
[null,null,"N2",null,"26184","Vrty mikropilot tř.III do 200 mm","m",{"v":39,"d":"39.000"},{"$f":"ROUND(3027.97*0.7656,2)","v":{"v":2318.21,"d":"2,318.21"}},{"v":90410.19,"d":"90,410.19"},"Index 0,7656",null,"","základní",null,{"v":0,"d":"0.00000"},{"v":0,"d":"0.00000"},{"v":0,"d":"0.00000"},{"v":0,"d":"0.00000"},{"v":0,"d":"0.00000"},null,null,{"v":39,"d":"39.000"},{"v":90410.19,"d":"90,410.190"},{"v":0,"d":"0.000"},{"v":0,"d":"0.000"},{"v":180820.38,"d":"180,820.38"},{"v":-27680.64,"d":"-27,680.64"}]
[null,null,"24","K","224324","PILOTY ZE ŽELEZOBETONU C25/30","M3",{"v":-6.11,"d":"-6.110"},{"v":5905.4,"d":"5,905.40"},{"$f":"ROUND(I88*H88,2)","v":{"v":-36081.99,"d":"-36,081.99"}},null,null,"","základní",null,{"$f":"O88*H88","v":{"v":0,"d":"0.00000"}},{"v":0,"d":"0.00000"},{"$f":"Q88*H88","v":{"v":0,"d":"0.00000"}},{"v":0,"d":"0.00000"},{"$f":"S88*H88","v":{"v":0,"d":"0.00000"}},null,null,{"v":0,"d":"0.000"},{"$f":"W88*I88","v":{"v":0,"d":"0.000"}},{"v":-6.11,"d":"-6.110"},{"$f":"Y88*I88","v":{"v":-36081.994,"d":"-36,081.994"}},{"$f":"J88+X88+Z88","v":{"v":-72163.984,"d":"-72,163.98"}},{"$nulls":16},"4",null,"K","1",{"$nulls":3},"ROZPOCET",{"$nulls":5},{"$f":"IF(N88=\"základní\",J88,0)","v":{"v":-36081.99,"d":"-36,081.99"}},{"$f":"IF(N88=\"snížená\",J88,0)","v":{"v":0,"d":"0.00"}},{"$f":"IF(N88=\"zákl. přenesená\",J88,0)","v":{"v":0,"d":"0.00"}},{"$f":"IF(N88=\"sníž. přenesená\",J88,0)","v":{"v":0,"d":"0.00"}},{"$f":"IF(N88=\"nulová\",J88,0)","v":{"v":0,"d":"0.00"}},"1",{"$f":"ROUND(I88*H88,2)","v":{"v":-36081.99,"d":"-36,081.99"}},"4","48"]
[null,null,"25","K","224365","VÝZTUŽ PILOT Z OCELI 10 505 B 500 B","T",-1.166,{"v":59675.7,"d":"59,675.70"},{"v":-69581.87,"d":"-69,581.87"},null,null,"","základní",null,{"v":0,"d":"0.00000"},{"v":0,"d":"0.00000"},{"v":0,"d":"0.00000"},{"v":0,"d":"0.00000"},{"v":0,"d":"0.00000"},null,null,{"v":0,"d":"0.000"},{"v":0,"d":"0.000"},-1.166,{"v":-69581.86619999999,"d":"-69,581.866"},{"v":-139163.73619999998,"d":"-139,163.74"},{"$nulls":16},"4",null,"K","1",{"$nulls":3},"ROZPOCET",{"$nulls":5},{"v":-69581.87,"d":"-69,581.87"},{"v":0,"d":"0.00"},{"v":0,"d":"0.00"},{"v":0,"d":"0.00"},{"v":0,"d":"0.00"},"1",{"v":-69581.87,"d":"-69,581.87"},"4","50"]